{"text_format":"2","workbook":"xlsx","n_sheets":5,"sheets":["Orçamento Sintético","Orçamento Analítico","BDI Serviços Desonerado","BDI Fornecimento Desonerado","Encargos Sociais"],"not_rendered":{"charts":0,"images":0,"macros":0,"external_links":1,"defined_names":1,"comments":0,"pivot_tables":0},"unopened":[],"bounds":{"document_bytes":16777216,"sheet_cells":100000,"run_cost":"one","rows_first":2000,"rows_last":500,"rows_between":2000,"halvings":0,"cell_chars":16384,"cell_head_chars":4096},"cells_cut":0,"cells_raw":0,"read":"whole","date_system":"1900"}

{"sheet":"Orçamento Sintético","index":0,"n_rows":150,"n_cols":10,"rows_kept":150,"cut":false,"hidden":false,"merged":[[147,0,147,2],[147,5,147,6],[147,7,147,9],[149,0,149,9],[2,0,2,9],[145,0,145,2],[145,5,145,6],[145,7,145,9],[146,0,146,2],[146,5,146,6],[146,7,146,9],[0,4,0,5],[0,6,0,7],[0,8,0,9],[1,4,1,5],[1,6,1,7],[1,8,1,9]]}
[null,null,null,"Obra","Bancos",null,"B.D.I.",null,"Encargos Sociais"]
[null,null,null,"Contratação de serviços de manutenção predial e de adaptações, sob demanda, para imóveis utilizados pela 13ª Superintendência Regional, nos municípios da região metropolitana de João Pessoa, no Estado da Paraíba","SINAPI - 07/2025 - Paraíba\nSBC - 08/2025 - Paraíba\nORSE - 05/2025 - Sergipe\n",null,"27,53%",null,"Desonerado: \nHorista: 84,85%\nMensalista: 46,62%"]
["Orçamento Sintético"]
["Item","Código","Banco","Descrição","Und","Quant.","Valor Unit","Valor Unit com BDI","Total","Peso (%)"]
[" 1 ","  ",null,"ALVENARIA, REVESTIMENTOS E PINTURA",null,1,"",34049.5,34049.5,0.20854973365572349]
[" 1.1 "," 103329 ","SINAPI","ALVENARIA DE VEDAÇÃO DE BLOCOS CERÂMICOS FURADOS NA HORIZONTAL DE 9X19X19 CM (ESPESSURA 9 CM) E ARGAMASSA DE ASSENTAMENTO COM PREPARO MANUAL. AF_12/2021","m²",10,123.2,157.11000000000001,1571.1,9.6228281339375676E-3]
[" 1.2 "," 87878 ","SINAPI","CHAPISCO APLICADO EM ALVENARIAS E ESTRUTURAS DE CONCRETO INTERNAS, COM COLHER DE PEDREIRO.  ARGAMASSA TRAÇO 1:3 COM PREPARO MANUAL. AF_10/2022","m²",50,6.42,8.18,409,2.5050835126856756E-3]
[" 1.3 "," 87550 ","SINAPI","EMBOÇO, EM ARGAMASSA TRAÇO 1:2:8, PREPARO MANUAL, APLICADO MANUALMENTE EM PAREDES INTERNAS DE AMBIENTES COM ÁREA ENTRE 5M² E 10M², E = 10MM, COM TALISCAS. AF_03/2024","m²",50,35.5,45.27,2263.5,1.3863707899667546E-2]
[" 1.4 "," 104641 ","SINAPI","PINTURA LÁTEX ACRÍLICA ECONÔMICA, APLICAÇÃO MANUAL EM PAREDES, DUAS DEMÃOS. AF_04/2023","m²",2000,11.57,14.75,29500,0.18068450763869787]
[" 1.5 "," 2279 ","ORSE","Emassamento de superfície, com aplicação de 01 demão de massa acrílica, lixamento e retoques - Rev 03","m²",10,23.99,30.59,305.89999999999998,1.8736064707348366E-3]
[" 2 ","  ",null,"LAYOUT",null,1,"",9858.69,9858.69,6.0383476224154381E-2]
[" 2.1 "," 12631 ","ORSE","Retirada de divisória tipo naval","m²",10,46.75,59.62,596.20000000000005,3.6516645238709039E-3]
[" 2.2 "," 12630 ","ORSE","Recolocação de divisória tipo naval","m²",10,34.86,44.45,444.5,2.7225174117085152E-3]
[" 2.3 "," 13128 ","ORSE","Divisoria Naval (painel cego), e=40mm, com perfis em aço - fornecimento e aplicação","m²",50,100,127.53,6376.5,3.9055415693496846E-2]
[" 2.4 "," 4066 ","ORSE","Porta para divisória, dim. 820 x 2110 x 35mm, Naval ou similar - Rev. 01","Un",3,324.63,414,1242,7.607124016517381E-3]
[" 2.5 "," 178 ","ORSE","Ferragem para divisória (vão porta) composta de 3 dobradiças palmela e 1 fechadura tubular Lockwell com botão de giro para travamento, ref:41410N, ou similar","cj",3,313.52,399.83,1199.49,7.3467545785607354E-3]
[" 3 ","  ",null,"ESQUADRIAS",null,1,"",12815.41,12815.41,7.8493086306374402E-2]
[" 3.1 "," 102191 ","SINAPI","REMOÇÃO DE VIDRO LISO COMUM DE ESQUADRIA COM BAGUETE DE ALUMÍNIO OU PVC. AF_01/2021","m²",10,30.67,39.11,391.1,2.3954478283896522E-3]
[" 3.2 "," 102162 ","SINAPI","INSTALAÇÃO DE VIDRO LISO INCOLOR, E = 4 MM, EM ESQUADRIA DE ALUMÍNIO OU PVC, FIXADO COM BAGUETE. AF_01/2021_PS","m²",10,352.43,449.45,4494.5,2.7528356596004326E-2]
[" 3.3 "," 97644 ","SINAPI","REMOÇÃO DE PORTAS, DE FORMA MANUAL, SEM REAPROVEITAMENTO. AF_09/2023","m²",16.8,14,17.850000000000001,299.88,1.836734581379414E-3]
[" 3.4 "," 100695 ","SINAPI","RECOLOCAÇÃO DE FOLHAS DE PORTA DE MADEIRA LEVE OU MÉDIA DE 60CM DE LARGURA, CONSIDERANDO REAPROVEITAMENTO DO MATERIAL. AF_12/2019","UN",5,87.08,111.05,555.25,3.4008499276741355E-3]
[" 3.5 "," 100697 ","SINAPI","RECOLOCAÇÃO DE FOLHAS DE PORTA DE MADEIRA LEVE OU MÉDIA DE 80CM DE LARGURA, CONSIDERANDO REAPROVEITAMENTO DO MATERIAL. AF_12/2019","UN",5,106.76,136.15,680.75,4.1695246974591043E-3]
[" 3.6 "," 100690 ","SINAPI","KIT DE PORTA DE MADEIRA FRISADA, SEMI-OCA (LEVE OU MÉDIA), PADRÃO POPULAR, 80X210CM, ESPESSURA DE 3,5CM, ITENS INCLUSOS: DOBRADIÇAS, MONTAGEM E INSTALAÇÃO DE BATENTE, FECHADURA COM EXECUÇÃO DO FURO - FORNECIMENTO E INSTALAÇÃO. AF_12/2019","UN",2,1049.0999999999999,1337.91,2675.82,1.6389126075585781E-2]
[" 3.7 "," 100688 ","SINAPI","KIT DE PORTA DE MADEIRA FRISADA, SEMI-OCA (LEVE OU MÉDIA), PADRÃO POPULAR, 60X210CM, ESPESSURA DE 3CM, ITENS INCLUSOS: DOBRADIÇAS, MONTAGEM E INSTALAÇÃO DE BATENTE, FECHADURA COM EXECUÇÃO DO FURO - FORNECIMENTO E INSTALAÇÃO. AF_12/2019","UN",3,971.83,1239.3699999999999,3718.11,2.2773046599881996E-2]
[" 4 ","  ",null,"INSTALAÇÕES ELÉTRICAS",null,1,"",30621.52,30621.52,0.18755370387622167]
[" 4.1 ","  ",null,"Eletrodutos, caixas, tomadas e iluminação",null,1,"",27789.94,27789.94,0.17021056360030357]
[" 4.1.1 "," 91863 ","SINAPI","ELETRODUTO RÍGIDO ROSCÁVEL, PVC, DN 25 MM (3/4\"), PARA CIRCUITOS TERMINAIS, INSTALADO EM FORRO - FORNECIMENTO E INSTALAÇÃO. AF_03/2023","M",100,13.76,17.54,1754,1.0743072081297494E-2]
[" 4.1.2 "," 91867 ","SINAPI","ELETRODUTO RÍGIDO ROSCÁVEL, PVC, DN 25 MM (3/4\"), PARA CIRCUITOS TERMINAIS, INSTALADO EM LAJE - FORNECIMENTO E INSTALAÇÃO. AF_03/2023","M",100,11.95,15.23,1523,9.3282205130080283E-3]
[" 4.1.3 "," 91871 ","SINAPI","ELETRODUTO RÍGIDO ROSCÁVEL, PVC, DN 25 MM (3/4\"), PARA CIRCUITOS TERMINAIS, INSTALADO EM PAREDE - FORNECIMENTO E INSTALAÇÃO. AF_03/2023","M",100,18.05,23.01,2301,1.4093391595818433E-2]
[" 4.1.4 "," 91890 ","SINAPI","CURVA 90 GRAUS PARA ELETRODUTO, PVC, ROSCÁVEL, DN 25 MM (3/4\"), PARA CIRCUITOS TERMINAIS, INSTALADA EM FORRO - FORNECIMENTO E INSTALAÇÃO. AF_03/2023","UN",5,16.760000000000002,21.37,106.85,6.5444541156592774E-4]
[" 4.1.5 "," 91902 ","SINAPI","CURVA 90 GRAUS PARA ELETRODUTO, PVC, ROSCÁVEL, DN 25 MM (3/4\"), PARA CIRCUITOS TERMINAIS, INSTALADA EM LAJE - FORNECIMENTO E INSTALAÇÃO. AF_03/2023","UN",5,13.5,17.21,86.05,5.2704752143423563E-4]
[" 4.1.6 "," 91914 ","SINAPI","CURVA 90 GRAUS PARA ELETRODUTO, PVC, ROSCÁVEL, DN 25 MM (3/4\"), PARA CIRCUITOS TERMINAIS, INSTALADA EM PAREDE - FORNECIMENTO E INSTALAÇÃO. AF_03/2023","UN",5,23.35,29.77,148.85,9.116911512549213E-4]
[" 4.1.7 "," 91875 ","SINAPI","LUVA PARA ELETRODUTO, PVC, ROSCÁVEL, DN 25 MM (3/4\"), PARA CIRCUITOS TERMINAIS, INSTALADA EM FORRO - FORNECIMENTO E INSTALAÇÃO. AF_03/2023","UN",5,10.79,13.76,68.8,4.2139302120482755E-4]
[" 4.1.8 "," 91879 ","SINAPI","LUVA PARA ELETRODUTO, PVC, ROSCÁVEL, DN 25 MM (3/4\"), PARA CIRCUITOS TERMINAIS, INSTALADA EM LAJE - FORNECIMENTO E INSTALAÇÃO. AF_03/2023","UN",5,8.64,11.01,55.05,3.371756659495023E-4]
[" 4.1.9 "," 91884 ","SINAPI","LUVA PARA ELETRODUTO, PVC, ROSCÁVEL, DN 25 MM (3/4\"), PARA CIRCUITOS TERMINAIS, INSTALADA EM PAREDE - FORNECIMENTO E INSTALAÇÃO. AF_03/2023","UN",5,15.23,19.420000000000002,97.1,5.9472765056669706E-4]
[" 4.1.10 "," 91924 ","SINAPI","CABO DE COBRE FLEXÍVEL ISOLADO, 1,5 MM², ANTI-CHAMA 450/750 V, PARA CIRCUITOS TERMINAIS - FORNECIMENTO E INSTALAÇÃO. AF_03/2023","M",5,3.8,4.84,24.2,1.482225452493725E-4]
[" 4.1.11 "," 91926 ","SINAPI","CABO DE COBRE FLEXÍVEL ISOLADO, 2,5 MM², ANTI-CHAMA 450/750 V, PARA CIRCUITOS TERMINAIS - FORNECIMENTO E INSTALAÇÃO. AF_03/2023","M",5,5.46,6.96,34.799999999999997,2.1314647002802325E-4]
[" 4.1.12 "," 91928 ","SINAPI","CABO DE COBRE FLEXÍVEL ISOLADO, 4 MM², ANTI-CHAMA 450/750 V, PARA CIRCUITOS TERMINAIS - FORNECIMENTO E INSTALAÇÃO. AF_03/2023","M",100,8.3800000000000008,10.68,1068,6.5413916663772656E-3]
[" 4.1.13 "," 91932 ","SINAPI","CABO DE COBRE FLEXÍVEL ISOLADO, 10 MM², ANTI-CHAMA 450/750 V, PARA CIRCUITOS TERMINAIS - FORNECIMENTO E INSTALAÇÃO. AF_03/2023","M",100,20.68,26.37,2637,1.6151357513330383E-2]
[" 4.1.14 "," 91934 ","SINAPI","CABO DE COBRE FLEXÍVEL ISOLADO, 16 MM², ANTI-CHAMA 450/750 V, PARA CIRCUITOS TERMINAIS - FORNECIMENTO E INSTALAÇÃO. AF_03/2023","M",100,29.93,38.159999999999997,3816,2.3372612920314274E-2]
[" 4.1.15 "," 104475 ","SINAPI","COMPOSIÇÃO PARAMÉTRICA DE PONTO ELÉTRICO DE TOMADA DE USO GERAL 2P+T (10A/250V) COM ELETRODUTO EMBUTIDO EM RASGOS NAS PAREDES, INCLUSO TOMADA, ELETRODUTO, CABO, RASGO, QUEBRA E CHUMBAMENTO. AF_11/2022","UN",5,183.58,234.11,1170.55,7.1695000141178914E-3]
[" 4.1.16 "," 104476 ","SINAPI","COMPOSIÇÃO PARAMÉTRICA DE PONTO ELÉTRICO DE TOMADA DE USO ESPECÍFICO 2P+T (20A/250V) COM ELETRODUTO EMBUTIDO EM RASGOS NAS PAREDES, INCLUSO TOMADA, ELETRODUTO, CABO, RASGO, QUEBRA E CHUMBAMENTO (EXCETO CHUVEIRO). AF_11/2022","UN",5,238.08,303.62,1518.1,9.2982085100443129E-3]
[" 4.1.17 "," 104479 ","SINAPI","COMPOSIÇÃO PARAMÉTRICA DE PONTO ELÉTRICO DE TOMADA DE USO GERAL 2P+T (10A/250V) COM ELETRODUTO EMBUTIDO SEM NECESSIDADE DE RASGOS, INCLUSO TOMADA, ELETRODUTO, CABO E QUEBRA. AF_11/2022","UN",5,154.88999999999999,197.53,987.65,6.049256066757964E-3]
[" 4.1.18 "," 104480 ","SINAPI","COMPOSIÇÃO PARAMÉTRICA DE PONTO ELÉTRICO DE TOMADA DE USO ESPECÍFICO 2P+T (20A/250V) COM ELETRODUTO EMBUTIDO SEM NECESSIDADE DE RASGOS, INCLUSO TOMADA, ELETRODUTO, CABO E QUEBRA (EXCETO CHUVEIRO). AF_11/2022","UN",5,175.32,223.58,1117.9000000000001,6.8470241047220454E-3]
[" 4.1.19 "," 104474 ","SINAPI","COMPOSIÇÃO PARAMÉTRICA DE PONTO ELÉTRICO DE ILUMINAÇÃO, COM INTERRUPTOR PARALELO, COM ELETRODUTO EMBUTIDO EM RASGOS NAS PAREDES, INCLUSO CAIXA ELÉTRICA, MÓDULO DE TOMADA, ELETRODUTO, CABO, RASGO, QUEBRA E CHUMBAMENTO (SEM LUMINÁRIA E LÂMPADA). AF_11/2022","UN",5,457.66,583.65,2918.25,1.7873985234462035E-2]
[" 4.1.20 "," 104478 ","SINAPI","COMPOSIÇÃO PARAMÉTRICA DE PONTO ELÉTRICO DE ILUMINAÇÃO, COM INTERRUPTOR PARALELO, COM ELETRODUTO EMBUTIDO SEM NECESSIDADE DE RASGOS, INCLUSO TOMADA, ELETRODUTO, CABO E QUEBRA (SEM LUMINÁRIA E LÂMPADA). AF_11/2022","UN",5,386.32,492.67,2463.35,1.5087768877687674E-2]
[" 4.1.21 "," 104473 ","SINAPI","COMPOSIÇÃO PARAMÉTRICA DE PONTO ELÉTRICO DE ILUMINAÇÃO, COM INTERRUPTOR SIMPLES, COM ELETRODUTO EMBUTIDO EM RASGOS NAS PAREDES, INCLUSO TOMADA, ELETRODUTO, CABO, RASGO E CHUMBAMENTO (SEM LUMINÁRIA E LÂMPADA). AF_11/2022","UN",5,214.37,273.38,1366.9,8.3721238471639366E-3]
[" 4.1.22 "," 104477 ","SINAPI","COMPOSIÇÃO PARAMÉTRICA DE PONTO ELÉTRICO DE ILUMINAÇÃO, COM INTERRUPTOR SIMPLES, COM ELETRODUTO EMBUTIDO SEM NECESSIDADE DE RASGOS, INCLUSO TOMADA, ELETRODUTO, CABO E QUEBRA (SEM LUMINÁRIA E LÂMPADA). AF_11/2022","UN",5,174.08,222,1110,6.7986374060662585E-3]
[" 4.1.23 "," 93653 ","SINAPI","DISJUNTOR MONOPOLAR TIPO DIN, CORRENTE NOMINAL DE 10A - FORNECIMENTO E INSTALAÇÃO. AF_10/2020","UN",5,11.02,14.05,70.25,4.3027412412266188E-4]
[" 4.1.24 "," 93654 ","SINAPI","DISJUNTOR MONOPOLAR TIPO DIN, CORRENTE NOMINAL DE 16A - FORNECIMENTO E INSTALAÇÃO. AF_10/2020","UN",5,11.02,14.05,70.25,4.3027412412266188E-4]
[" 4.1.25 "," 93655 ","SINAPI","DISJUNTOR MONOPOLAR TIPO DIN, CORRENTE NOMINAL DE 20A - FORNECIMENTO E INSTALAÇÃO. AF_10/2020","UN",5,12.15,15.49,77.45,4.7437339378363221E-4]
[" 4.1.26 "," 93661 ","SINAPI","DISJUNTOR BIPOLAR TIPO DIN, CORRENTE NOMINAL DE 16A - FORNECIMENTO E INSTALAÇÃO. AF_10/2020","UN",5,49.98,63.73,318.64999999999998,1.9516989274261382E-3]
[" 4.1.27 "," 93662 ","SINAPI","DISJUNTOR BIPOLAR TIPO DIN, CORRENTE NOMINAL DE 20A - FORNECIMENTO E INSTALAÇÃO. AF_10/2020","UN",5,52.24,66.62,333.1,2.04020371167628E-3]
[" 4.1.28 "," 12808 ","ORSE","Refletor Slim LED 200W de potência, branco Frio, 6500k, Autovolt, marca G-light ou similar","un",2,150.57,192.02,384.04,2.3522060445276449E-3]
[" 4.1.29 "," 00038194 ","SINAPI","LAMPADA LED 10 W BIVOLT BRANCA, FORMATO TRADICIONAL (BASE E27)","UN",10,4.6399999999999997,"5,58 \n (BDI 20,37%) ",55.8,3.4176933987252006E-4]
[" 4.1.30 "," 00039387 ","SINAPI","LAMPADA LED TUBULAR BIVOLT 18/20 W, BASE G13","UN",10,8.89,"10,70 \n (BDI 20,37%) ",107,6.5536414635053127E-4]
[" 4.2 ","  ",null,"Ar-condicionado",null,1,"",2831.58,2831.58,1.7343140275918104E-2]
[" 4.2.1 "," 103261 ","SINAPI","AR CONDICIONADO SPLIT INVERTER, PISO TETO, 36000 BTU/H, CICLO FRIO -  INSTALAÇÃO, EXCLUSIVE FORNECIMENTO (MODIFICADO). AF_11/2021_PSE","UN",2,402.57,513.39,1026.78,6.2889233475682104E-3]
[" 4.2.2 "," 103247 ","SINAPI","AR CONDICIONADO SPLIT INVERTER, HI-WALL (PAREDE), 12000 BTU/H, CICLO FRIO -  INSTALAÇÃO, EXCLUSIVE FORNECIMENTO (MODIFICADO). AF_11/2021_PE","UN",3,235.87,300.8,902.4,5.5271084641749478E-3]
[" 4.2.3 "," 103244 ","SINAPI","AR CONDICIONADO SPLIT INVERTER, HI-WALL (PAREDE), 9000 BTU/H, CICLO FRIO - INSTALAÇÃO, EXCLUSIVE FORNECIMENTO (MODIFICADO). AF_11/2021_PE","UN",3,235.87,300.8,902.4,5.5271084641749478E-3]
[" 5 ","  ",null,"INSTALAÇÃO DE REDE LÓGICA",null,1,"",5221.24,5221.24,3.1979565378422878E-2]
[" 5.1 "," 98307 ","SINAPI","TOMADA DE REDE RJ45 - FORNECIMENTO E INSTALAÇÃO. AF_11/2019","UN",5,47.35,60.38,301.89999999999998,1.8491068764787419E-3]
[" 5.2 "," 11402 ","ORSE","Canaleta plástica 30 x 30mm, cinza, Hellerman ou similar","m",50,68.17,86.93,4346.5,2.6621871608528823E-2]
[" 5.3 "," 059972 ","SBC","CABO DE REDE RJ-45 COM 10 METROS","UN",10,37.72,48.1,481,2.9460762092953789E-3]
[" 5.4 "," 7781 ","ORSE","Switch 08 portas 10/100 Mbps - fornecimento","un",1,76.3,"91,84 \n (BDI 20,37%) ",91.84,5.6251068411993259E-4]
[" 6 ","  ",null,"COBERTURA",null,1,"",7509.6,7509.6,4.5995538256392049E-2]
[" 6.1 "," 4865 ","ORSE","Limpeza de calha (MODIFICADO)","m",300,15.39,19.62,5886,3.6051152947843244E-2]
[" 6.2 "," 94207 ","SINAPI","TELHAMENTO COM TELHA ONDULADA DE FIBROCIMENTO E = 6 MM, COM RECOBRIMENTO LATERAL DE 1/4 DE ONDA PARA TELHADO COM INCLINAÇÃO MAIOR QUE 10°, COM ATÉ 2 ÁGUAS, INCLUSO IÇAMENTO. AF_07/2019","m²",20,63.66,81.180000000000007,1623.6,9.9443853085488081E-3]
[" 7 ","  ",null,"INSTALAÇÕES HIDROSSANITÁRIAS",null,1,"",25597.65,25597.65,0.15678300972738016]
[" 7.1 ","  ",null,"Instalações de Água Fria",null,1,"",7463.8,7463.8,4.5715017902159767E-2]
[" 7.1.1 "," 89355 ","SINAPI","TUBO, PVC, SOLDÁVEL, DE 20MM, INSTALADO EM RAMAL OU SUB-RAMAL DE ÁGUA - FORNECIMENTO E INSTALAÇÃO. AF_06/2022","M",50,27.2,34.68,1734,1.062057411001702E-2]
[" 7.1.2 "," 89356 ","SINAPI","TUBO, PVC, SOLDÁVEL, DE 25MM, INSTALADO EM RAMAL OU SUB-RAMAL DE ÁGUA - FORNECIMENTO E INSTALAÇÃO. AF_06/2022","M",50,31.42,40.06,2003,1.2268171823739384E-2]
[" 7.1.3 "," 89377 ","SINAPI","CURVA DE TRANSPOSIÇÃO, PVC, SOLDÁVEL, DN 20MM, INSTALADO EM RAMAL OU SUB-RAMAL DE ÁGUA - FORNECIMENTO E INSTALAÇÃO. AF_06/2022","UN",50,11.68,14.89,744.5,4.559986980915612E-3]
[" 7.1.4 "," 89384 ","SINAPI","CURVA DE TRANSPOSIÇÃO, PVC, SOLDÁVEL, DN 25MM, INSTALADO EM RAMAL OU SUB-RAMAL DE ÁGUA   FORNECIMENTO E INSTALAÇÃO. AF_06/2022","UN",10,14.63,18.649999999999999,186.5,1.1422935821904119E-3]
[" 7.1.5 "," 89359 ","SINAPI","JOELHO 45 GRAUS, PVC, SOLDÁVEL, DN 20MM, INSTALADO EM RAMAL OU SUB-RAMAL DE ÁGUA - FORNECIMENTO E INSTALAÇÃO. AF_06/2022","UN",10,11.03,14.06,140.6,8.6116073810172614E-4]
[" 7.1.6 "," 89358 ","SINAPI","JOELHO 90 GRAUS, PVC, SOLDÁVEL, DN 20MM, INSTALADO EM RAMAL OU SUB-RAMAL DE ÁGUA - FORNECIMENTO E INSTALAÇÃO. AF_06/2022","UN",10,10.5,13.39,133.9,8.2012391772276765E-4]
[" 7.1.7 "," 89363 ","SINAPI","JOELHO 45 GRAUS, PVC, SOLDÁVEL, DN 25MM, INSTALADO EM RAMAL OU SUB-RAMAL DE ÁGUA - FORNECIMENTO E INSTALAÇÃO. AF_06/2022","UN",10,13.11,16.71,167.1,1.0234705500483531E-3]
[" 7.1.8 "," 89362 ","SINAPI","JOELHO 90 GRAUS, PVC, SOLDÁVEL, DN 25MM, INSTALADO EM RAMAL OU SUB-RAMAL DE ÁGUA - FORNECIMENTO E INSTALAÇÃO. AF_06/2022","UN",10,12.35,15.74,157.4,9.6405903397732353E-4]
[" 7.1.9 "," 89372 ","SINAPI","LUVA DE CORRER, PVC, SOLDÁVEL, DN 20MM, INSTALADO EM RAMAL OU SUB-RAMAL DE ÁGUA - FORNECIMENTO E INSTALAÇÃO. AF_06/2022","UN",10,17.3,22.06,220.6,1.3511526232236185E-3]
[" 7.1.10 "," 89379 ","SINAPI","LUVA DE CORRER, PVC, SOLDÁVEL, DN 25MM, INSTALADO EM RAMAL OU SUB-RAMAL DE ÁGUA - FORNECIMENTO E INSTALAÇÃO. AF_12/2014","UN",10,20.23,25.79,257.89999999999998,1.579611339661701E-3]
[" 7.1.11 "," 89373 ","SINAPI","LUVA DE REDUÇÃO, PVC, SOLDÁVEL, DN 25MM X 20MM, INSTALADO EM RAMAL OU SUB-RAMAL DE ÁGUA - FORNECIMENTO E INSTALAÇÃO. AF_06/2022","UN",5,8.81,11.23,56.15,3.4391305436992832E-4]
[" 7.1.12 "," 89371 ","SINAPI","LUVA, PVC, SOLDÁVEL, DN 20MM, INSTALADO EM RAMAL OU SUB-RAMAL DE ÁGUA - FORNECIMENTO E INSTALAÇÃO. AF_06/2022","UN",5,7.57,9.65,48.25,2.9552635571414141E-4]
[" 7.1.13 "," 89378 ","SINAPI","LUVA, PVC, SOLDÁVEL, DN 25MM, INSTALADO EM RAMAL OU SUB-RAMAL DE ÁGUA - FORNECIMENTO E INSTALAÇÃO. AF_06/2022","UN",5,8.83,11.26,56.3,3.4483178915453185E-4]
[" 7.1.14 "," 89393 ","SINAPI","TE, PVC, SOLDÁVEL, DN 20MM, INSTALADO EM RAMAL OU SUB-RAMAL DE ÁGUA - FORNECIMENTO E INSTALAÇÃO. AF_06/2022","UN",5,14.37,18.32,91.6,5.6104070846456691E-4]
[" 7.1.15 "," 89395 ","SINAPI","TE, PVC, SOLDÁVEL, DN 25MM, INSTALADO EM RAMAL OU SUB-RAMAL DE ÁGUA - FORNECIMENTO E INSTALAÇÃO. AF_06/2022","UN",5,16.829999999999998,21.46,107.3,6.5720161591973833E-4]
[" 7.1.16 "," 89375 ","SINAPI","UNIÃO, PVC, SOLDÁVEL, DN 20MM, INSTALADO EM RAMAL OU SUB-RAMAL DE ÁGUA - FORNECIMENTO E INSTALAÇÃO. AF_06/2022","UN",5,13.37,17.05,85.25,5.2214760258301673E-4]
[" 7.1.17 "," 89382 ","SINAPI","UNIÃO, PVC, SOLDÁVEL, DN 25MM, INSTALADO EM RAMAL OU SUB-RAMAL DE ÁGUA - FORNECIMENTO E INSTALAÇÃO. AF_06/2022","UN",5,15.93,20.309999999999999,101.55,6.2198344917660238E-4]
[" 7.1.18 "," 89957 ","SINAPI","PONTO DE CONSUMO TERMINAL DE ÁGUA FRIA (SUBRAMAL) COM TUBULAÇÃO DE PVC, DN 25 MM, INSTALADO EM RAMAL DE ÁGUA, INCLUSOS RASGO E CHUMBAMENTO EM ALVENARIA. AF_12/2014","UN",5,183.79,234.38,1171.9000000000001,7.1777686271793234E-3]
[" 7.2 ","  ",null,"Instalações de Águas Pluviais",null,1,"",4667.3999999999996,4667.3999999999996,2.8587351557724013E-2]
[" 7.2.1 "," 89508 ","SINAPI","TUBO PVC, SÉRIE R, ÁGUA PLUVIAL, DN 40 MM, FORNECIDO E INSTALADO EM RAMAL DE ENCAMINHAMENTO. AF_06/2022","M",15,18.95,24.16,362.4,2.2196632396021729E-3]
[" 7.2.2 "," 89509 ","SINAPI","TUBO PVC, SÉRIE R, ÁGUA PLUVIAL, DN 50 MM, FORNECIDO E INSTALADO EM RAMAL DE ENCAMINHAMENTO. AF_06/2022","M",15,25.33,32.299999999999997,484.5,2.9675133542694616E-3]
[" 7.2.3 "," 89511 ","SINAPI","TUBO PVC, SÉRIE R, ÁGUA PLUVIAL, DN 75 MM, FORNECIDO E INSTALADO EM RAMAL DE ENCAMINHAMENTO. AF_06/2022","M",15,42.41,54.08,811.2,4.9685177151359899E-3]
[" 7.2.4 "," 89512 ","SINAPI","TUBO PVC, SÉRIE R, ÁGUA PLUVIAL, DN 100 MM, FORNECIDO E INSTALADO EM RAMAL DE ENCAMINHAMENTO. AF_06/2022","M",15,54.57,69.59,1043.8499999999999,6.3934753660560943E-3]
[" 7.2.5 "," 89576 ","SINAPI","TUBO PVC, SÉRIE R, ÁGUA PLUVIAL, DN 75 MM, FORNECIDO E INSTALADO EM CONDUTORES VERTICAIS DE ÁGUAS PLUVIAIS. AF_06/2022","M",15,24.99,31.86,477.9,2.9270890237469054E-3]
[" 7.2.6 "," 89578 ","SINAPI","TUBO PVC, SÉRIE R, ÁGUA PLUVIAL, DN 100 MM, FORNECIDO E INSTALADO EM CONDUTORES VERTICAIS DE ÁGUAS PLUVIAIS. AF_06/2022","M",15,31.44,40.090000000000003,601.35,3.6832077514756261E-3]
[" 7.2.7 "," 89600 ","SINAPI","LUVA DE CORRER, PVC, SERIE R, ÁGUA PLUVIAL, DN 75 MM, JUNTA ELÁSTICA, FORNECIDO E INSTALADO EM CONDUTORES VERTICAIS DE ÁGUAS PLUVIAIS. AF_06/2022","UN",5,26.59,33.909999999999997,169.55,1.038476551530211E-3]
[" 7.2.8 "," 89671 ","SINAPI","LUVA DE CORRER, PVC, SERIE R, ÁGUA PLUVIAL, DN 100 MM, JUNTA ELÁSTICA, FORNECIDO E INSTALADO EM CONDUTORES VERTICAIS DE ÁGUAS PLUVIAIS. AF_06/2022","UN",5,45.4,57.89,289.45,1.7728518893566473E-3]
[" 7.2.9 "," 91174 ","SINAPI","FIXAÇÃO DE TUBOS VERTICAIS DE PVC ÁGUA, PVC ESGOTO, PVC ÁGUA PLUVIAL, CPVC, PPR, COBRE OU AÇO, DIÂMETROS MAIORES QUE 40 MM E MENORES OU IGUAIS A 75 MM, COM ABRAÇADEIRA METÁLICA RÍGIDA TIPO U PERFIL 2 1/2\", FIXADA EM PERFILADO EM PAREDE. AF_09/2023_PS","M",15,8.74,11.14,167.1,1.0234705500483531E-3]
[" 7.2.10 "," 91175 ","SINAPI","FIXAÇÃO DE TUBOS VERTICAIS DE PVC ÁGUA, PVC ESGOTO, PVC ÁGUA PLUVIAL, CPVC, PPR, COBRE OU AÇO, DIÂMETROS MAIORES QUE 75 MM E MENORES OU IGUAIS A 100 MM, COM ABRAÇADEIRA METÁLICA RÍGIDA TIPO U PERFIL 4\", FIXADA EM PERFILADO EM PAREDE. AF_09/2023_PS","M",15,13.6,17.34,260.10000000000002,1.5930861165025531E-3]
[" 7.3 ","  ",null,"Instalações de Esgoto Sanitário",null,1,"",3824.58,3824.58,2.3425164549993598E-2]
[" 7.3.1 "," 89707 ","SINAPI","CAIXA SIFONADA, PVC, DN 100 X 100 X 50 MM, JUNTA ELÁSTICA, FORNECIDA E INSTALADA EM RAMAL DE DESCARGA OU EM RAMAL DE ESGOTO SANITÁRIO. AF_08/2022","UN",3,51.47,65.63,196.89,1.2059312782706176E-3]
[" 7.3.2 "," 104327 ","SINAPI","RALO SIFONADO REDONDO, PVC, DN 100 X 40 MM, JUNTA SOLDÁVEL, FORNECIDO E INSTALADO EM RAMAL DE DESCARGA OU EM RAMAL DE ESGOTO SANITÁRIO. AF_08/2022","UN",3,20.53,26.18,78.540000000000006,4.8104953321841798E-4]
[" 7.3.3 "," 89726 ","SINAPI","JOELHO 45 GRAUS, PVC, SERIE NORMAL, ESGOTO PREDIAL, DN 40 MM, JUNTA SOLDÁVEL, FORNECIDO E INSTALADO EM RAMAL DE DESCARGA OU RAMAL DE ESGOTO SANITÁRIO. AF_08/2022","UN",5,12.43,15.85,79.25,4.853982111988748E-4]
[" 7.3.4 "," 89732 ","SINAPI","JOELHO 45 GRAUS, PVC, SERIE NORMAL, ESGOTO PREDIAL, DN 50 MM, JUNTA ELÁSTICA, FORNECIDO E INSTALADO EM RAMAL DE DESCARGA OU RAMAL DE ESGOTO SANITÁRIO. AF_08/2022","UN",5,18.16,23.15,115.75,7.0895700878573827E-4]
[" 7.3.5 "," 89739 ","SINAPI","JOELHO 45 GRAUS, PVC, SERIE NORMAL, ESGOTO PREDIAL, DN 75 MM, JUNTA ELÁSTICA, FORNECIDO E INSTALADO EM RAMAL DE DESCARGA OU RAMAL DE ESGOTO SANITÁRIO. AF_08/2022","UN",5,26.18,33.380000000000003,166.9,1.0222455703355483E-3]
[" 7.3.6 "," 89746 ","SINAPI","JOELHO 45 GRAUS, PVC, SERIE NORMAL, ESGOTO PREDIAL, DN 100 MM, JUNTA ELÁSTICA, FORNECIDO E INSTALADO EM RAMAL DE DESCARGA OU RAMAL DE ESGOTO SANITÁRIO. AF_08/2022","UN",5,31.21,39.799999999999997,199,1.2188548142407077E-3]
[" 7.3.7 "," 89724 ","SINAPI","JOELHO 90 GRAUS, PVC, SERIE NORMAL, ESGOTO PREDIAL, DN 40 MM, JUNTA SOLDÁVEL, FORNECIDO E INSTALADO EM RAMAL DE DESCARGA OU RAMAL DE ESGOTO SANITÁRIO. AF_08/2022","UN",5,12.23,15.59,77.95,4.7743584306564406E-4]
[" 7.3.8 "," 89731 ","SINAPI","JOELHO 90 GRAUS, PVC, SERIE NORMAL, ESGOTO PREDIAL, DN 50 MM, JUNTA ELÁSTICA, FORNECIDO E INSTALADO EM RAMAL DE DESCARGA OU RAMAL DE ESGOTO SANITÁRIO. AF_08/2022","UN",5,17.510000000000002,22.33,111.65,6.8384492467324126E-4]
[" 7.3.9 "," 89737 ","SINAPI","JOELHO 90 GRAUS, PVC, SERIE NORMAL, ESGOTO PREDIAL, DN 75 MM, JUNTA ELÁSTICA, FORNECIDO E INSTALADO EM RAMAL DE DESCARGA OU RAMAL DE ESGOTO SANITÁRIO. AF_08/2022","UN",5,25.3,32.26,161.30000000000001,9.8794613837701576E-4]
[" 7.3.10 "," 89744 ","SINAPI","JOELHO 90 GRAUS, PVC, SERIE NORMAL, ESGOTO PREDIAL, DN 100 MM, JUNTA ELÁSTICA, FORNECIDO E INSTALADO EM RAMAL DE DESCARGA OU RAMAL DE ESGOTO SANITÁRIO. AF_08/2022","UN",5,30.47,38.85,194.25,1.1897615460615954E-3]
[" 7.3.11 "," 89754 ","SINAPI","LUVA DE CORRER, PVC, SERIE NORMAL, ESGOTO PREDIAL, DN 50 MM, JUNTA ELÁSTICA, FORNECIDO E INSTALADO EM RAMAL DE DESCARGA OU RAMAL DE ESGOTO SANITÁRIO. AF_08/2022","UN",5,21.57,27.5,137.5,8.4217355255325282E-4]
[" 7.3.12 "," 89776 ","SINAPI","LUVA DE CORRER, PVC, SERIE NORMAL, ESGOTO PREDIAL, DN 75 MM, JUNTA ELÁSTICA, FORNECIDO E INSTALADO EM RAMAL DE DESCARGA OU RAMAL DE ESGOTO SANITÁRIO. AF_08/2022","UN",5,26.35,33.6,168,1.0289829587559743E-3]
[" 7.3.13 "," 89779 ","SINAPI","LUVA DE CORRER, PVC, SERIE NORMAL, ESGOTO PREDIAL, DN 100 MM, JUNTA ELÁSTICA, FORNECIDO E INSTALADO EM RAMAL DE DESCARGA OU RAMAL DE ESGOTO SANITÁRIO. AF_08/2022","UN",5,34.979999999999997,44.6,223,1.3658523797772755E-3]
[" 7.3.14 "," 89711 ","SINAPI","TUBO PVC, SERIE NORMAL, ESGOTO PREDIAL, DN 40 MM, FORNECIDO E INSTALADO EM RAMAL DE DESCARGA OU RAMAL DE ESGOTO SANITÁRIO. AF_08/2022","M",15,26.95,34.36,515.4,3.1567727198977924E-3]
[" 7.3.15 "," 89712 ","SINAPI","TUBO PVC, SERIE NORMAL, ESGOTO PREDIAL, DN 50 MM, FORNECIDO E INSTALADO EM RAMAL DE DESCARGA OU RAMAL DE ESGOTO SANITÁRIO. AF_08/2022","M",15,32.75,41.76,626.4,3.8366364605044185E-3]
[" 7.3.16 "," 89713 ","SINAPI","TUBO PVC, SERIE NORMAL, ESGOTO PREDIAL, DN 75 MM, FORNECIDO E INSTALADO EM RAMAL DE DESCARGA OU RAMAL DE ESGOTO SANITÁRIO. AF_08/2022","M",15,40.4,51.52,772.8,4.7333216102774817E-3]
[" 7.4 ","  ",null,"Válvulas, registros, louças e metais",null,1,"",9641.8700000000008,9641.8700000000008,5.9055475717502776E-2]
[" 7.4.1 "," 103050 ","SINAPI","SUBSTITUIÇÃO DE REGISTRO OU VÁLVULA, ROSCÁVEL, DN  20 MM. AF_08/2021","UN",10,32.39,41.3,413,2.5295831069417703E-3]
[" 7.4.2 "," 103051 ","SINAPI","SUBSTITUIÇÃO DE REGISTRO OU VÁLVULA, ROSCÁVEL, DN  25 MM. AF_08/2021","UN",10,39.19,49.97,499.7,3.0606118124426214E-3]
[" 7.4.3 "," 89353 ","SINAPI","REGISTRO DE GAVETA BRUTO, LATÃO, ROSCÁVEL, 3/4\" - FORNECIMENTO E INSTALAÇÃO. AF_08/2021","UN",5,44.56,56.82,284.10000000000002,1.7400836820391208E-3]
[" 7.4.4 "," 94495 ","SINAPI","REGISTRO DE GAVETA BRUTO, LATÃO, ROSCÁVEL, 1\" - FORNECIMENTO E INSTALAÇÃO. AF_08/2021","UN",5,68.53,87.39,436.95,2.6762744275501365E-3]
[" 7.4.5 "," 103042 ","SINAPI","REGISTRO DE ESFERA, PVC, ROSCÁVEL, COM BORBOLETA, 3/4\" - FORNECIMENTO E INSTALAÇÃO. AF_08/2021","UN",5,21.63,27.58,137.9,8.4462351197886227E-4]
[" 7.4.6 "," 103037 ","SINAPI","REGISTRO DE ESFERA, PVC, ROSCÁVEL, COM VOLANTE, 1\" - FORNECIMENTO E INSTALAÇÃO. AF_08/2021","UN",5,39.03,49.77,248.85,1.524181007657287E-3]
[" 7.4.7 "," 86939 ","SINAPI","LAVATÓRIO LOUÇA BRANCA COM COLUNA, *44 X 35,5* CM, PADRÃO POPULAR, INCLUSO SIFÃO FLEXÍVEL EM PVC, VÁLVULA E ENGATE FLEXÍVEL 30CM EM PLÁSTICO E COM TORNEIRA CROMADA PADRÃO POPULAR - FORNECIMENTO E INSTALAÇÃO. AF_01/2020","UN",3,464.35,592.17999999999995,1776.54,1.0881127294930586E-2]
[" 7.4.8 "," 86888 ","SINAPI","VASO SANITÁRIO SIFONADO COM CAIXA ACOPLADA LOUÇA BRANCA - FORNECIMENTO E INSTALAÇÃO. AF_01/2020","UN",3,527.34,672.51,2017.53,1.2357166599874648E-2]
[" 7.4.9 "," 95544 ","SINAPI","PAPELEIRA DE PAREDE EM METAL CROMADO SEM TAMPA, INCLUSO FIXAÇÃO. AF_01/2020","UN",5,41,52.28,261.39999999999998,1.6010484846357839E-3]
[" 7.4.10 "," 95547 ","SINAPI","SABONETEIRA PLASTICA TIPO DISPENSER PARA SABONETE LIQUIDO COM RESERVATORIO 800 A 1500 ML, INCLUSO FIXAÇÃO. AF_01/2020","UN",5,100.36,127.98,639.9,3.9193225911187375E-3]
[" 7.4.11 "," 86906 ","SINAPI","TORNEIRA CROMADA DE MESA, 1/2\" OU 3/4\", PARA LAVATÓRIO, PADRÃO POPULAR - FORNECIMENTO E INSTALAÇÃO. AF_01/2020","UN",10,83.7,106.74,1067.4000000000001,6.5377167272388514E-3]
[" 7.4.12 "," 86883 ","SINAPI","SIFÃO DO TIPO FLEXÍVEL EM PVC 1  X 1.1/2  - FORNECIMENTO E INSTALAÇÃO. AF_01/2020","UN",5,12.85,16.38,81.900000000000006,5.0162919239353748E-4]
[" 7.4.13 "," 3712 ","ORSE","Valvula de escoamento para mictório, DECA, Decamatic 2570C ou similar","un",5,278.64,355.34,1776.7,1.088210727870083E-2]
[" 8 ","  ",null,"IMPERMEABILIZAÇÃO",null,1,"",6211,6211,3.8041744981150934E-2]
[" 8.1 "," 98555 ","SINAPI","IMPERMEABILIZAÇÃO DE SUPERFÍCIE COM ARGAMASSA POLIMÉRICA / MEMBRANA ACRÍLICA, 3 DEMÃOS. AF_09/2023","m²",20,42.88,54.68,1093.5999999999999,6.6981890696162704E-3]
[" 8.2 "," 98557 ","SINAPI","IMPERMEABILIZAÇÃO DE SUPERFÍCIE COM EMULSÃO ASFÁLTICA, 2 DEMÃOS. AF_09/2023","m²",20,59.23,75.53,1510.6,9.2522717708141359E-3]
[" 8.3 "," 98546 ","SINAPI","IMPERMEABILIZAÇÃO DE SUPERFÍCIE COM MANTA ASFÁLTICA, UMA CAMADA, INCLUSIVE APLICAÇÃO DE PRIMER ASFÁLTICO, E=4MM. AF_09/2023","m²",20,141.41,180.34,3606.8,2.2091284140720525E-2]
[" 9 ","  ",null,"DIVERSOS",null,1,"",23918.2,23918.2,0.14649654883403063]
[" 9.1 "," 97064 ","SINAPI","MONTAGEM E DESMONTAGEM DE ANDAIME TUBULAR TIPO \"TORRE\" (EXCLUSIVE ANDAIME E LIMPEZA). AF_03/2024","M",240,32.94,42,10080,6.1738977525358459E-2]
[" 9.2 "," 98746 ","SINAPI","SOLDA DE TOPO EM CHAPA/PERFIL/TUBO DE AÇO CHANFRADO, ESPESSURA=1/4''. AF_06/2018","M",10,79.97,101.98,1019.8,6.2461715555913247E-3]
[" 9.3 "," 98751 ","SINAPI","SOLDA DE TOPO EM CHAPA/PERFIL/TUBO DE AÇO CHANFRADO, ESPESSURA=1/2''. AF_06/2018","M",10,139.31,177.66,1776.6,1.0881494788844428E-2]
[" 9.4 "," 4368 ","ORSE","Restauro - Lubrificação de ferragem - Rev 03_02/2022","un",30,3.3,4.2,126,7.7173721906698069E-4]
[" 9.5 "," 90777 ","SINAPI","ENGENHEIRO CIVIL DE OBRA JUNIOR COM ENCARGOS COMPLEMENTARES","H",18,226.38,288.7,5196.6000000000004,3.1828647877805337E-2]
[" 9.6 "," 00010527 ","SINAPI","LOCACAO DE ANDAIME METALICO TUBULAR DE ENCAIXE, TIPO DE TORRE, CADA PAINEL COM LARGURA DE 1 ATE 1,5 M E ALTURA DE *1,00* M, INCLUINDO DIAGONAL, BARRAS DE LIGACAO, SAPATAS OU RODIZIOS E DEMAIS ITENS NECESSARIOS A MONTAGEM (NAO INCLUI INSTALACAO)","M/MES",240,19.8,"23,83 \n (BDI 20,37%) ",5719.2,3.5029519867364099E-2]
[" 10 ","  ",null,"COMBATE A INCÊNDIO",null,1,"",7465.2,7465.2,4.5723592760149402E-2]
[" 10.1 "," 00010886 ","SINAPI","EXTINTOR DE INCENDIO PORTATIL COM CARGA DE AGUA PRESSURIZADA DE 10 L, CLASSE A","UN",10,262.5,"315,97 \n (BDI 20,37%) ",3159.7,1.9352841992745548E-2]
[" 10.2 "," 00020977 ","SINAPI","EXTINTOR DE INCENDIO PORTATIL COM CARGA DE PO QUIMICO SECO (PQS) DE 8 KG, CLASSE BC","UN",10,357.69,"430,55 \n (BDI 20,37%) ",4305.5,2.6370750767403854E-2]
[]
[{"$nulls":5},"Total sem BDI",null,128670.75]
[{"$nulls":5},"Total do BDI",null,34597.26]
[{"$nulls":5},"Total Geral",null,163268.01]
[]
["_______________________________________________________________\n\n"]

{"sheet":"Orçamento Analítico","index":1,"n_rows":1625,"n_cols":10,"rows_kept":1625,"cut":false,"hidden":false,"merged":[[1624,0,1624,9],[1600,4,1600,5],[1601,4,1601,5],[1603,7,1603,8],[1606,5,1606,6],[1607,4,1607,5],[1608,4,1608,5],[1610,7,1610,8],[1613,4,1613,5],[1614,4,1614,5],[1622,0,1622,2],[1622,5,1622,6],[1622,7,1622,9],[1577,4,1577,5],[1578,4,1578,5],[1579,4,1579,5],[1580,4,1580,5],[1581,4,1581,5],[1582,4,1582,5],[1583,4,1583,5],[1616,7,1616,8],[1620,0,1620,2],[1620,5,1620,6],[1620,7,1620,9],[1621,0,1621,2],[1621,5,1621,6],[1621,7,1621,9],[1534,4,1534,5],[1535,4,1535,5],[1548,4,1548,5],[1549,4,1549,5],[1550,4,1550,5],[1566,4,1566,5],[1567,4,1567,5],[1568,4,1568,5],[1569,4,1569,5],[1570,4,1570,5],[1571,4,1571,5],[1593,4,1593,5],[1594,4,1594,5],[1595,4,1595,5],[1597,7,1597,8],[1560,4,1560,5],[1561,4,1561,5],[1562,0,1562,9],[1563,4,1563,5],[1564,4,1564,5],[1565,4,1565,5],[1585,7,1585,8],[1588,4,1588,5],[1589,4,1589,5],[1590,4,1590,5],[1591,4,1591,5],[1592,4,1592,5],[1551,4,1551,5],[1553,7,1553,8],[1556,4,1556,5],[1557,4,1557,5],[1558,4,1558,5],[1559,4,1559,5],[1537,7,1537,8],[1540,4,1540,5],[1541,4,1541,5],[1542,4,1542,5],[1543,4,1543,5],[1545,7,1545,8],[1572,4,1572,5],[1573,4,1573,5],[1574,4,1574,5],[1575,4,1575,5],[1576,4,1576,5],[1488,4,1488,5],[1489,4,1489,5],[1490,4,1490,5],[1491,4,1491,5],[1492,4,1492,5],[1520,4,1520,5],[1521,4,1521,5],[1522,4,1522,5],[1523,4,1523,5],[1524,4,1524,5],[1525,4,1525,5],[1511,4,1511,5],[1512,4,1512,5],[1513,4,1513,5],[1514,4,1514,5],[1516,7,1516,8],[1519,4,1519,5],[1502,4,1502,5],[1503,4,1503,5],[1504,4,1504,5],[1505,4,1505,5],[1507,7,1507,8],[1510,4,1510,5],[1493,4,1493,5],[1494,4,1494,5],[1495,4,1495,5],[1497,7,1497,8],[1500,5,1500,6],[1501,4,1501,5],[1527,7,1527,8],[1530,5,1530,6],[1531,4,1531,5],[1532,4,1532,5],[1533,4,1533,5],[1451,4,1451,5],[1452,4,1452,5],[1453,4,1453,5],[1463,4,1463,5],[1464,4,1464,5],[1477,4,1477,5],[1478,4,1478,5],[1479,4,1479,5],[1480,4,1480,5],[1481,4,1481,5],[1482,4,1482,5],[1471,4,1471,5],[1472,4,1472,5],[1473,4,1473,5],[1474,4,1474,5],[1475,4,1475,5],[1476,4,1476,5],[1465,4,1465,5],[1466,0,1466,9],[1467,4,1467,5],[1468,4,1468,5],[1469,4,1469,5],[1470,4,1470,5],[1455,7,1455,8],[1458,4,1458,5],[1459,4,1459,5],[1460,4,1460,5],[1461,4,1461,5],[1462,4,1462,5],[1483,4,1483,5],[1484,4,1484,5],[1485,4,1485,5],[1486,4,1486,5],[1487,4,1487,5],[1402,4,1402,5],[1403,4,1403,5],[1405,7,1405,8],[1408,4,1408,5],[1409,4,1409,5],[1435,7,1435,8],[1438,4,1438,5],[1439,4,1439,5],[1440,4,1440,5],[1441,4,1441,5],[1442,4,1442,5],[1426,7,1426,8],[1429,4,1429,5],[1430,4,1430,5],[1431,4,1431,5],[1432,4,1432,5],[1433,4,1433,5],[1417,7,1417,8],[1420,4,1420,5],[1421,4,1421,5],[1422,4,1422,5],[1423,4,1423,5],[1424,4,1424,5],[1410,4,1410,5],[1411,4,1411,5],[1412,4,1412,5],[1413,4,1413,5],[1414,4,1414,5],[1415,4,1415,5],[1443,4,1443,5],[1445,7,1445,8],[1448,4,1448,5],[1449,4,1449,5],[1450,4,1450,5],[1354,7,1354,8],[1357,4,1357,5],[1358,4,1358,5],[1359,4,1359,5],[1360,4,1360,5],[1388,4,1388,5],[1389,4,1389,5],[1390,4,1390,5],[1391,4,1391,5],[1392,4,1392,5],[1394,7,1394,8],[1379,4,1379,5],[1380,4,1380,5],[1381,4,1381,5],[1382,4,1382,5],[1384,7,1384,8],[1387,4,1387,5],[1370,4,1370,5],[1371,4,1371,5],[1372,4,1372,5],[1374,7,1374,8],[1377,4,1377,5],[1378,4,1378,5],[1361,4,1361,5],[1362,4,1362,5],[1364,7,1364,8],[1367,4,1367,5],[1368,4,1368,5],[1369,4,1369,5],[1397,4,1397,5],[1398,4,1398,5],[1399,4,1399,5],[1400,4,1400,5],[1401,4,1401,5],[1348,4,1348,5],[1349,4,1349,5],[1350,4,1350,5],[1351,4,1351,5],[1352,4,1352,5],[1307,4,1307,5],[1317,4,1317,5],[1327,4,1327,5],[1339,4,1339,5],[1340,4,1340,5],[1342,7,1342,8],[1345,4,1345,5],[1346,4,1346,5],[1347,4,1347,5],[1333,4,1333,5],[1334,4,1334,5],[1335,4,1335,5],[1336,4,1336,5],[1337,4,1337,5],[1338,4,1338,5],[1329,7,1329,8],[1332,5,1332,6],[1284,4,1284,5],[1285,4,1285,5],[1286,4,1286,5],[1288,7,1288,8],[1291,4,1291,5],[1292,4,1292,5],[1293,4,1293,5],[1294,4,1294,5],[1319,7,1319,8],[1322,4,1322,5],[1323,4,1323,5],[1324,4,1324,5],[1325,4,1325,5],[1326,4,1326,5],[1309,7,1309,8],[1312,4,1312,5],[1313,4,1313,5],[1314,4,1314,5],[1315,4,1315,5],[1316,4,1316,5],[1238,4,1238,5],[1239,4,1239,5],[1240,4,1240,5],[1241,4,1241,5],[1242,4,1242,5],[1266,7,1266,8],[1269,4,1269,5],[1270,4,1270,5],[1271,4,1271,5],[1272,4,1272,5],[1273,4,1273,5],[1304,4,1304,5],[1305,4,1305,5],[1306,4,1306,5],[1261,4,1261,5],[1262,4,1262,5],[1263,4,1263,5],[1264,4,1264,5],[1274,4,1274,5],[1275,4,1275,5],[1295,4,1295,5],[1296,4,1296,5],[1297,4,1297,5],[1299,7,1299,8],[1302,4,1302,5],[1303,4,1303,5],[1252,4,1252,5],[1253,4,1253,5],[1255,7,1255,8],[1258,4,1258,5],[1259,4,1259,5],[1260,4,1260,5],[1244,7,1244,8],[1247,4,1247,5],[1248,4,1248,5],[1249,4,1249,5],[1250,4,1250,5],[1251,4,1251,5],[1277,7,1277,8],[1280,4,1280,5],[1281,4,1281,5],[1282,4,1282,5],[1283,4,1283,5],[1192,4,1192,5],[1193,4,1193,5],[1194,4,1194,5],[1195,4,1195,5],[1196,4,1196,5],[1224,4,1224,5],[1225,4,1225,5],[1226,4,1226,5],[1227,4,1227,5],[1228,4,1228,5],[1229,4,1229,5],[1215,4,1215,5],[1216,4,1216,5],[1217,4,1217,5],[1218,4,1218,5],[1219,4,1219,5],[1221,7,1221,8],[1206,4,1206,5],[1207,4,1207,5],[1208,4,1208,5],[1210,7,1210,8],[1213,4,1213,5],[1214,4,1214,5],[1197,4,1197,5],[1199,7,1199,8],[1202,4,1202,5],[1203,4,1203,5],[1204,4,1204,5],[1205,4,1205,5],[1230,4,1230,5],[1231,4,1231,5],[1233,7,1233,8],[1236,4,1236,5],[1237,4,1237,5],[1146,4,1146,5],[1147,4,1147,5],[1148,4,1148,5],[1149,4,1149,5],[1151,7,1151,8],[1176,7,1176,8],[1179,4,1179,5],[1180,4,1180,5],[1181,4,1181,5],[1182,4,1182,5],[1183,4,1183,5],[1169,4,1169,5],[1170,4,1170,5],[1171,4,1171,5],[1172,4,1172,5],[1173,4,1173,5],[1174,4,1174,5],[1160,4,1160,5],[1161,4,1161,5],[1162,4,1162,5],[1164,7,1164,8],[1167,4,1167,5],[1168,4,1168,5],[1154,5,1154,6],[1155,4,1155,5],[1156,4,1156,5],[1157,4,1157,5],[1158,4,1158,5],[1159,4,1159,5],[1184,4,1184,5],[1185,4,1185,5],[1186,4,1186,5],[1188,7,1188,8],[1191,4,1191,5],[1097,4,1097,5],[1098,4,1098,5],[1099,4,1099,5],[1101,7,1101,8],[1104,4,1104,5],[1129,4,1129,5],[1130,4,1130,5],[1131,4,1131,5],[1133,7,1133,8],[1136,4,1136,5],[1137,4,1137,5],[1120,4,1120,5],[1122,7,1122,8],[1125,4,1125,5],[1126,4,1126,5],[1127,4,1127,5],[1128,4,1128,5],[1114,4,1114,5],[1115,4,1115,5],[1116,4,1116,5],[1117,4,1117,5],[1118,4,1118,5],[1119,4,1119,5],[1105,4,1105,5],[1106,4,1106,5],[1107,4,1107,5],[1108,4,1108,5],[1109,4,1109,5],[1111,7,1111,8],[1138,4,1138,5],[1139,4,1139,5],[1140,4,1140,5],[1142,7,1142,8],[1145,4,1145,5],[1048,4,1048,5],[1050,7,1050,8],[1053,5,1053,6],[1054,4,1054,5],[1055,4,1055,5],[1081,7,1081,8],[1084,4,1084,5],[1085,4,1085,5],[1086,4,1086,5],[1087,4,1087,5],[1088,4,1088,5],[1074,4,1074,5],[1075,4,1075,5],[1076,4,1076,5],[1077,4,1077,5],[1078,4,1078,5],[1079,4,1079,5],[1065,4,1065,5],[1066,4,1066,5],[1067,4,1067,5],[1068,4,1068,5],[1069,4,1069,5],[1071,7,1071,8],[1056,4,1056,5],[1057,4,1057,5],[1058,4,1058,5],[1059,4,1059,5],[1061,7,1061,8],[1064,4,1064,5],[1089,4,1089,5],[1091,7,1091,8],[1094,4,1094,5],[1095,4,1095,5],[1096,4,1096,5],[1005,4,1005,5],[1006,4,1006,5],[1007,4,1007,5],[1008,4,1008,5],[1009,4,1009,5],[1034,4,1034,5],[1035,4,1035,5],[1036,4,1036,5],[1038,7,1038,8],[1041,4,1041,5],[1042,4,1042,5],[1026,7,1026,8],[1029,4,1029,5],[1030,4,1030,5],[1031,4,1031,5],[1032,4,1032,5],[1033,4,1033,5],[1019,4,1019,5],[1020,4,1020,5],[1021,4,1021,5],[1022,4,1022,5],[1023,4,1023,5],[1024,4,1024,5],[1010,4,1010,5],[1011,4,1011,5],[1012,4,1012,5],[1014,7,1014,8],[1017,4,1017,5],[1018,4,1018,5],[1043,4,1043,5],[1044,4,1044,5],[1045,4,1045,5],[1046,4,1046,5],[1047,4,1047,5],[959,4,959,5],[960,4,960,5],[961,4,961,5],[962,4,962,5],[963,4,963,5],[988,4,988,5],[990,7,990,8],[993,4,993,5],[994,4,994,5],[995,4,995,5],[996,4,996,5],[982,4,982,5],[983,4,983,5],[984,4,984,5],[985,4,985,5],[986,4,986,5],[987,4,987,5],[973,4,973,5],[974,4,974,5],[975,4,975,5],[976,4,976,5],[978,7,978,8],[981,4,981,5],[964,4,964,5],[966,7,966,8],[969,4,969,5],[970,4,970,5],[971,4,971,5],[972,4,972,5],[997,4,997,5],[998,4,998,5],[999,4,999,5],[1000,4,1000,5],[1002,7,1002,8],[913,4,913,5],[914,4,914,5],[915,4,915,5],[916,4,916,5],[918,7,918,8],[945,4,945,5],[946,4,946,5],[947,4,947,5],[948,4,948,5],[949,4,949,5],[950,4,950,5],[936,4,936,5],[937,4,937,5],[938,4,938,5],[939,4,939,5],[940,4,940,5],[942,7,942,8],[927,4,927,5],[928,4,928,5],[930,7,930,8],[933,4,933,5],[934,4,934,5],[935,4,935,5],[921,4,921,5],[922,4,922,5],[923,4,923,5],[924,4,924,5],[925,4,925,5],[926,4,926,5],[951,4,951,5],[952,4,952,5],[954,7,954,8],[957,4,957,5],[958,4,958,5],[867,4,867,5],[868,4,868,5],[870,7,870,8],[873,4,873,5],[874,4,874,5],[899,4,899,5],[900,4,900,5],[901,4,901,5],[902,4,902,5],[903,4,903,5],[904,4,904,5],[890,4,890,5],[891,4,891,5],[892,4,892,5],[894,7,894,8],[897,4,897,5],[898,4,898,5],[882,7,882,8],[885,4,885,5],[886,4,886,5],[887,4,887,5],[888,4,888,5],[889,4,889,5],[875,4,875,5],[876,4,876,5],[877,4,877,5],[878,4,878,5],[879,4,879,5],[880,4,880,5],[906,7,906,8],[909,4,909,5],[910,4,910,5],[911,4,911,5],[912,4,912,5],[821,4,821,5],[831,4,831,5],[832,4,832,5],[833,4,833,5],[834,4,834,5],[853,4,853,5],[854,4,854,5],[855,4,855,5],[856,4,856,5],[858,7,858,8],[861,4,861,5],[844,4,844,5],[845,4,845,5],[846,4,846,5],[848,7,848,8],[851,4,851,5],[852,4,852,5],[836,7,836,8],[839,5,839,6],[840,5,840,6],[841,4,841,5],[842,4,842,5],[843,4,843,5],[823,7,823,8],[826,4,826,5],[827,4,827,5],[828,4,828,5],[829,4,829,5],[830,4,830,5],[862,4,862,5],[863,4,863,5],[864,4,864,5],[865,4,865,5],[866,4,866,5],[784,4,784,5],[785,4,785,5],[786,4,786,5],[787,4,787,5],[788,0,788,9],[810,4,810,5],[811,4,811,5],[812,4,812,5],[813,4,813,5],[814,4,814,5],[815,4,815,5],[804,4,804,5],[805,4,805,5],[806,4,806,5],[807,4,807,5],[808,4,808,5],[809,4,809,5],[798,4,798,5],[799,4,799,5],[800,4,800,5],[801,0,801,9],[802,4,802,5],[803,4,803,5],[789,4,789,5],[790,4,790,5],[792,7,792,8],[795,5,795,6],[796,4,796,5],[797,4,797,5],[816,4,816,5],[817,4,817,5],[818,4,818,5],[819,4,819,5],[820,4,820,5],[744,4,744,5],[745,4,745,5],[746,4,746,5],[747,4,747,5],[748,4,748,5],[767,4,767,5],[768,4,768,5],[769,4,769,5],[770,4,770,5],[771,4,771,5],[773,7,773,8],[761,4,761,5],[762,4,762,5],[763,4,763,5],[764,4,764,5],[765,4,765,5],[766,4,766,5],[755,4,755,5],[756,4,756,5],[757,4,757,5],[758,4,758,5],[759,4,759,5],[760,4,760,5],[749,4,749,5],[750,4,750,5],[751,4,751,5],[752,4,752,5],[753,4,753,5],[754,4,754,5],[776,4,776,5],[777,4,777,5],[778,4,778,5],[779,4,779,5],[781,7,781,8],[701,4,701,5],[702,4,702,5],[703,4,703,5],[704,4,704,5],[705,4,705,5],[733,4,733,5],[734,4,734,5],[735,4,735,5],[736,4,736,5],[737,4,737,5],[738,4,738,5],[724,4,724,5],[725,4,725,5],[726,4,726,5],[727,4,727,5],[728,4,728,5],[730,7,730,8],[715,4,715,5],[716,4,716,5],[717,4,717,5],[718,4,718,5],[720,7,720,8],[723,5,723,6],[707,7,707,8],[710,4,710,5],[711,4,711,5],[712,4,712,5],[713,4,713,5],[714,4,714,5],[739,4,739,5],[740,4,740,5],[741,4,741,5],[742,4,742,5],[743,0,743,9],[655,4,655,5],[656,4,656,5],[657,4,657,5],[658,4,658,5],[659,4,659,5],[687,4,687,5],[688,4,688,5],[689,4,689,5],[690,4,690,5],[691,4,691,5],[692,4,692,5],[681,5,681,6],[682,4,682,5],[683,4,683,5],[684,4,684,5],[685,4,685,5],[686,4,686,5],[669,4,669,5],[670,4,670,5],[672,7,672,8],[675,4,675,5],[676,4,676,5],[678,7,678,8],[660,4,660,5],[661,4,661,5],[662,4,662,5],[663,4,663,5],[664,4,664,5],[666,7,666,8],[694,7,694,8],[697,4,697,5],[698,4,698,5],[699,4,699,5],[700,4,700,5],[618,4,618,5],[619,4,619,5],[620,4,620,5],[621,4,621,5],[622,4,622,5],[644,4,644,5],[645,4,645,5],[646,4,646,5],[647,4,647,5],[648,4,648,5],[649,4,649,5],[638,4,638,5],[639,4,639,5],[640,4,640,5],[641,4,641,5],[642,4,642,5],[643,4,643,5],[632,4,632,5],[633,4,633,5],[634,4,634,5],[635,4,635,5],[636,4,636,5],[637,0,637,9],[623,4,623,5],[625,7,625,8],[628,4,628,5],[629,4,629,5],[630,4,630,5],[631,4,631,5],[650,4,650,5],[651,4,651,5],[652,4,652,5],[653,4,653,5],[654,4,654,5],[569,4,569,5],[570,4,570,5],[571,4,571,5],[572,4,572,5],[573,4,573,5],[601,4,601,5],[602,4,602,5],[603,4,603,5],[605,7,605,8],[608,4,608,5],[609,4,609,5],[592,4,592,5],[593,4,593,5],[595,7,595,8],[598,4,598,5],[599,4,599,5],[600,4,600,5],[583,4,583,5],[585,7,585,8],[588,4,588,5],[589,4,589,5],[590,4,590,5],[591,4,591,5],[575,7,575,8],[578,4,578,5],[579,4,579,5],[580,4,580,5],[581,4,581,5],[582,4,582,5],[610,4,610,5],[611,4,611,5],[612,4,612,5],[613,4,613,5],[615,7,615,8],[526,4,526,5],[527,4,527,5],[528,4,528,5],[529,4,529,5],[539,4,539,5],[555,4,555,5],[556,4,556,5],[557,4,557,5],[558,4,558,5],[559,4,559,5],[561,7,561,8],[549,4,549,5],[550,4,550,5],[551,4,551,5],[552,4,552,5],[553,4,553,5],[554,4,554,5],[540,4,540,5],[541,4,541,5],[542,4,542,5],[543,4,543,5],[545,7,545,8],[548,4,548,5],[531,7,531,8],[534,4,534,5],[535,4,535,5],[536,4,536,5],[537,4,537,5],[538,4,538,5],[564,4,564,5],[565,4,565,5],[566,4,566,5],[567,4,567,5],[568,4,568,5],[483,4,483,5],[484,4,484,5],[485,4,485,5],[486,4,486,5],[487,4,487,5],[512,4,512,5],[513,4,513,5],[515,7,515,8],[518,4,518,5],[519,4,519,5],[520,4,520,5],[506,4,506,5],[507,4,507,5],[508,4,508,5],[509,4,509,5],[510,4,510,5],[511,4,511,5],[497,4,497,5],[498,4,498,5],[499,4,499,5],[500,4,500,5],[501,4,501,5],[503,7,503,8],[488,4,488,5],[489,4,489,5],[491,7,491,8],[494,4,494,5],[495,4,495,5],[496,4,496,5],[521,4,521,5],[522,4,522,5],[523,4,523,5],[524,4,524,5],[525,4,525,5],[437,4,437,5],[438,4,438,5],[439,4,439,5],[440,4,440,5],[441,4,441,5],[469,4,469,5],[470,4,470,5],[471,4,471,5],[472,4,472,5],[473,4,473,5],[474,4,474,5],[460,4,460,5],[461,4,461,5],[463,7,463,8],[466,4,466,5],[467,4,467,5],[468,4,468,5],[451,4,451,5],[453,7,453,8],[456,4,456,5],[457,4,457,5],[458,4,458,5],[459,4,459,5],[443,7,443,8],[446,4,446,5],[447,4,447,5],[448,4,448,5],[449,4,449,5],[450,4,450,5],[475,4,475,5],[477,7,477,8],[480,4,480,5],[481,4,481,5],[482,4,482,5],[429,4,429,5],[430,4,430,5],[431,4,431,5],[433,7,433,8],[436,4,436,5],[386,7,386,8],[389,4,389,5],[390,4,390,5],[391,4,391,5],[392,4,392,5],[420,4,420,5],[421,4,421,5],[423,7,423,8],[426,4,426,5],[427,4,427,5],[428,4,428,5],[411,4,411,5],[413,7,413,8],[416,4,416,5],[417,4,417,5],[418,4,418,5],[419,4,419,5],[377,7,377,8],[362,4,362,5],[363,4,363,5],[364,4,364,5],[365,4,365,5],[366,4,366,5],[368,7,368,8],[402,4,402,5],[404,7,404,8],[407,4,407,5],[408,4,408,5],[409,4,409,5],[410,4,410,5],[393,4,393,5],[395,7,395,8],[398,4,398,5],[399,4,399,5],[400,4,400,5],[401,4,401,5],[343,4,343,5],[344,4,344,5],[345,4,345,5],[346,4,346,5],[347,4,347,5],[380,4,380,5],[381,4,381,5],[382,4,382,5],[383,4,383,5],[384,4,384,5],[336,4,336,5],[337,4,337,5],[338,4,338,5],[348,4,348,5],[371,4,371,5],[372,4,372,5],[373,4,373,5],[374,4,374,5],[375,4,375,5],[335,4,335,5],[287,4,287,5],[289,7,289,8],[292,4,292,5],[293,4,293,5],[294,4,294,5],[295,4,295,5],[296,4,296,5],[297,4,297,5],[325,4,325,5],[326,4,326,5],[327,4,327,5],[329,7,329,8],[332,5,332,6],[333,5,333,6],[359,7,359,8],[313,4,313,5],[314,4,314,5],[315,4,315,5],[316,4,316,5],[317,4,317,5],[319,7,319,8],[322,4,322,5],[323,4,323,5],[324,4,324,5],[350,7,350,8],[353,4,353,5],[354,4,354,5],[355,4,355,5],[356,4,356,5],[357,4,357,5],[340,7,340,8],[307,4,307,5],[309,7,309,8],[312,4,312,5],[264,5,264,6]],"merged_total":1261,"flags":["merged_cut"]}
[null,null,null,"Obra","Bancos",null,"B.D.I.",null,"Encargos Sociais"]
[null,null,null,"Contratação de serviços de manutenção predial e de adaptações, sob demanda, para imóveis utilizados pela 13ª Superintendência Regional, nos municípios da região metropolitana de João Pessoa, no Estado da Paraíba","SINAPI - 07/2025 - Paraíba\nSBC - 08/2025 - Paraíba\nORSE - 05/2025 - Sergipe\n",null,"27,53%",null,"Desonerado: \nHorista: 84,85%\nMensalista: 46,62%"]
["Planilha Orçamentária Analítica"]
[" 1 ",null,null,"ALVENARIA, REVESTIMENTOS E PINTURA",{"$nulls":5},34049.5]
[" 1.1 ","Código","Banco","Descrição","Tipo",null,"Und","Quant.","Valor Unit","Total"]
["Composição"," 103329 ","SINAPI","ALVENARIA DE VEDAÇÃO DE BLOCOS CERÂMICOS FURADOS NA HORIZONTAL DE 9X19X19 CM (ESPESSURA 9 CM) E ARGAMASSA DE ASSENTAMENTO COM PREPARO MANUAL. AF_12/2021","Alvenaria de Vedação",null,"m²",1,123.2,123.2]
["Composição Auxiliar"," 88316 ","SINAPI","SERVENTE COM ENCARGOS COMPLEMENTARES","Livro SINAPI: Cálculos e Parâmetros",null,"H",0.80500000000000005,31.43,25.3]
["Composição Auxiliar"," 88309 ","SINAPI","PEDREIRO COM ENCARGOS COMPLEMENTARES","Livro SINAPI: Cálculos e Parâmetros",null,"H",1.61,39.97,64.349999999999994]
["Composição Auxiliar"," 87369 ","SINAPI","ARGAMASSA TRAÇO 1:2:8 (EM VOLUME DE CIMENTO, CAL E AREIA MÉDIA ÚMIDA) PARA EMBOÇO/MASSA ÚNICA/ASSENTAMENTO DE ALVENARIA DE VEDAÇÃO, PREPARO MANUAL. AF_08/2019","Argamassas",null,"m³",9.1000000000000004E-3,835.32,7.6]
["Insumo"," 00034557 ","SINAPI","TELA DE ACO SOLDADA GALVANIZADA/ZINCADA PARA ALVENARIA, FIO D = *1,20 A 1,70* MM, MALHA 15 X 15 MM, (C X L) *50 X 7,5* CM","Material",null,"M",0.42,1.96,0.82]
["Insumo"," 00037395 ","SINAPI","PINO DE ACO COM FURO, HASTE = 27 MM (ACAO DIRETA)","Material",null,"CENTO",5.0000000000000001E-3,44.86,0.22]
["Insumo"," 00007271 ","SINAPI","BLOCO CERAMICO / TIJOLO VAZADO PARA ALVENARIA DE VEDACAO, 8 FUROS NA HORIZONTAL DE 9 X 19 X 19 CM (L X A X C)","Material",null,"UN",28.31,0.88,24.91]
[{"$nulls":4},"MO sem LS =>",43.01,"LS =>",36.5,"MO com LS =>",79.510000000000005]
[{"$nulls":4},"Valor do BDI =>",33.909999999999997,null,"Valor com BDI =>",null,157.11000000000001]
[{"$nulls":6},"Quant. =>","10,00","Preço Total =>",1571.1]
[]
[" 1.2 ","Código","Banco","Descrição","Tipo",null,"Und","Quant.","Valor Unit","Total"]
["Composição"," 87878 ","SINAPI","CHAPISCO APLICADO EM ALVENARIAS E ESTRUTURAS DE CONCRETO INTERNAS, COM COLHER DE PEDREIRO.  ARGAMASSA TRAÇO 1:3 COM PREPARO MANUAL. AF_10/2022","Chapisco",null,"m²",1,6.42,6.42]
["Composição Auxiliar"," 88316 ","SINAPI","SERVENTE COM ENCARGOS COMPLEMENTARES","Livro SINAPI: Cálculos e Parâmetros",null,"H",2.5499999999999998E-2,31.43,0.8]
["Composição Auxiliar"," 87377 ","SINAPI","ARGAMASSA TRAÇO 1:3 (EM VOLUME DE CIMENTO E AREIA GROSSA ÚMIDA) PARA CHAPISCO CONVENCIONAL, PREPARO MANUAL. AF_08/2019","Argamassas",null,"m³",3.7000000000000002E-3,783.96,2.9]
["Composição Auxiliar"," 88309 ","SINAPI","PEDREIRO COM ENCARGOS COMPLEMENTARES","Livro SINAPI: Cálculos e Parâmetros",null,"H",6.8099999999999994E-2,39.97,2.72]
[{"$nulls":4},"MO sem LS =>",2.2000000000000002,"LS =>",1.87,"MO com LS =>",4.07]
[{"$nulls":4},"Valor do BDI =>",1.76,null,"Valor com BDI =>",null,8.18]
[{"$nulls":6},"Quant. =>","50,00","Preço Total =>",409]
[]
[" 1.3 ","Código","Banco","Descrição","Tipo",null,"Und","Quant.","Valor Unit","Total"]
["Composição"," 87550 ","SINAPI","EMBOÇO, EM ARGAMASSA TRAÇO 1:2:8, PREPARO MANUAL, APLICADO MANUALMENTE EM PAREDES INTERNAS DE AMBIENTES COM ÁREA ENTRE 5M² E 10M², E = 10MM, COM TALISCAS. AF_03/2024","Massa Única Interna",null,"m²",1,35.5,35.5]
["Composição Auxiliar"," 88309 ","SINAPI","PEDREIRO COM ENCARGOS COMPLEMENTARES","Livro SINAPI: Cálculos e Parâmetros",null,"H",0.3468,39.97,13.86]
["Composição Auxiliar"," 87369 ","SINAPI","ARGAMASSA TRAÇO 1:2:8 (EM VOLUME DE CIMENTO, CAL E AREIA MÉDIA ÚMIDA) PARA EMBOÇO/MASSA ÚNICA/ASSENTAMENTO DE ALVENARIA DE VEDAÇÃO, PREPARO MANUAL. AF_08/2019","Argamassas",null,"m³",1.9400000000000001E-2,835.32,16.2]
["Composição Auxiliar"," 88316 ","SINAPI","SERVENTE COM ENCARGOS COMPLEMENTARES","Livro SINAPI: Cálculos e Parâmetros",null,"H",0.1734,31.43,5.44]
[{"$nulls":4},"MO sem LS =>",12,"LS =>",10.19,"MO com LS =>",22.19]
[{"$nulls":4},"Valor do BDI =>",9.77,null,"Valor com BDI =>",null,45.27]
[{"$nulls":6},"Quant. =>","50,00","Preço Total =>",2263.5]
[]
[" 1.4 ","Código","Banco","Descrição","Tipo",null,"Und","Quant.","Valor Unit","Total"]
["Composição"," 104641 ","SINAPI","PINTURA LÁTEX ACRÍLICA ECONÔMICA, APLICAÇÃO MANUAL EM PAREDES, DUAS DEMÃOS. AF_04/2023","Pintura Interna",null,"m²",1,11.57,11.57]
["Composição Auxiliar"," 88316 ","SINAPI","SERVENTE COM ENCARGOS COMPLEMENTARES","Livro SINAPI: Cálculos e Parâmetros",null,"H",5.4399999999999997E-2,31.43,1.7]
["Composição Auxiliar"," 88310 ","SINAPI","PINTOR COM ENCARGOS COMPLEMENTARES","Livro SINAPI: Cálculos e Parâmetros",null,"H",0.16309999999999999,41.04,6.69]
["Insumo"," 00035693 ","SINAPI","TINTA LATEX ACRILICA ECONOMICA, COR BRANCA","Material",null,"L",0.26779999999999998,11.91,3.18]
[{"$nulls":4},"MO sem LS =>",3.75,"LS =>",3.2,"MO com LS =>",6.95]
[{"$nulls":4},"Valor do BDI =>",3.18,null,"Valor com BDI =>",null,14.75]
[{"$nulls":6},"Quant. =>","2.000,00","Preço Total =>",29500]
[]
[" 1.5 ","Código","Banco","Descrição","Tipo",null,"Und","Quant.","Valor Unit","Total"]
["Composição"," 2279 ","ORSE","Emassamento de superfície, com aplicação de 01 demão de massa acrílica, lixamento e retoques - Rev 03","Latex PVA",null,"m²",1,23.99,23.99]
["Item","Código","Banco","Descrição","Tipo",null,"Und","Quant.","Valor Unit","Total"]
["Insumo"," 1602 ","ORSE","Massa acrílica","Material",null,"l",0.36,"6,72","2,41"]
["Insumo"," 00006111/SINAPI ","ORSE","Servente de obras (horista)","Mão de Obra",null,"h",0.25,"26,95","6,73"]
["Insumo"," 00003767/SINAPI ","ORSE","Lixa em folha para parede ou madeira, numero 120, cor vermelha","Material",null,"un",0.3,"0,89","0,26"]
["Composição"," 10549 ","ORSE","Encargos Complementares - Servente","Provisórios",null,"h",0.25,"3,88","0,97"]
["Composição"," 10553 ","ORSE","Encargos Complementares - Pintor","Provisórios",null,"h",0.35,"3,95","1,38"]
["Insumo"," 00004783/SINAPI ","ORSE","Pintor (horista)","Mão de Obra",null,"h",0.35,"35,15","12,30"]
["Detalhamento de Cálculo ORSE"]
["Item","Código","Banco","Descrição","Tipo",null,"Und","Quant.","Valor Unit","Total"]
["Insumo"," 1602 ","ORSE","Massa acrílica","Material",null,"l",0.36,"6,72","2,41"]
["Insumo"," 00006111/SINAPI ","ORSE","Servente de obras (horista)","Mão de Obra",null,"h",0.25,"26,95","6,73"]
["Insumo"," 00003767/SINAPI ","ORSE","Lixa em folha para parede ou madeira, numero 120, cor vermelha","Material",null,"un",0.3,"0,89","0,26"]
["Insumo"," 158 ","ORSE","Almoço (Participação do empregador)","Material",null,"un",6.1080000000000002E-2,"14,00","0,85"]
["Insumo"," 941 ","ORSE","Fardamento com mangas curta","Material",null,"un",8.9999999999999998E-4,"196,71","0,17"]
["Insumo"," 10492 ","ORSE","Cesta Básica","Material",null,"un",2.7000000000000001E-3,"205,00","0,55"]
["Insumo"," 4728 ","ORSE","Talhadeira chata 10\"","Material",null,"un",7.4999999999999993E-5,"18,58","0,00"]
["Insumo"," 00012895/SINAPI ","ORSE","Capacete de seguranca aba frontal com suspensao de polietileno, sem jugular (classe b)","Material",null,"un",3.6000000000000002E-4,"14,00","0,00"]
["Insumo"," 00002711/SINAPI ","ORSE","Carrinho de mao, em aco, com capacidade de *45 a 65* l / *100* kg, pneu com camara","Material",null,"un",5.0000000000000002E-5,"175,45","0,00"]
["Insumo"," 10362 ","ORSE","Seguro de vida e acidente em grupo","Serviços",null,"un",2.7000000000000001E-3,"12,54","0,03"]
["Insumo"," 10517 ","ORSE","Exames admissionais/demissionais (checkup)","Serviços",null,"cj",2.4000000000000001E-4,"300,00","0,07"]
["Insumo"," 10596 ","ORSE","Protetor auricular","Material",null,"un",2.7000000000000001E-3,"4,90","0,01"]
["Insumo"," 4729 ","ORSE","Marreta 1 kg com cabo","Material",null,"un",2.5000000000000001E-5,"37,80","0,00"]
["Insumo"," 1651 ","ORSE","Óculos branco proteção","Material",null,"pr",4.8000000000000001E-4,"7,00","0,00"]
["Insumo"," 10599 ","ORSE","Protetor solar fps 30 com 120ml","Material",null,"un",1.08E-3,"18,00","0,01"]
["Insumo"," 00012892/SINAPI ","ORSE","Luva raspa de couro, cano curto (punho *7* cm)","Material",null,"par",1.3799999999999999E-3,"11,28","0,01"]
["Insumo"," 00012893/SINAPI ","ORSE","Bota de seguranca com biqueira de aco e colarinho acolchoado","Material",null,"par",4.8000000000000001E-4,"76,67","0,03"]
["Insumo"," 10761 ","ORSE","Refeição - café da manhã ( café com leite e dois pães com manteiga)","Serviços",null,"un",6.1080000000000002E-2,"5,00","0,30"]
["Insumo"," 00012894/SINAPI ","ORSE","Capa para chuva em pvc com forro de poliester, com capuz (amarela ou azul)","Material",null,"un",1.2E-4,"20,85","0,00"]
["Insumo"," 2378 ","ORSE","Vale transporte","Material",null,"un",4.6414999999999998E-2,"4,50","0,20"]
["Insumo"," 10788 ","ORSE","Pá quadrada","Material",null,"un",5.0000000000000002E-5,"36,90","0,00"]
["Insumo"," 4174 ","ORSE","Desempenadeira de aço lisa, cabo madeira, ref:143, Atlas ou similar","Material",null,"un",1.75E-4,"12,00","0,00"]
["Insumo"," 11252 ","ORSE","Escada de aluminio de abrir com 7 degraus","Material",null,"un",3.4999999999999997E-5,"269,00","0,00"]
["Insumo"," 11251 ","ORSE","Pincel de seda 2\"","Material",null,"un",1.575E-3,"26,90","0,04"]
["Insumo"," 4725 ","ORSE","Espátula","Material",null,"un",1.3999999999999999E-4,"16,82","0,00"]
["Insumo"," 11250 ","ORSE","Rolo lã de carneiro 20cm","Material",null,"un",8.0500000000000005E-4,"17,50","0,01"]
["Insumo"," 10583 ","ORSE","Trincha 3\"","Material",null,"un",1.575E-3,"11,98","0,01"]
["Insumo"," 00004783/SINAPI ","ORSE","Pintor (horista)","Mão de Obra",null,"h",0.35,"35,15","12,30"]
[{"$nulls":4},"MO sem LS =>",10.29,"LS =>",8.74,"MO com LS =>",19.03]
[{"$nulls":4},"Valor do BDI =>",6.6,null,"Valor com BDI =>",null,30.59]
[{"$nulls":6},"Quant. =>","10,00","Preço Total =>",305.89999999999998]
[]
[" 2 ",null,null,"LAYOUT",{"$nulls":5},9858.69]
[" 2.1 ","Código","Banco","Descrição","Tipo",null,"Und","Quant.","Valor Unit","Total"]
["Composição"," 12631 ","ORSE","Retirada de divisória tipo naval",343,null,"m²",1,46.75,46.75]
["Item","Código","Banco","Descrição","Tipo",null,"Und","Quant.","Valor Unit","Total"]
["Insumo"," 00001213/SINAPI ","ORSE","Carpinteiro de formas para concreto (horista)","Mão de Obra",null,"h",1.2,"35,15","42,18"]
["Composição"," 10551 ","ORSE","Encargos Complementares - Carpinteiro","Provisórios",null,"h",1.2,"3,79","4,54"]
["Detalhamento de Cálculo ORSE"]
["Item","Código","Banco","Descrição","Tipo",null,"Und","Quant.","Valor Unit","Total"]
["Insumo"," 00001213/SINAPI ","ORSE","Carpinteiro de formas para concreto (horista)","Mão de Obra",null,"h",1.2,"35,15","42,18"]
["Insumo"," 10579 ","ORSE","Chave de fenda chata 30 cm","Material",null,"un",2.4000000000000001E-4,"26,89","0,00"]
["Insumo"," 10362 ","ORSE","Seguro de vida e acidente em grupo","Serviços",null,"un",5.4000000000000003E-3,"12,54","0,06"]
["Insumo"," 00012895/SINAPI ","ORSE","Capacete de seguranca aba frontal com suspensao de polietileno, sem jugular (classe b)","Material",null,"un",7.2000000000000005E-4,"14,00","0,01"]
["Insumo"," 10596 ","ORSE","Protetor auricular","Material",null,"un",5.4000000000000003E-3,"4,90","0,02"]
["Insumo"," 00012892/SINAPI ","ORSE","Luva raspa de couro, cano curto (punho *7* cm)","Material",null,"par",2.7599999999999999E-3,"11,28","0,03"]
["Insumo"," 11244 ","ORSE","Martelo com unha","Material",null,"un",2.4000000000000001E-4,"48,95","0,01"]
["Insumo"," 941 ","ORSE","Fardamento com mangas curta","Material",null,"un",1.8E-3,"196,71","0,35"]
["Insumo"," 10599 ","ORSE","Protetor solar fps 30 com 120ml","Material",null,"un",2.16E-3,"18,00","0,03"]
["Insumo"," 158 ","ORSE","Almoço (Participação do empregador)","Material",null,"un",0.12216,"14,00","1,71"]
["Insumo"," 11249 ","ORSE","Serra circular eletrica portatil","Equipamento",null,"un",1.2E-4,"617,95","0,07"]
["Insumo"," 10577 ","ORSE","Serrote 40cm","Material",null,"un",1.2E-4,"29,90","0,00"]
["Insumo"," 10578 ","ORSE","Formão grande","Material",null,"un",2.4000000000000001E-4,"15,15","0,00"]
["Insumo"," 10492 ","ORSE","Cesta Básica","Material",null,"un",5.4000000000000003E-3,"205,00","1,10"]
["Insumo"," 00012893/SINAPI ","ORSE","Bota de seguranca com biqueira de aco e colarinho acolchoado","Material",null,"par",8.4000000000000003E-4,"76,67","0,06"]
["Insumo"," 11248 ","ORSE","Furadeira e Parafusadeira eletrica Bosch ou Similar profissional","Equipamento",null,"un",1.2E-4,"246,00","0,02"]
["Insumo"," 2378 ","ORSE","Vale transporte","Material",null,"un",7.8479999999999994E-2,"4,50","0,35"]
["Insumo"," 10517 ","ORSE","Exames admissionais/demissionais (checkup)","Serviços",null,"cj",4.8000000000000001E-4,"300,00","0,14"]
["Insumo"," 00012894/SINAPI ","ORSE","Capa para chuva em pvc com forro de poliester, com capuz (amarela ou azul)","Material",null,"un",2.4000000000000001E-4,"20,85","0,00"]
["Insumo"," 10761 ","ORSE","Refeição - café da manhã ( café com leite e dois pães com manteiga)","Serviços",null,"un",0.12216,"5,00","0,61"]
["Insumo"," 1651 ","ORSE","Óculos branco proteção","Material",null,"pr",8.4000000000000003E-4,"7,00","0,00"]
[{"$nulls":4},"MO sem LS =>",22.81,"LS =>",19.37,"MO com LS =>",42.18]
[{"$nulls":4},"Valor do BDI =>",12.87,null,"Valor com BDI =>",null,59.62]
[{"$nulls":6},"Quant. =>","10,00","Preço Total =>",596.20000000000005]
[]
[" 2.2 ","Código","Banco","Descrição","Tipo",null,"Und","Quant.","Valor Unit","Total"]
["Composição"," 12630 ","ORSE","Recolocação de divisória tipo naval","Divisórias",null,"m²",1,34.86,34.86]
["Item","Código","Banco","Descrição","Tipo",null,"Und","Quant.","Valor Unit","Total"]
["Composição"," 10549 ","ORSE","Encargos Complementares - Servente","Provisórios",null,"h",0.5,"3,88","1,94"]
["Insumo"," 00006111/SINAPI ","ORSE","Servente de obras (horista)","Mão de Obra",null,"h",0.5,"26,95","13,47"]
["Insumo"," 00001213/SINAPI ","ORSE","Carpinteiro de formas para concreto (horista)","Mão de Obra",null,"h",0.5,"35,15","17,57"]
["Composição"," 10551 ","ORSE","Encargos Complementares - Carpinteiro","Provisórios",null,"h",0.5,"3,79","1,89"]
["Detalhamento de Cálculo ORSE"]
["Item","Código","Banco","Descrição","Tipo",null,"Und","Quant.","Valor Unit","Total"]
["Insumo"," 158 ","ORSE","Almoço (Participação do empregador)","Material",null,"un",0.1018,"14,00","1,42"]
["Insumo"," 941 ","ORSE","Fardamento com mangas curta","Material",null,"un",1.5E-3,"196,71","0,29"]
["Insumo"," 10492 ","ORSE","Cesta Básica","Material",null,"un",4.4999999999999997E-3,"205,00","0,92"]
["Insumo"," 4728 ","ORSE","Talhadeira chata 10\"","Material",null,"un",1.4999999999999999E-4,"18,58","0,00"]
["Insumo"," 00012895/SINAPI ","ORSE","Capacete de seguranca aba frontal com suspensao de polietileno, sem jugular (classe b)","Material",null,"un",5.9999999999999995E-4,"14,00","0,00"]
["Insumo"," 00002711/SINAPI ","ORSE","Carrinho de mao, em aco, com capacidade de *45 a 65* l / *100* kg, pneu com camara","Material",null,"un",1E-4,"175,45","0,01"]
["Insumo"," 10362 ","ORSE","Seguro de vida e acidente em grupo","Serviços",null,"un",4.4999999999999997E-3,"12,54","0,05"]
["Insumo"," 10517 ","ORSE","Exames admissionais/demissionais (checkup)","Serviços",null,"cj",4.0000000000000002E-4,"300,00","0,12"]
["Insumo"," 10596 ","ORSE","Protetor auricular","Material",null,"un",4.4999999999999997E-3,"4,90","0,02"]
["Insumo"," 4729 ","ORSE","Marreta 1 kg com cabo","Material",null,"un",5.0000000000000002E-5,"37,80","0,00"]
["Insumo"," 1651 ","ORSE","Óculos branco proteção","Material",null,"pr",7.5000000000000002E-4,"7,00","0,00"]
["Insumo"," 10599 ","ORSE","Protetor solar fps 30 com 120ml","Material",null,"un",1.8E-3,"18,00","0,03"]
["Insumo"," 00012892/SINAPI ","ORSE","Luva raspa de couro, cano curto (punho *7* cm)","Material",null,"par",2.3E-3,"11,28","0,02"]
["Insumo"," 00012893/SINAPI ","ORSE","Bota de seguranca com biqueira de aco e colarinho acolchoado","Material",null,"par",7.5000000000000002E-4,"76,67","0,05"]
["Insumo"," 10761 ","ORSE","Refeição - café da manhã ( café com leite e dois pães com manteiga)","Serviços",null,"un",0.1018,"5,00","0,50"]
["Insumo"," 00012894/SINAPI ","ORSE","Capa para chuva em pvc com forro de poliester, com capuz (amarela ou azul)","Material",null,"un",2.0000000000000001E-4,"20,85","0,00"]
["Insumo"," 2378 ","ORSE","Vale transporte","Material",null,"un",7.9750000000000001E-2,"4,50","0,35"]
["Insumo"," 10788 ","ORSE","Pá quadrada","Material",null,"un",1E-4,"36,90","0,00"]
["Insumo"," 00006111/SINAPI ","ORSE","Servente de obras (horista)","Mão de Obra",null,"h",0.5,"26,95","13,47"]
["Insumo"," 00001213/SINAPI ","ORSE","Carpinteiro de formas para concreto (horista)","Mão de Obra",null,"h",0.5,"35,15","17,57"]
["Insumo"," 10579 ","ORSE","Chave de fenda chata 30 cm","Material",null,"un",1E-4,"26,89","0,00"]
["Insumo"," 11244 ","ORSE","Martelo com unha","Material",null,"un",1E-4,"48,95","0,00"]
["Insumo"," 11249 ","ORSE","Serra circular eletrica portatil","Equipamento",null,"un",5.0000000000000002E-5,"617,95","0,03"]
["Insumo"," 10577 ","ORSE","Serrote 40cm","Material",null,"un",5.0000000000000002E-5,"29,90","0,00"]
["Insumo"," 10578 ","ORSE","Formão grande","Material",null,"un",1E-4,"15,15","0,00"]
["Insumo"," 11248 ","ORSE","Furadeira e Parafusadeira eletrica Bosch ou Similar profissional","Equipamento",null,"un",5.0000000000000002E-5,"246,00","0,01"]
[{"$nulls":4},"MO sem LS =>",16.79,"LS =>",14.25,"MO com LS =>",31.04]
[{"$nulls":4},"Valor do BDI =>",9.59,null,"Valor com BDI =>",null,44.45]
[{"$nulls":6},"Quant. =>","10,00","Preço Total =>",444.5]
[]
[" 2.3 ","Código","Banco","Descrição","Tipo",null,"Und","Quant.","Valor Unit","Total"]
["Composição"," 13128 ","ORSE","Divisoria Naval (painel cego), e=40mm, com perfis em aço - fornecimento e aplicação","Divisórias",null,"m²",1,100,100]
["Item","Código","Banco","Descrição","Tipo",null,"Und","Quant.","Valor Unit","Total"]
["Insumo"," 840 ","ORSE","Divisória Naval (painel cego), e=35mm, com perfis em aço ou similar","Serviços",null,"m²",1,"100,00","100,00"]
["Detalhamento de Cálculo ORSE"]
["Item","Código","Banco","Descrição","Tipo",null,"Und","Quant.","Valor Unit","Total"]
["Insumo"," 840 ","ORSE","Divisória Naval (painel cego), e=35mm, com perfis em aço ou similar","Serviços",null,"m²",1,"100,00","100,00"]
[{"$nulls":4},"MO sem LS =>",0,"LS =>",0,"MO com LS =>",0]
[{"$nulls":4},"Valor do BDI =>",27.53,null,"Valor com BDI =>",null,127.53]
[{"$nulls":6},"Quant. =>","50,00","Preço Total =>",6376.5]
[]
[" 2.4 ","Código","Banco","Descrição","Tipo",null,"Und","Quant.","Valor Unit","Total"]
["Composição"," 4066 ","ORSE","Porta para divisória, dim. 820 x 2110 x 35mm, Naval ou similar - Rev. 01","Divisórias",null,"Un",1,324.63,324.63]
["Item","Código","Banco","Descrição","Tipo",null,"Und","Quant.","Valor Unit","Total"]
["Insumo"," 00044497/SINAPI ","ORSE","Montador de estruturas metalicas horista","Mão de Obra",null,"h",0.25,"32,58","8,14"]
["Composição"," 10549 ","ORSE","Encargos Complementares - Servente","Provisórios",null,"h",0.5,"3,88","1,94"]
["Composição"," 10605 ","ORSE","Encargos Complementares - Montador","Provisórios",null,"h",0.25,"4,57","1,14"]
["Insumo"," 3190 ","ORSE","Porta para divisória, dim. 820 x 2110 x 35mm, Naval ou similar","Material",null,"Un",1,"300,00","300,00"]
["Insumo"," 00006111/SINAPI ","ORSE","Servente de obras (horista)","Mão de Obra",null,"h",0.5,"26,95","13,47"]
["Detalhamento de Cálculo ORSE"]
["Item","Código","Banco","Descrição","Tipo",null,"Und","Quant.","Valor Unit","Total"]
["Insumo"," 00044497/SINAPI ","ORSE","Montador de estruturas metalicas horista","Mão de Obra",null,"h",0.25,"32,58","8,14"]
["Insumo"," 158 ","ORSE","Almoço (Participação do empregador)","Material",null,"un",7.6350000000000001E-2,"14,00","1,06"]
["Insumo"," 941 ","ORSE","Fardamento com mangas curta","Material",null,"un",1.1249999999999999E-3,"196,71","0,22"]
["Insumo"," 10492 ","ORSE","Cesta Básica","Material",null,"un",3.375E-3,"205,00","0,69"]
["Insumo"," 4728 ","ORSE","Talhadeira chata 10\"","Material",null,"un",1.4999999999999999E-4,"18,58","0,00"]
["Insumo"," 00012895/SINAPI ","ORSE","Capacete de seguranca aba frontal com suspensao de polietileno, sem jugular (classe b)","Material",null,"un",4.4999999999999999E-4,"14,00","0,00"]
["Insumo"," 00002711/SINAPI ","ORSE","Carrinho de mao, em aco, com capacidade de *45 a 65* l / *100* kg, pneu com camara","Material",null,"un",1E-4,"175,45","0,01"]
["Insumo"," 10362 ","ORSE","Seguro de vida e acidente em grupo","Serviços",null,"un",3.375E-3,"12,54","0,04"]
["Insumo"," 10517 ","ORSE","Exames admissionais/demissionais (checkup)","Serviços",null,"cj",2.9999999999999997E-4,"300,00","0,09"]
["Insumo"," 10596 ","ORSE","Protetor auricular","Material",null,"un",3.375E-3,"4,90","0,01"]
["Insumo"," 4729 ","ORSE","Marreta 1 kg com cabo","Material",null,"un",5.0000000000000002E-5,"37,80","0,00"]
["Insumo"," 1651 ","ORSE","Óculos branco proteção","Material",null,"pr",5.9999999999999995E-4,"7,00","0,00"]
["Insumo"," 10599 ","ORSE","Protetor solar fps 30 com 120ml","Material",null,"un",1.3500000000000001E-3,"18,00","0,02"]
["Insumo"," 00012892/SINAPI ","ORSE","Luva raspa de couro, cano curto (punho *7* cm)","Material",null,"par",1.725E-3,"11,28","0,01"]
["Insumo"," 00012893/SINAPI ","ORSE","Bota de seguranca com biqueira de aco e colarinho acolchoado","Material",null,"par",5.9999999999999995E-4,"76,67","0,04"]
["Insumo"," 10761 ","ORSE","Refeição - café da manhã ( café com leite e dois pães com manteiga)","Serviços",null,"un",7.6350000000000001E-2,"5,00","0,38"]
["Insumo"," 00012894/SINAPI ","ORSE","Capa para chuva em pvc com forro de poliester, com capuz (amarela ou azul)","Material",null,"un",1.4999999999999999E-4,"20,85","0,00"]
["Insumo"," 2378 ","ORSE","Vale transporte","Material",null,"un",6.3399999999999998E-2,"4,50","0,28"]
["Insumo"," 10788 ","ORSE","Pá quadrada","Material",null,"un",1E-4,"36,90","0,00"]
["Insumo"," 11280 ","ORSE","Chave Inglesa 15\" ref. 012418012 carbografite","Material",null,"un",5.0000000000000002E-5,"60,50","0,00"]
["Insumo"," 11272 ","ORSE","Alicate Climpador ( cripador )","Material",null,"un",2.5000000000000001E-5,"203,58","0,00"]
["Insumo"," 11277 ","ORSE","Alicate de pressão para solda de chapa 18\" (460mm), Ref.138 Z Gedore","Material",null,"un",5.0000000000000002E-5,"194,39","0,00"]
["Insumo"," 11285 ","ORSE","Fonte inversora de solda WMI 140ED 220V - BAMBOZZI - WMI- 140ED","Material",null,"un",2.5000000000000001E-5,"1.385,56","0,03"]
["Insumo"," 11279 ","ORSE","Alicate para anéis de pistão capacidade 50-100mm. ref.44044101 Tramontina ou similar","Material",null,"un",5.0000000000000002E-5,"207,90","0,01"]
["Insumo"," 11281 ","ORSE","Bolsa de lona para ferramentas 40 x 30 x 20cm","Material",null,"un",2.0000000000000001E-4,"357,49","0,07"]
["Insumo"," 11270 ","ORSE","Martelo de solda do tipo picareta, cabo de madeira, 300x0,4x0,5mm","Material",null,"un",7.4999999999999993E-5,"30,18","0,00"]
["Insumo"," 11273 ","ORSE","Esquadro de alumínio para soldagem de peças, com duas morsas, 35 x 35 x 4,5cm, marca Black Jack","Material",null,"un",5.0000000000000002E-5,"221,50","0,01"]
["Insumo"," 11284 ","ORSE","Cavalete de ferro nº 1","Material",null,"un",5.0000000000000002E-5,"122,13","0,00"]
["Insumo"," 11271 ","ORSE","Talhadeira com punho de proteção 22 x225mm ref.207206BR Belzer","Material",null,"un",2.5000000000000001E-5,"58,92","0,00"]
["Insumo"," 11286 ","ORSE","Macariço de solda Ref. CG201 código 010414410 carbografite","Material",null,"un",7.4999999999999993E-5,"403,36","0,03"]
["Insumo"," 11274 ","ORSE","Grampo de de aperto rápido 16\" Ref. 60987 Beltools","Material",null,"un",7.4999999999999993E-5,"19,01","0,00"]
["Insumo"," 11275 ","ORSE","Alicate de pressão 11\"","Material",null,"un",5.0000000000000002E-5,"65,38","0,00"]
["Insumo"," 11278 ","ORSE","Alicate diagonal para corte rente 5\" a 8\"","Material",null,"un",5.0000000000000002E-5,"39,60","0,00"]
["Insumo"," 11283 ","ORSE","Selador horizontal para fita de aço 1\"","Material",null,"un",2.5000000000000001E-5,"701,96","0,01"]
["Insumo"," 11282 ","ORSE","Esmerilhadeira angular elétrico portátil 4 1/2\" - 1000 watts  - ref. G1000kB2Black e Decker","Material",null,"un",5.0000000000000002E-5,"362,00","0,01"]
["Insumo"," 11276 ","ORSE","Alicate de pressão para solda tipo U, para apertar chapas, tiras e qualquer tipo de perfil. Niquelado, mordentes reforçados em aço laminadao. Corpo em chapa dobrada  extra-reforçada e rebites de aço, 11\" (280mm). Ref. 138 Gedore.","Material",null,"un",5.0000000000000002E-5,"71,94","0,00"]
["Insumo"," 3190 ","ORSE","Porta para divisória, dim. 820 x 2110 x 35mm, Naval ou similar","Material",null,"Un",1,"300,00","300,00"]
["Insumo"," 00006111/SINAPI ","ORSE","Servente de obras (horista)","Mão de Obra",null,"h",0.5,"26,95","13,47"]
[{"$nulls":4},"MO sem LS =>",11.69,"LS =>",9.92,"MO com LS =>",21.61]
[{"$nulls":4},"Valor do BDI =>",89.37,null,"Valor com BDI =>",null,414]
[{"$nulls":6},"Quant. =>","3,00","Preço Total =>",1242]
[]
[" 2.5 ","Código","Banco","Descrição","Tipo",null,"Und","Quant.","Valor Unit","Total"]
["Composição"," 178 ","ORSE","Ferragem para divisória (vão porta) composta de 3 dobradiças palmela e 1 fechadura tubular Lockwell com botão de giro para travamento, ref:41410N, ou similar","Divisórias",null,"cj",1,313.52,313.52]
["Item","Código","Banco","Descrição","Tipo",null,"Und","Quant.","Valor Unit","Total"]
["Insumo"," 10423 ","ORSE","Fechadura tubular Lockwell para divisória chave/botão de girar, ref:41410N, cor preta, ou similar","Material",null,"un",1,"129,84","129,84"]
["Insumo"," 849 ","ORSE","Dobradiça de latão cromado tipo palmela 3 1/2\", p/janelas e porta divisória, ref.LF-1228, Fama ou similar","Material",null,"un",3,"14,63","43,89"]
["Composição"," 10549 ","ORSE","Encargos Complementares - Servente","Provisórios",null,"h",2,"3,88","7,76"]
["Insumo"," 00006111/SINAPI ","ORSE","Servente de obras (horista)","Mão de Obra",null,"h",2,"26,95","53,90"]
["Insumo"," 00001213/SINAPI ","ORSE","Carpinteiro de formas para concreto (horista)","Mão de Obra",null,"h",2,"35,15","70,30"]
["Composição"," 10551 ","ORSE","Encargos Complementares - Carpinteiro","Provisórios",null,"h",2,"3,79","7,58"]
["Detalhamento de Cálculo ORSE"]
["Item","Código","Banco","Descrição","Tipo",null,"Und","Quant.","Valor Unit","Total"]
["Insumo"," 10423 ","ORSE","Fechadura tubular Lockwell para divisória chave/botão de girar, ref:41410N, cor preta, ou similar","Material",null,"un",1,"129,84","129,84"]
["Insumo"," 849 ","ORSE","Dobradiça de latão cromado tipo palmela 3 1/2\", p/janelas e porta divisória, ref.LF-1228, Fama ou similar","Material",null,"un",3,"14,63","43,89"]
["Insumo"," 158 ","ORSE","Almoço (Participação do empregador)","Material",null,"un",0.40720000000000001,"14,00","5,70"]
["Insumo"," 941 ","ORSE","Fardamento com mangas curta","Material",null,"un",6.0000000000000001E-3,"196,71","1,18"]
["Insumo"," 10492 ","ORSE","Cesta Básica","Material",null,"un",1.7999999999999999E-2,"205,00","3,69"]
["Insumo"," 4728 ","ORSE","Talhadeira chata 10\"","Material",null,"un",5.9999999999999995E-4,"18,58","0,01"]
["Insumo"," 00012895/SINAPI ","ORSE","Capacete de seguranca aba frontal com suspensao de polietileno, sem jugular (classe b)","Material",null,"un",2.3999999999999998E-3,"14,00","0,03"]
["Insumo"," 00002711/SINAPI ","ORSE","Carrinho de mao, em aco, com capacidade de *45 a 65* l / *100* kg, pneu com camara","Material",null,"un",4.0000000000000002E-4,"175,45","0,07"]
["Insumo"," 10362 ","ORSE","Seguro de vida e acidente em grupo","Serviços",null,"un",1.7999999999999999E-2,"12,54","0,22"]
["Insumo"," 10517 ","ORSE","Exames admissionais/demissionais (checkup)","Serviços",null,"cj",1.6000000000000001E-3,"300,00","0,48"]
["Insumo"," 10596 ","ORSE","Protetor auricular","Material",null,"un",1.7999999999999999E-2,"4,90","0,08"]
["Insumo"," 4729 ","ORSE","Marreta 1 kg com cabo","Material",null,"un",2.0000000000000001E-4,"37,80","0,00"]
["Insumo"," 1651 ","ORSE","Óculos branco proteção","Material",null,"pr",3.0000000000000001E-3,"7,00","0,02"]
["Insumo"," 10599 ","ORSE","Protetor solar fps 30 com 120ml","Material",null,"un",7.1999999999999998E-3,"18,00","0,12"]
["Insumo"," 00012892/SINAPI ","ORSE","Luva raspa de couro, cano curto (punho *7* cm)","Material",null,"par",9.1999999999999998E-3,"11,28","0,10"]
["Insumo"," 00012893/SINAPI ","ORSE","Bota de seguranca com biqueira de aco e colarinho acolchoado","Material",null,"par",3.0000000000000001E-3,"76,67","0,23"]
["Insumo"," 10761 ","ORSE","Refeição - café da manhã ( café com leite e dois pães com manteiga)","Serviços",null,"un",0.40720000000000001,"5,00","2,03"]
["Insumo"," 00012894/SINAPI ","ORSE","Capa para chuva em pvc com forro de poliester, com capuz (amarela ou azul)","Material",null,"un",8.0000000000000004E-4,"20,85","0,01"]
["Insumo"," 2378 ","ORSE","Vale transporte","Material",null,"un",0.31900000000000001,"4,50","1,43"]
["Insumo"," 10788 ","ORSE","Pá quadrada","Material",null,"un",4.0000000000000002E-4,"36,90","0,01"]
["Insumo"," 00006111/SINAPI ","ORSE","Servente de obras (horista)","Mão de Obra",null,"h",2,"26,95","53,90"]
["Insumo"," 00001213/SINAPI ","ORSE","Carpinteiro de formas para concreto (horista)","Mão de Obra",null,"h",2,"35,15","70,30"]
["Insumo"," 10579 ","ORSE","Chave de fenda chata 30 cm","Material",null,"un",4.0000000000000002E-4,"26,89","0,01"]
["Insumo"," 11244 ","ORSE","Martelo com unha","Material",null,"un",4.0000000000000002E-4,"48,95","0,01"]
["Insumo"," 11249 ","ORSE","Serra circular eletrica portatil","Equipamento",null,"un",2.0000000000000001E-4,"617,95","0,12"]
["Insumo"," 10577 ","ORSE","Serrote 40cm","Material",null,"un",2.0000000000000001E-4,"29,90","0,00"]
["Insumo"," 10578 ","ORSE","Formão grande","Material",null,"un",4.0000000000000002E-4,"15,15","0,00"]
["Insumo"," 11248 ","ORSE","Furadeira e Parafusadeira eletrica Bosch ou Similar profissional","Equipamento",null,"un",2.0000000000000001E-4,"246,00","0,04"]
[{"$nulls":4},"MO sem LS =>",67.180000000000007,"LS =>",57.02,"MO com LS =>",124.2]
[{"$nulls":4},"Valor do BDI =>",86.31,null,"Valor com BDI =>",null,399.83]
[{"$nulls":6},"Quant. =>","3,00","Preço Total =>",1199.49]
[]
[" 3 ",null,null,"ESQUADRIAS",{"$nulls":5},12815.41]
[" 3.1 ","Código","Banco","Descrição","Tipo",null,"Und","Quant.","Valor Unit","Total"]
["Composição"," 102191 ","SINAPI","REMOÇÃO DE VIDRO LISO COMUM DE ESQUADRIA COM BAGUETE DE ALUMÍNIO OU PVC. AF_01/2021","Vidros e Espelhos",null,"m²",1,30.67,30.67]
["Composição Auxiliar"," 88325 ","SINAPI","VIDRACEIRO COM ENCARGOS COMPLEMENTARES","Livro SINAPI: Cálculos e Parâmetros",null,"H",0.48699999999999999,32.42,15.78]
["Composição Auxiliar"," 88316 ","SINAPI","SERVENTE COM ENCARGOS COMPLEMENTARES","Livro SINAPI: Cálculos e Parâmetros",null,"H",0.47399999999999998,31.43,14.89]
[{"$nulls":4},"MO sem LS =>",13.84,"LS =>",11.76,"MO com LS =>",25.6]
[{"$nulls":4},"Valor do BDI =>",8.44,null,"Valor com BDI =>",null,39.11]
[{"$nulls":6},"Quant. =>","10,00","Preço Total =>",391.1]
[]
[" 3.2 ","Código","Banco","Descrição","Tipo",null,"Und","Quant.","Valor Unit","Total"]
["Composição"," 102162 ","SINAPI","INSTALAÇÃO DE VIDRO LISO INCOLOR, E = 4 MM, EM ESQUADRIA DE ALUMÍNIO OU PVC, FIXADO COM BAGUETE. AF_01/2021_PS","Vidros e Espelhos",null,"m²",1,352.43,352.43]
["Composição Auxiliar"," 88316 ","SINAPI","SERVENTE COM ENCARGOS COMPLEMENTARES","Livro SINAPI: Cálculos e Parâmetros",null,"H",0.76100000000000001,31.43,23.91]
["Composição Auxiliar"," 88325 ","SINAPI","VIDRACEIRO COM ENCARGOS COMPLEMENTARES","Livro SINAPI: Cálculos e Parâmetros",null,"H",0.78300000000000003,32.42,25.38]
["Insumo"," 00039432 ","SINAPI","FITA DE PAPEL REFORCADA COM LAMINA DE METAL PARA REFORCO DE CANTOS DE CHAPA DE GESSO PARA DRYWALL","Material",null,"M",6.3810000000000002,2.87,18.309999999999999]
["Insumo"," 00020259 ","SINAPI","PERFIL DE BORRACHA EPDM MACICO *12 X 15* MM PARA ESQUADRIAS","Material",null,"M",7.2869999999999999,13.7,99.83]
["Insumo"," 00010492 ","SINAPI","VIDRO LISO INCOLOR 4MM - SEM COLOCACAO","Material",null,"m²",1,185,185]
[{"$nulls":4},"MO sem LS =>",22.25,"LS =>",18.89,"MO com LS =>",41.14]
[{"$nulls":4},"Valor do BDI =>",97.02,null,"Valor com BDI =>",null,449.45]
[{"$nulls":6},"Quant. =>","10,00","Preço Total =>",4494.5]
[]
[" 3.3 ","Código","Banco","Descrição","Tipo",null,"Und","Quant.","Valor Unit","Total"]
["Composição"," 97644 ","SINAPI","REMOÇÃO DE PORTAS, DE FORMA MANUAL, SEM REAPROVEITAMENTO. AF_09/2023","Demolições e Remoções",null,"m²",1,14,14]
["Composição Auxiliar"," 88316 ","SINAPI","SERVENTE COM ENCARGOS COMPLEMENTARES","Livro SINAPI: Cálculos e Parâmetros",null,"H",0.3075,31.43,9.66]
["Composição Auxiliar"," 88309 ","SINAPI","PEDREIRO COM ENCARGOS COMPLEMENTARES","Livro SINAPI: Cálculos e Parâmetros",null,"H",0.1087,39.97,4.34]
[{"$nulls":4},"MO sem LS =>",6.38,"LS =>",5.43,"MO com LS =>",11.81]
[{"$nulls":4},"Valor do BDI =>",3.85,null,"Valor com BDI =>",null,17.850000000000001]
[{"$nulls":6},"Quant. =>","16,80","Preço Total =>",299.88]
[]
[" 3.4 ","Código","Banco","Descrição","Tipo",null,"Und","Quant.","Valor Unit","Total"]
["Composição"," 100695 ","SINAPI","RECOLOCAÇÃO DE FOLHAS DE PORTA DE MADEIRA LEVE OU MÉDIA DE 60CM DE LARGURA, CONSIDERANDO REAPROVEITAMENTO DO MATERIAL. AF_12/2019","Esquadrias - Portas",null,"UN",1,87.08,87.08]
["Composição Auxiliar"," 88316 ","SINAPI","SERVENTE COM ENCARGOS COMPLEMENTARES","Livro SINAPI: Cálculos e Parâmetros",null,"H",0.96599999999999997,31.43,30.36]
["Composição Auxiliar"," 88261 ","SINAPI","CARPINTEIRO DE ESQUADRIAS COM ENCARGOS COMPLEMENTARES","Livro SINAPI: Cálculos e Parâmetros",null,"H",1.282,37.53,48.11]
["Composição Auxiliar"," 88309 ","SINAPI","PEDREIRO COM ENCARGOS COMPLEMENTARES","Livro SINAPI: Cálculos e Parâmetros",null,"H",0.16600000000000001,39.97,6.63]
["Insumo"," 00011055 ","SINAPI","PARAFUSO ROSCA SOBERBA ZINCADO CABECA CHATA FENDA SIMPLES 3,5 X 25 MM (1\")","Material",null,"UN",19.8,0.1,1.98]
[{"$nulls":4},"MO sem LS =>",39.28,"LS =>",33.340000000000003,"MO com LS =>",72.62]
[{"$nulls":4},"Valor do BDI =>",23.97,null,"Valor com BDI =>",null,111.05]
[{"$nulls":6},"Quant. =>","5,00","Preço Total =>",555.25]
[]
[" 3.5 ","Código","Banco","Descrição","Tipo",null,"Und","Quant.","Valor Unit","Total"]
["Composição"," 100697 ","SINAPI","RECOLOCAÇÃO DE FOLHAS DE PORTA DE MADEIRA LEVE OU MÉDIA DE 80CM DE LARGURA, CONSIDERANDO REAPROVEITAMENTO DO MATERIAL. AF_12/2019","Esquadrias - Portas",null,"UN",1,106.76,106.76]
["Composição Auxiliar"," 88309 ","SINAPI","PEDREIRO COM ENCARGOS COMPLEMENTARES","Livro SINAPI: Cálculos e Parâmetros",null,"H",0.221,39.97,8.83]
["Composição Auxiliar"," 88316 ","SINAPI","SERVENTE COM ENCARGOS COMPLEMENTARES","Livro SINAPI: Cálculos e Parâmetros",null,"H",1.2070000000000001,31.43,37.93]
["Composição Auxiliar"," 88261 ","SINAPI","CARPINTEIRO DE ESQUADRIAS COM ENCARGOS COMPLEMENTARES","Livro SINAPI: Cálculos e Parâmetros",null,"H",1.546,37.53,58.02]
["Insumo"," 00011055 ","SINAPI","PARAFUSO ROSCA SOBERBA ZINCADO CABECA CHATA FENDA SIMPLES 3,5 X 25 MM (1\")","Material",null,"UN",19.8,0.1,1.98]
[{"$nulls":4},"MO sem LS =>",48.36,"LS =>",41.04,"MO com LS =>",89.4]
[{"$nulls":4},"Valor do BDI =>",29.39,null,"Valor com BDI =>",null,136.15]
[{"$nulls":6},"Quant. =>","5,00","Preço Total =>",680.75]
[]
[" 3.6 ","Código","Banco","Descrição","Tipo",null,"Und","Quant.","Valor Unit","Total"]
["Composição"," 100690 ","SINAPI","KIT DE PORTA DE MADEIRA FRISADA, SEMI-OCA (LEVE OU MÉDIA), PADRÃO POPULAR, 80X210CM, ESPESSURA DE 3,5CM, ITENS INCLUSOS: DOBRADIÇAS, MONTAGEM E INSTALAÇÃO DE BATENTE, FECHADURA COM EXECUÇÃO DO FURO - FORNECIMENTO E INSTALAÇÃO. AF_12/2019","Esquadrias - Portas",null,"UN",1,1049.0999999999999,1049.0999999999999]
["Composição Auxiliar"," 91292 ","SINAPI","BATENTE PARA PORTA DE MADEIRA, FIXAÇÃO COM ARGAMASSA, PADRÃO POPULAR. FORNECIMENTO E INSTALAÇÃO. AF_12/2019","Esquadrias - Portas",null,"UN",1,381.49,381.49]
["Composição Auxiliar"," 100660 ","SINAPI","ALIZAR DE 5X1,5CM PARA PORTA FIXADO COM PREGOS, PADRÃO POPULAR - FORNECIMENTO E INSTALAÇÃO. AF_12/2019","Esquadrias - Portas",null,"M",10,8.0399999999999991,80.400000000000006]
["Composição Auxiliar"," 91297 ","SINAPI","PORTA DE MADEIRA FRISADA, SEMI-OCA (LEVE OU MÉDIA), 80X210CM, ESPESSURA DE 3,5CM, INCLUSO DOBRADIÇAS - FORNECIMENTO E INSTALAÇÃO. AF_12/2019","Esquadrias - Portas",null,"UN",1,470.64,470.64]
["Composição Auxiliar"," 91304 ","SINAPI","FECHADURA DE EMBUTIR COM CILINDRO, EXTERNA, COMPLETA, ACABAMENTO PADRÃO POPULAR, INCLUSO EXECUÇÃO DE FURO - FORNECIMENTO E INSTALAÇÃO. AF_12/2019","Esquadrias - Portas",null,"UN",1,116.57,116.57]
[{"$nulls":4},"MO sem LS =>",198.51,"LS =>",168.45,"MO com LS =>",366.96]
[{"$nulls":4},"Valor do BDI =>",288.81,null,"Valor com BDI =>",null,1337.91]
[{"$nulls":6},"Quant. =>","2,00","Preço Total =>",2675.82]
[]
[" 3.7 ","Código","Banco","Descrição","Tipo",null,"Und","Quant.","Valor Unit","Total"]
["Composição"," 100688 ","SINAPI","KIT DE PORTA DE MADEIRA FRISADA, SEMI-OCA (LEVE OU MÉDIA), PADRÃO POPULAR, 60X210CM, ESPESSURA DE 3CM, ITENS INCLUSOS: DOBRADIÇAS, MONTAGEM E INSTALAÇÃO DE BATENTE, FECHADURA COM EXECUÇÃO DO FURO - FORNECIMENTO E INSTALAÇÃO. AF_12/2019","Esquadrias - Portas",null,"UN",1,971.83,971.83]
["Composição Auxiliar"," 91305 ","SINAPI","FECHADURA DE EMBUTIR PARA PORTA DE BANHEIRO, COMPLETA, ACABAMENTO PADRÃO POPULAR, INCLUSO EXECUÇÃO DE FURO - FORNECIMENTO E INSTALAÇÃO. AF_12/2019","Esquadrias - Portas",null,"UN",1,111.63,111.63]
["Composição Auxiliar"," 100660 ","SINAPI","ALIZAR DE 5X1,5CM PARA PORTA FIXADO COM PREGOS, PADRÃO POPULAR - FORNECIMENTO E INSTALAÇÃO. AF_12/2019","Esquadrias - Portas",null,"M",9.6,8.0399999999999991,77.180000000000007]
["Composição Auxiliar"," 91292 ","SINAPI","BATENTE PARA PORTA DE MADEIRA, FIXAÇÃO COM ARGAMASSA, PADRÃO POPULAR. FORNECIMENTO E INSTALAÇÃO. AF_12/2019","Esquadrias - Portas",null,"UN",1,381.49,381.49]
["Composição Auxiliar"," 91295 ","SINAPI","PORTA DE MADEIRA FRISADA, SEMI-OCA (LEVE OU MÉDIA), 60X210CM, ESPESSURA DE 3CM, INCLUSO DOBRADIÇAS - FORNECIMENTO E INSTALAÇÃO. AF_12/2019","Esquadrias - Portas",null,"UN",1,401.53,401.53]
[{"$nulls":4},"MO sem LS =>",185.56,"LS =>",157.46,"MO com LS =>",343.02]
[{"$nulls":4},"Valor do BDI =>",267.54000000000002,null,"Valor com BDI =>",null,1239.3699999999999]
[{"$nulls":6},"Quant. =>","3,00","Preço Total =>",3718.11]
[]
[" 4 ",null,null,"INSTALAÇÕES ELÉTRICAS",{"$nulls":5},30621.52]
[" 4.1 ",null,null,"Eletrodutos, caixas, tomadas e iluminação",{"$nulls":5},27789.94]
[" 4.1.1 ","Código","Banco","Descrição","Tipo",null,"Und","Quant.","Valor Unit","Total"]
["Composição"," 91863 ","SINAPI","ELETRODUTO RÍGIDO ROSCÁVEL, PVC, DN 25 MM (3/4\"), PARA CIRCUITOS TERMINAIS, INSTALADO EM FORRO - FORNECIMENTO E INSTALAÇÃO. AF_03/2023","Instalações Elétricas - Eletrodutos Embutidos, Cabos, Caixas, Tomadas e Interruptores",null,"M",1,13.76,13.76]
["Composição Auxiliar"," 88247 ","SINAPI","AUXILIAR DE ELETRICISTA COM ENCARGOS COMPLEMENTARES","Livro SINAPI: Cálculos e Parâmetros",null,"H",0.11899999999999999,33.49,3.98]
["Composição Auxiliar"," 88264 ","SINAPI","ELETRICISTA COM ENCARGOS COMPLEMENTARES","Livro SINAPI: Cálculos e Parâmetros",null,"H",0.11899999999999999,40.549999999999997,4.82]
["Insumo"," 00002674 ","SINAPI","ELETRODUTO DE PVC RIGIDO ROSCAVEL DE 3/4\", SEM LUVA","Material",null,"M",1.0169999999999999,4.88,4.96]
[{"$nulls":4},"MO sem LS =>",4.0599999999999996,"LS =>",3.46,"MO com LS =>",7.52]
[{"$nulls":4},"Valor do BDI =>",3.78,null,"Valor com BDI =>",null,17.54]
[{"$nulls":6},"Quant. =>","100,00","Preço Total =>",1754]
[]
[" 4.1.2 ","Código","Banco","Descrição","Tipo",null,"Und","Quant.","Valor Unit","Total"]
["Composição"," 91867 ","SINAPI","ELETRODUTO RÍGIDO ROSCÁVEL, PVC, DN 25 MM (3/4\"), PARA CIRCUITOS TERMINAIS, INSTALADO EM LAJE - FORNECIMENTO E INSTALAÇÃO. AF_03/2023","Instalações Elétricas - Eletrodutos Embutidos, Cabos, Caixas, Tomadas e Interruptores",null,"M",1,11.95,11.95]
["Composição Auxiliar"," 88264 ","SINAPI","ELETRICISTA COM ENCARGOS COMPLEMENTARES","Livro SINAPI: Cálculos e Parâmetros",null,"H",9.4E-2,40.549999999999997,3.81]
["Composição Auxiliar"," 88247 ","SINAPI","AUXILIAR DE ELETRICISTA COM ENCARGOS COMPLEMENTARES","Livro SINAPI: Cálculos e Parâmetros",null,"H",9.4E-2,33.49,3.14]
["Insumo"," 00002674 ","SINAPI","ELETRODUTO DE PVC RIGIDO ROSCAVEL DE 3/4\", SEM LUVA","Material",null,"M",1.0169999999999999,4.88,4.96]
["Insumo"," 00043132 ","SINAPI","ARAME RECOZIDO 16 BWG, D = 1,65 MM (0,016 KG/M) OU 18 BWG, D = 1,25 MM (0,01 KG/M)","Material",null,"KG",1.8E-3,24,0.04]
[{"$nulls":4},"MO sem LS =>",3.21,"LS =>",2.73,"MO com LS =>",5.94]
[{"$nulls":4},"Valor do BDI =>",3.28,null,"Valor com BDI =>",null,15.23]
[{"$nulls":6},"Quant. =>","100,00","Preço Total =>",1523]
[]
[" 4.1.3 ","Código","Banco","Descrição","Tipo",null,"Und","Quant.","Valor Unit","Total"]
["Composição"," 91871 ","SINAPI","ELETRODUTO RÍGIDO ROSCÁVEL, PVC, DN 25 MM (3/4\"), PARA CIRCUITOS TERMINAIS, INSTALADO EM PAREDE - FORNECIMENTO E INSTALAÇÃO. AF_03/2023","Instalações Elétricas - Eletrodutos Embutidos, Cabos, Caixas, Tomadas e Interruptores",null,"M",1,18.05,18.05]
["Composição Auxiliar"," 88247 ","SINAPI","AUXILIAR DE ELETRICISTA COM ENCARGOS COMPLEMENTARES","Livro SINAPI: Cálculos e Parâmetros",null,"H",0.17699999999999999,33.49,5.92]
["Composição Auxiliar"," 88264 ","SINAPI","ELETRICISTA COM ENCARGOS COMPLEMENTARES","Livro SINAPI: Cálculos e Parâmetros",null,"H",0.17699999999999999,40.549999999999997,7.17]
["Insumo"," 00002674 ","SINAPI","ELETRODUTO DE PVC RIGIDO ROSCAVEL DE 3/4\", SEM LUVA","Material",null,"M",1.0169999999999999,4.88,4.96]
[{"$nulls":4},"MO sem LS =>",6.06,"LS =>",5.15,"MO com LS =>",11.21]
[{"$nulls":4},"Valor do BDI =>",4.96,null,"Valor com BDI =>",null,23.01]
[{"$nulls":6},"Quant. =>","100,00","Preço Total =>",2301]
[]
[" 4.1.4 ","Código","Banco","Descrição","Tipo",null,"Und","Quant.","Valor Unit","Total"]
["Composição"," 91890 ","SINAPI","CURVA 90 GRAUS PARA ELETRODUTO, PVC, ROSCÁVEL, DN 25 MM (3/4\"), PARA CIRCUITOS TERMINAIS, INSTALADA EM FORRO - FORNECIMENTO E INSTALAÇÃO. AF_03/2023","Instalações Elétricas - Eletrodutos Embutidos, Cabos, Caixas, Tomadas e Interruptores",null,"UN",1,16.760000000000002,16.760000000000002]
["Composição Auxiliar"," 88264 ","SINAPI","ELETRICISTA COM ENCARGOS COMPLEMENTARES","Livro SINAPI: Cálculos e Parâmetros",null,"H",0.20599999999999999,40.549999999999997,8.35]
["Composição Auxiliar"," 88247 ","SINAPI","AUXILIAR DE ELETRICISTA COM ENCARGOS COMPLEMENTARES","Livro SINAPI: Cálculos e Parâmetros",null,"H",0.20599999999999999,33.49,6.89]
["Insumo"," 00001879 ","SINAPI","CURVA 90 GRAUS, LONGA, DE PVC RIGIDO ROSCAVEL, DE 3/4\", PARA ELETRODUTO","Material",null,"UN",1,1.52,1.52]
[{"$nulls":4},"MO sem LS =>",7.05,"LS =>",5.99,"MO com LS =>",13.04]
[{"$nulls":4},"Valor do BDI =>",4.6100000000000003,null,"Valor com BDI =>",null,21.37]
[{"$nulls":6},"Quant. =>","5,00","Preço Total =>",106.85]
[]
[" 4.1.5 ","Código","Banco","Descrição","Tipo",null,"Und","Quant.","Valor Unit","Total"]
["Composição"," 91902 ","SINAPI","CURVA 90 GRAUS PARA ELETRODUTO, PVC, ROSCÁVEL, DN 25 MM (3/4\"), PARA CIRCUITOS TERMINAIS, INSTALADA EM LAJE - FORNECIMENTO E INSTALAÇÃO. AF_03/2023","Instalações Elétricas - Eletrodutos Embutidos, Cabos, Caixas, Tomadas e Interruptores",null,"UN",1,13.5,13.5]
["Composição Auxiliar"," 88247 ","SINAPI","AUXILIAR DE ELETRICISTA COM ENCARGOS COMPLEMENTARES","Livro SINAPI: Cálculos e Parâmetros",null,"H",0.16200000000000001,33.49,5.42]
["Composição Auxiliar"," 88264 ","SINAPI","ELETRICISTA COM ENCARGOS COMPLEMENTARES","Livro SINAPI: Cálculos e Parâmetros",null,"H",0.16200000000000001,40.549999999999997,6.56]
["Insumo"," 00001879 ","SINAPI","CURVA 90 GRAUS, LONGA, DE PVC RIGIDO ROSCAVEL, DE 3/4\", PARA ELETRODUTO","Material",null,"UN",1,1.52,1.52]
[{"$nulls":4},"MO sem LS =>",5.54,"LS =>",4.71,"MO com LS =>",10.25]
[{"$nulls":4},"Valor do BDI =>",3.71,null,"Valor com BDI =>",null,17.21]
[{"$nulls":6},"Quant. =>","5,00","Preço Total =>",86.05]
[]
[" 4.1.6 ","Código","Banco","Descrição","Tipo",null,"Und","Quant.","Valor Unit","Total"]
["Composição"," 91914 ","SINAPI","CURVA 90 GRAUS PARA ELETRODUTO, PVC, ROSCÁVEL, DN 25 MM (3/4\"), PARA CIRCUITOS TERMINAIS, INSTALADA EM PAREDE - FORNECIMENTO E INSTALAÇÃO. AF_03/2023","Instalações Elétricas - Eletrodutos Embutidos, Cabos, Caixas, Tomadas e Interruptores",null,"UN",1,23.35,23.35]
["Composição Auxiliar"," 88264 ","SINAPI","ELETRICISTA COM ENCARGOS COMPLEMENTARES","Livro SINAPI: Cálculos e Parâmetros",null,"H",0.29499999999999998,40.549999999999997,11.96]
["Composição Auxiliar"," 88247 ","SINAPI","AUXILIAR DE ELETRICISTA COM ENCARGOS COMPLEMENTARES","Livro SINAPI: Cálculos e Parâmetros",null,"H",0.29499999999999998,33.49,9.8699999999999992]
["Insumo"," 00001879 ","SINAPI","CURVA 90 GRAUS, LONGA, DE PVC RIGIDO ROSCAVEL, DE 3/4\", PARA ELETRODUTO","Material",null,"UN",1,1.52,1.52]
[{"$nulls":4},"MO sem LS =>",10.1,"LS =>",8.58,"MO com LS =>",18.68]
[{"$nulls":4},"Valor do BDI =>",6.42,null,"Valor com BDI =>",null,29.77]
[{"$nulls":6},"Quant. =>","5,00","Preço Total =>",148.85]
[]
[" 4.1.7 ","Código","Banco","Descrição","Tipo",null,"Und","Quant.","Valor Unit","Total"]
["Composição"," 91875 ","SINAPI","LUVA PARA ELETRODUTO, PVC, ROSCÁVEL, DN 25 MM (3/4\"), PARA CIRCUITOS TERMINAIS, INSTALADA EM FORRO - FORNECIMENTO E INSTALAÇÃO. AF_03/2023","Instalações Elétricas - Eletrodutos Embutidos, Cabos, Caixas, Tomadas e Interruptores",null,"UN",1,10.79,10.79]
["Composição Auxiliar"," 88264 ","SINAPI","ELETRICISTA COM ENCARGOS COMPLEMENTARES","Livro SINAPI: Cálculos e Parâmetros",null,"H",0.13700000000000001,40.549999999999997,5.55]
["Composição Auxiliar"," 88247 ","SINAPI","AUXILIAR DE ELETRICISTA COM ENCARGOS COMPLEMENTARES","Livro SINAPI: Cálculos e Parâmetros",null,"H",0.13700000000000001,33.49,4.58]
["Insumo"," 00001891 ","SINAPI","LUVA EM PVC RIGIDO ROSCAVEL, DE 3/4\", PARA ELETRODUTO","Material",null,"UN",1,0.66,0.66]
[{"$nulls":4},"MO sem LS =>",4.6900000000000004,"LS =>",3.98,"MO com LS =>",8.67]
[{"$nulls":4},"Valor do BDI =>",2.97,null,"Valor com BDI =>",null,13.76]
[{"$nulls":6},"Quant. =>","5,00","Preço Total =>",68.8]
[]
[" 4.1.8 ","Código","Banco","Descrição","Tipo",null,"Und","Quant.","Valor Unit","Total"]
["Composição"," 91879 ","SINAPI","LUVA PARA ELETRODUTO, PVC, ROSCÁVEL, DN 25 MM (3/4\"), PARA CIRCUITOS TERMINAIS, INSTALADA EM LAJE - FORNECIMENTO E INSTALAÇÃO. AF_03/2023","Instalações Elétricas - Eletrodutos Embutidos, Cabos, Caixas, Tomadas e Interruptores",null,"UN",1,8.64,8.64]
["Composição Auxiliar"," 88264 ","SINAPI","ELETRICISTA COM ENCARGOS COMPLEMENTARES","Livro SINAPI: Cálculos e Parâmetros",null,"H",0.108,40.549999999999997,4.37]
["Composição Auxiliar"," 88247 ","SINAPI","AUXILIAR DE ELETRICISTA COM ENCARGOS COMPLEMENTARES","Livro SINAPI: Cálculos e Parâmetros",null,"H",0.108,33.49,3.61]
["Insumo"," 00001891 ","SINAPI","LUVA EM PVC RIGIDO ROSCAVEL, DE 3/4\", PARA ELETRODUTO","Material",null,"UN",1,0.66,0.66]
[{"$nulls":4},"MO sem LS =>",3.69,"LS =>",3.14,"MO com LS =>",6.83]
[{"$nulls":4},"Valor do BDI =>",2.37,null,"Valor com BDI =>",null,11.01]
[{"$nulls":6},"Quant. =>","5,00","Preço Total =>",55.05]
[]
[" 4.1.9 ","Código","Banco","Descrição","Tipo",null,"Und","Quant.","Valor Unit","Total"]
["Composição"," 91884 ","SINAPI","LUVA PARA ELETRODUTO, PVC, ROSCÁVEL, DN 25 MM (3/4\"), PARA CIRCUITOS TERMINAIS, INSTALADA EM PAREDE - FORNECIMENTO E INSTALAÇÃO. AF_03/2023","Instalações Elétricas - Eletrodutos Embutidos, Cabos, Caixas, Tomadas e Interruptores",null,"UN",1,15.23,15.23]
["Composição Auxiliar"," 88247 ","SINAPI","AUXILIAR DE ELETRICISTA COM ENCARGOS COMPLEMENTARES","Livro SINAPI: Cálculos e Parâmetros",null,"H",0.19700000000000001,33.49,6.59]
["Composição Auxiliar"," 88264 ","SINAPI","ELETRICISTA COM ENCARGOS COMPLEMENTARES","Livro SINAPI: Cálculos e Parâmetros",null,"H",0.19700000000000001,40.549999999999997,7.98]
["Insumo"," 00001891 ","SINAPI","LUVA EM PVC RIGIDO ROSCAVEL, DE 3/4\", PARA ELETRODUTO","Material",null,"UN",1,0.66,0.66]
[{"$nulls":4},"MO sem LS =>",6.74,"LS =>",5.73,"MO com LS =>",12.47]
[{"$nulls":4},"Valor do BDI =>",4.1900000000000004,null,"Valor com BDI =>",null,19.420000000000002]
[{"$nulls":6},"Quant. =>","5,00","Preço Total =>",97.1]
[]
[" 4.1.10 ","Código","Banco","Descrição","Tipo",null,"Und","Quant.","Valor Unit","Total"]
["Composição"," 91924 ","SINAPI","CABO DE COBRE FLEXÍVEL ISOLADO, 1,5 MM², ANTI-CHAMA 450/750 V, PARA CIRCUITOS TERMINAIS - FORNECIMENTO E INSTALAÇÃO. AF_03/2023","Instalações Elétricas - Eletrodutos Embutidos, Cabos, Caixas, Tomadas e Interruptores",null,"M",1,3.8,3.8]
["Composição Auxiliar"," 88264 ","SINAPI","ELETRICISTA COM ENCARGOS COMPLEMENTARES","Livro SINAPI: Cálculos e Parâmetros",null,"H",2.3E-2,40.549999999999997,0.93]
["Composição Auxiliar"," 88247 ","SINAPI","AUXILIAR DE ELETRICISTA COM ENCARGOS COMPLEMENTARES","Livro SINAPI: Cálculos e Parâmetros",null,"H",2.3E-2,33.49,0.77]
["Insumo"," 00001013 ","SINAPI","CABO DE COBRE, FLEXIVEL, CLASSE 4 OU 5, ISOLACAO EM PVC/A, ANTICHAMA BWF-B, 1 CONDUTOR, 450/750 V, SECAO NOMINAL 1,5 MM2","Material",null,"M",1.2434000000000001,1.67,2.0699999999999998]
["Insumo"," 00021127 ","SINAPI","FITA ISOLANTE ADESIVA ANTICHAMA, USO ATE 750 V, EM ROLO DE 19 MM X 5 M","Material",null,"UN",9.4000000000000004E-3,3.4,0.03]
[{"$nulls":4},"MO sem LS =>",0.77,"LS =>",0.67,"MO com LS =>",1.44]
[{"$nulls":4},"Valor do BDI =>",1.04,null,"Valor com BDI =>",null,4.84]
[{"$nulls":6},"Quant. =>","5,00","Preço Total =>",24.2]
[]
[" 4.1.11 ","Código","Banco","Descrição","Tipo",null,"Und","Quant.","Valor Unit","Total"]
["Composição"," 91926 ","SINAPI","CABO DE COBRE FLEXÍVEL ISOLADO, 2,5 MM², ANTI-CHAMA 450/750 V, PARA CIRCUITOS TERMINAIS - FORNECIMENTO E INSTALAÇÃO. AF_03/2023","Instalações Elétricas - Eletrodutos Embutidos, Cabos, Caixas, Tomadas e Interruptores",null,"M",1,5.46,5.46]
["Composição Auxiliar"," 88247 ","SINAPI","AUXILIAR DE ELETRICISTA COM ENCARGOS COMPLEMENTARES","Livro SINAPI: Cálculos e Parâmetros",null,"H",2.9000000000000001E-2,33.49,0.97]
["Composição Auxiliar"," 88264 ","SINAPI","ELETRICISTA COM ENCARGOS COMPLEMENTARES","Livro SINAPI: Cálculos e Parâmetros",null,"H",2.9000000000000001E-2,40.549999999999997,1.17]
["Insumo"," 00001014 ","SINAPI","CABO DE COBRE, FLEXIVEL, CLASSE 4 OU 5, ISOLACAO EM PVC/A, ANTICHAMA BWF-B, 1 CONDUTOR, 450/750 V, SECAO NOMINAL 2,5 MM2","Material",null,"M",1.2434000000000001,2.65,3.29]
["Insumo"," 00021127 ","SINAPI","FITA ISOLANTE ADESIVA ANTICHAMA, USO ATE 750 V, EM ROLO DE 19 MM X 5 M","Material",null,"UN",9.4000000000000004E-3,3.4,0.03]
[{"$nulls":4},"MO sem LS =>",0.98,"LS =>",0.85,"MO com LS =>",1.83]
[{"$nulls":4},"Valor do BDI =>",1.5,null,"Valor com BDI =>",null,6.96]
[{"$nulls":6},"Quant. =>","5,00","Preço Total =>",34.799999999999997]
[]
[" 4.1.12 ","Código","Banco","Descrição","Tipo",null,"Und","Quant.","Valor Unit","Total"]
["Composição"," 91928 ","SINAPI","CABO DE COBRE FLEXÍVEL ISOLADO, 4 MM², ANTI-CHAMA 450/750 V, PARA CIRCUITOS TERMINAIS - FORNECIMENTO E INSTALAÇÃO. AF_03/2023","Instalações Elétricas - Eletrodutos Embutidos, Cabos, Caixas, Tomadas e Interruptores",null,"M",1,8.3800000000000008,8.3800000000000008]
["Composição Auxiliar"," 88247 ","SINAPI","AUXILIAR DE ELETRICISTA COM ENCARGOS COMPLEMENTARES","Livro SINAPI: Cálculos e Parâmetros",null,"H",3.9E-2,33.49,1.3]
["Composição Auxiliar"," 88264 ","SINAPI","ELETRICISTA COM ENCARGOS COMPLEMENTARES","Livro SINAPI: Cálculos e Parâmetros",null,"H",3.9E-2,40.549999999999997,1.58]
["Insumo"," 00000981 ","SINAPI","CABO DE COBRE, FLEXIVEL, CLASSE 4 OU 5, ISOLACAO EM PVC/A, ANTICHAMA BWF-B, 1 CONDUTOR, 450/750 V, SECAO NOMINAL 4 MM2","Material",null,"M",1.2434000000000001,4.4000000000000004,5.47]
["Insumo"," 00021127 ","SINAPI","FITA ISOLANTE ADESIVA ANTICHAMA, USO ATE 750 V, EM ROLO DE 19 MM X 5 M","Material",null,"UN",9.4000000000000004E-3,3.4,0.03]
[{"$nulls":4},"MO sem LS =>",1.33,"LS =>",1.1299999999999999,"MO com LS =>",2.46]
[{"$nulls":4},"Valor do BDI =>",2.2999999999999998,null,"Valor com BDI =>",null,10.68]
[{"$nulls":6},"Quant. =>","100,00","Preço Total =>",1068]
[]
[" 4.1.13 ","Código","Banco","Descrição","Tipo",null,"Und","Quant.","Valor Unit","Total"]
["Composição"," 91932 ","SINAPI","CABO DE COBRE FLEXÍVEL ISOLADO, 10 MM², ANTI-CHAMA 450/750 V, PARA CIRCUITOS TERMINAIS - FORNECIMENTO E INSTALAÇÃO. AF_03/2023","Instalações Elétricas - Eletrodutos Embutidos, Cabos, Caixas, Tomadas e Interruptores",null,"M",1,20.68,20.68]
["Composição Auxiliar"," 88247 ","SINAPI","AUXILIAR DE ELETRICISTA COM ENCARGOS COMPLEMENTARES","Livro SINAPI: Cálculos e Parâmetros",null,"H",7.5999999999999998E-2,33.49,2.54]
["Composição Auxiliar"," 88264 ","SINAPI","ELETRICISTA COM ENCARGOS COMPLEMENTARES","Livro SINAPI: Cálculos e Parâmetros",null,"H",7.5999999999999998E-2,40.549999999999997,3.08]
["Insumo"," 00000980 ","SINAPI","CABO DE COBRE, FLEXIVEL, CLASSE 4 OU 5, ISOLACAO EM PVC/A, ANTICHAMA BWF-B, 1 CONDUTOR, 450/750 V, SECAO NOMINAL 10 MM2","Material",null,"M",1.2434000000000001,12.09,15.03]
["Insumo"," 00021127 ","SINAPI","FITA ISOLANTE ADESIVA ANTICHAMA, USO ATE 750 V, EM ROLO DE 19 MM X 5 M","Material",null,"UN",9.4000000000000004E-3,3.4,0.03]
[{"$nulls":4},"MO sem LS =>",2.59,"LS =>",2.21,"MO com LS =>",4.8]
[{"$nulls":4},"Valor do BDI =>",5.69,null,"Valor com BDI =>",null,26.37]
[{"$nulls":6},"Quant. =>","100,00","Preço Total =>",2637]
[]
[" 4.1.14 ","Código","Banco","Descrição","Tipo",null,"Und","Quant.","Valor Unit","Total"]
["Composição"," 91934 ","SINAPI","CABO DE COBRE FLEXÍVEL ISOLADO, 16 MM², ANTI-CHAMA 450/750 V, PARA CIRCUITOS TERMINAIS - FORNECIMENTO E INSTALAÇÃO. AF_03/2023","Instalações Elétricas - Eletrodutos Embutidos, Cabos, Caixas, Tomadas e Interruptores",null,"M",1,29.93,29.93]
["Composição Auxiliar"," 88264 ","SINAPI","ELETRICISTA COM ENCARGOS COMPLEMENTARES","Livro SINAPI: Cálculos e Parâmetros",null,"H",0.114,40.549999999999997,4.62]
["Composição Auxiliar"," 88247 ","SINAPI","AUXILIAR DE ELETRICISTA COM ENCARGOS COMPLEMENTARES","Livro SINAPI: Cálculos e Parâmetros",null,"H",0.114,33.49,3.81]
["Insumo"," 00000979 ","SINAPI","CABO DE COBRE, FLEXIVEL, CLASSE 4 OU 5, ISOLACAO EM PVC/A, ANTICHAMA BWF-B, 1 CONDUTOR, 450/750 V, SECAO NOMINAL 16 MM2","Material",null,"M",1.2434000000000001,17.27,21.47]
["Insumo"," 00021127 ","SINAPI","FITA ISOLANTE ADESIVA ANTICHAMA, USO ATE 750 V, EM ROLO DE 19 MM X 5 M","Material",null,"UN",9.4000000000000004E-3,3.4,0.03]
[{"$nulls":4},"MO sem LS =>",3.9,"LS =>",3.31,"MO com LS =>",7.21]
[{"$nulls":4},"Valor do BDI =>",8.23,null,"Valor com BDI =>",null,38.159999999999997]
[{"$nulls":6},"Quant. =>","100,00","Preço Total =>",3816]
[]
[" 4.1.15 ","Código","Banco","Descrição","Tipo",null,"Und","Quant.","Valor Unit","Total"]
["Composição"," 104475 ","SINAPI","COMPOSIÇÃO PARAMÉTRICA DE PONTO ELÉTRICO DE TOMADA DE USO GERAL 2P+T (10A/250V) COM ELETRODUTO EMBUTIDO EM RASGOS NAS PAREDES, INCLUSO TOMADA, ELETRODUTO, CABO, RASGO, QUEBRA E CHUMBAMENTO. AF_11/2022","INEL - INSTALAÇÃO ELÉTRICA/ELETRIFICAÇÃO E ILUMINAÇÃO EXTERNA",null,"UN",1,183.58,183.58]
["Composição Auxiliar"," 90466 ","SINAPI","CHUMBAMENTO LINEAR EM ALVENARIA PARA RAMAIS/DISTRIBUIÇÃO DE INSTALAÇÕES HIDRÁULICAS COM DIÂMETROS MENORES OU IGUAIS A 40 MM. AF_09/2023","Rasgos e Fixações",null,"M",0.88500000000000001,20.7,18.309999999999999]
["Composição Auxiliar"," 90447 ","SINAPI","RASGO LINEAR MANUAL EM ALVENARIA, PARA ELETRODUTOS, DIÂMETROS MENORES OU IGUAIS A 40 MM. AF_09/2023","Rasgos e Fixações",null,"M",0.88500000000000001,11.73,10.38]
["Composição Auxiliar"," 91855 ","SINAPI","ELETRODUTO FLEXÍVEL CORRUGADO REFORÇADO, PVC, DN 25 MM (3/4\"), PARA CIRCUITOS TERMINAIS, INSTALADO EM PAREDE - FORNECIMENTO E INSTALAÇÃO. AF_03/2023","Instalações Elétricas - Eletrodutos Embutidos, Cabos, Caixas, Tomadas e Interruptores",null,"M",0.88500000000000001,13.88,12.28]
["Composição Auxiliar"," 91845 ","SINAPI","ELETRODUTO FLEXÍVEL CORRUGADO REFORÇADO, PVC, DN 25 MM (3/4\"), PARA CIRCUITOS TERMINAIS, INSTALADO EM LAJE - FORNECIMENTO E INSTALAÇÃO. AF_03/2023","Instalações Elétricas - Eletrodutos Embutidos, Cabos, Caixas, Tomadas e Interruptores",null,"M",1.6140000000000001,9.58,15.46]
["Composição Auxiliar"," 92000 ","SINAPI","TOMADA BAIXA DE EMBUTIR (1 MÓDULO), 2P+T 10 A, INCLUINDO SUPORTE E PLACA - FORNECIMENTO E INSTALAÇÃO. AF_03/2023","Instalações Elétricas - Eletrodutos Embutidos, Cabos, Caixas, Tomadas e Interruptores",null,"UN",1,38.36,38.36]
["Composição Auxiliar"," 90456 ","SINAPI","QUEBRA EM ALVENARIA PARA INSTALAÇÃO DE CAIXA DE TOMADA (4X4 OU 4X2). AF_09/2023","Rasgos e Fixações",null,"UN",1,7.76,7.76]
["Composição Auxiliar"," 91940 ","SINAPI","CAIXA RETANGULAR 4\" X 2\" MÉDIA (1,30 M DO PISO), PVC, INSTALADA EM PAREDE - FORNECIMENTO E INSTALAÇÃO. AF_03/2023","Instalações Elétricas - Eletrodutos Embutidos, Cabos, Caixas, Tomadas e Interruptores",null,"UN",1,23.54,23.54]
["Composição Auxiliar"," 91926 ","SINAPI","CABO DE COBRE FLEXÍVEL ISOLADO, 2,5 MM², ANTI-CHAMA 450/750 V, PARA CIRCUITOS TERMINAIS - FORNECIMENTO E INSTALAÇÃO. AF_03/2023","Instalações Elétricas - Eletrodutos Embutidos, Cabos, Caixas, Tomadas e Interruptores",null,"M",10.531000000000001,5.46,57.49]
[{"$nulls":4},"MO sem LS =>",57.17,"LS =>",48.51,"MO com LS =>",105.68]
[{"$nulls":4},"Valor do BDI =>",50.53,null,"Valor com BDI =>",null,234.11]
[{"$nulls":6},"Quant. =>","5,00","Preço Total =>",1170.55]
[]
[" 4.1.16 ","Código","Banco","Descrição","Tipo",null,"Und","Quant.","Valor Unit","Total"]
["Composição"," 104476 ","SINAPI","COMPOSIÇÃO PARAMÉTRICA DE PONTO ELÉTRICO DE TOMADA DE USO ESPECÍFICO 2P+T (20A/250V) COM ELETRODUTO EMBUTIDO EM RASGOS NAS PAREDES, INCLUSO TOMADA, ELETRODUTO, CABO, RASGO, QUEBRA E CHUMBAMENTO (EXCETO CHUVEIRO). AF_11/2022","INEL - INSTALAÇÃO ELÉTRICA/ELETRIFICAÇÃO E ILUMINAÇÃO EXTERNA",null,"UN",1,238.08,238.08]
["Composição Auxiliar"," 91926 ","SINAPI","CABO DE COBRE FLEXÍVEL ISOLADO, 2,5 MM², ANTI-CHAMA 450/750 V, PARA CIRCUITOS TERMINAIS - FORNECIMENTO E INSTALAÇÃO. AF_03/2023","Instalações Elétricas - Eletrodutos Embutidos, Cabos, Caixas, Tomadas e Interruptores",null,"M",10.6357,5.46,58.07]
["Composição Auxiliar"," 91855 ","SINAPI","ELETRODUTO FLEXÍVEL CORRUGADO REFORÇADO, PVC, DN 25 MM (3/4\"), PARA CIRCUITOS TERMINAIS, INSTALADO EM PAREDE - FORNECIMENTO E INSTALAÇÃO. AF_03/2023","Instalações Elétricas - Eletrodutos Embutidos, Cabos, Caixas, Tomadas e Interruptores",null,"M",1.9357,13.88,26.86]
["Composição Auxiliar"," 90466 ","SINAPI","CHUMBAMENTO LINEAR EM ALVENARIA PARA RAMAIS/DISTRIBUIÇÃO DE INSTALAÇÕES HIDRÁULICAS COM DIÂMETROS MENORES OU IGUAIS A 40 MM. AF_09/2023","Rasgos e Fixações",null,"M",1.9357,20.7,40.06]
["Composição Auxiliar"," 91940 ","SINAPI","CAIXA RETANGULAR 4\" X 2\" MÉDIA (1,30 M DO PISO), PVC, INSTALADA EM PAREDE - FORNECIMENTO E INSTALAÇÃO. AF_03/2023","Instalações Elétricas - Eletrodutos Embutidos, Cabos, Caixas, Tomadas e Interruptores",null,"UN",1,23.54,23.54]
["Composição Auxiliar"," 91845 ","SINAPI","ELETRODUTO FLEXÍVEL CORRUGADO REFORÇADO, PVC, DN 25 MM (3/4\"), PARA CIRCUITOS TERMINAIS, INSTALADO EM LAJE - FORNECIMENTO E INSTALAÇÃO. AF_03/2023","Instalações Elétricas - Eletrodutos Embutidos, Cabos, Caixas, Tomadas e Interruptores",null,"M",1.38,9.58,13.22]
["Composição Auxiliar"," 91997 ","SINAPI","TOMADA MÉDIA DE EMBUTIR (1 MÓDULO), 2P+T 20 A, INCLUINDO SUPORTE E PLACA - FORNECIMENTO E INSTALAÇÃO. AF_03/2023","Instalações Elétricas - Eletrodutos Embutidos, Cabos, Caixas, Tomadas e Interruptores",null,"UN",1,45.87,45.87]
["Composição Auxiliar"," 90447 ","SINAPI","RASGO LINEAR MANUAL EM ALVENARIA, PARA ELETRODUTOS, DIÂMETROS MENORES OU IGUAIS A 40 MM. AF_09/2023","Rasgos e Fixações",null,"M",1.9357,11.73,22.7]
["Composição Auxiliar"," 90456 ","SINAPI","QUEBRA EM ALVENARIA PARA INSTALAÇÃO DE CAIXA DE TOMADA (4X4 OU 4X2). AF_09/2023","Rasgos e Fixações",null,"UN",1,7.76,7.76]
[{"$nulls":4},"MO sem LS =>",78.849999999999994,"LS =>",66.91,"MO com LS =>",145.76]
[{"$nulls":4},"Valor do BDI =>",65.540000000000006,null,"Valor com BDI =>",null,303.62]
[{"$nulls":6},"Quant. =>","5,00","Preço Total =>",1518.1]
[]
[" 4.1.17 ","Código","Banco","Descrição","Tipo",null,"Und","Quant.","Valor Unit","Total"]
["Composição"," 104479 ","SINAPI","COMPOSIÇÃO PARAMÉTRICA DE PONTO ELÉTRICO DE TOMADA DE USO GERAL 2P+T (10A/250V) COM ELETRODUTO EMBUTIDO SEM NECESSIDADE DE RASGOS, INCLUSO TOMADA, ELETRODUTO, CABO E QUEBRA. AF_11/2022","INEL - INSTALAÇÃO ELÉTRICA/ELETRIFICAÇÃO E ILUMINAÇÃO EXTERNA",null,"UN",1,154.88999999999999,154.88999999999999]
["Composição Auxiliar"," 90456 ","SINAPI","QUEBRA EM ALVENARIA PARA INSTALAÇÃO DE CAIXA DE TOMADA (4X4 OU 4X2). AF_09/2023","Rasgos e Fixações",null,"UN",1,7.76,7.76]
["Composição Auxiliar"," 92000 ","SINAPI","TOMADA BAIXA DE EMBUTIR (1 MÓDULO), 2P+T 10 A, INCLUINDO SUPORTE E PLACA - FORNECIMENTO E INSTALAÇÃO. AF_03/2023","Instalações Elétricas - Eletrodutos Embutidos, Cabos, Caixas, Tomadas e Interruptores",null,"UN",1,38.36,38.36]
["Composição Auxiliar"," 91855 ","SINAPI","ELETRODUTO FLEXÍVEL CORRUGADO REFORÇADO, PVC, DN 25 MM (3/4\"), PARA CIRCUITOS TERMINAIS, INSTALADO EM PAREDE - FORNECIMENTO E INSTALAÇÃO. AF_03/2023","Instalações Elétricas - Eletrodutos Embutidos, Cabos, Caixas, Tomadas e Interruptores",null,"M",0.88500000000000001,13.88,12.28]
["Composição Auxiliar"," 91940 ","SINAPI","CAIXA RETANGULAR 4\" X 2\" MÉDIA (1,30 M DO PISO), PVC, INSTALADA EM PAREDE - FORNECIMENTO E INSTALAÇÃO. AF_03/2023","Instalações Elétricas - Eletrodutos Embutidos, Cabos, Caixas, Tomadas e Interruptores",null,"UN",1,23.54,23.54]
["Composição Auxiliar"," 91845 ","SINAPI","ELETRODUTO FLEXÍVEL CORRUGADO REFORÇADO, PVC, DN 25 MM (3/4\"), PARA CIRCUITOS TERMINAIS, INSTALADO EM LAJE - FORNECIMENTO E INSTALAÇÃO. AF_03/2023","Instalações Elétricas - Eletrodutos Embutidos, Cabos, Caixas, Tomadas e Interruptores",null,"M",1.6140000000000001,9.58,15.46]
["Composição Auxiliar"," 91926 ","SINAPI","CABO DE COBRE FLEXÍVEL ISOLADO, 2,5 MM², ANTI-CHAMA 450/750 V, PARA CIRCUITOS TERMINAIS - FORNECIMENTO E INSTALAÇÃO. AF_03/2023","Instalações Elétricas - Eletrodutos Embutidos, Cabos, Caixas, Tomadas e Interruptores",null,"M",10.531000000000001,5.46,57.49]
[{"$nulls":4},"MO sem LS =>",44.75,"LS =>",37.979999999999997,"MO com LS =>",82.73]
[{"$nulls":4},"Valor do BDI =>",42.64,null,"Valor com BDI =>",null,197.53]
[{"$nulls":6},"Quant. =>","5,00","Preço Total =>",987.65]
[]
[" 4.1.18 ","Código","Banco","Descrição","Tipo",null,"Und","Quant.","Valor Unit","Total"]
["Composição"," 104480 ","SINAPI","COMPOSIÇÃO PARAMÉTRICA DE PONTO ELÉTRICO DE TOMADA DE USO ESPECÍFICO 2P+T (20A/250V) COM ELETRODUTO EMBUTIDO SEM NECESSIDADE DE RASGOS, INCLUSO TOMADA, ELETRODUTO, CABO E QUEBRA (EXCETO CHUVEIRO). AF_11/2022","INEL - INSTALAÇÃO ELÉTRICA/ELETRIFICAÇÃO E ILUMINAÇÃO EXTERNA",null,"UN",1,175.32,175.32]
["Composição Auxiliar"," 90456 ","SINAPI","QUEBRA EM ALVENARIA PARA INSTALAÇÃO DE CAIXA DE TOMADA (4X4 OU 4X2). AF_09/2023","Rasgos e Fixações",null,"UN",1,7.76,7.76]
["Composição Auxiliar"," 91940 ","SINAPI","CAIXA RETANGULAR 4\" X 2\" MÉDIA (1,30 M DO PISO), PVC, INSTALADA EM PAREDE - FORNECIMENTO E INSTALAÇÃO. AF_03/2023","Instalações Elétricas - Eletrodutos Embutidos, Cabos, Caixas, Tomadas e Interruptores",null,"UN",1,23.54,23.54]
["Composição Auxiliar"," 91926 ","SINAPI","CABO DE COBRE FLEXÍVEL ISOLADO, 2,5 MM², ANTI-CHAMA 450/750 V, PARA CIRCUITOS TERMINAIS - FORNECIMENTO E INSTALAÇÃO. AF_03/2023","Instalações Elétricas - Eletrodutos Embutidos, Cabos, Caixas, Tomadas e Interruptores",null,"M",10.6357,5.46,58.07]
["Composição Auxiliar"," 91997 ","SINAPI","TOMADA MÉDIA DE EMBUTIR (1 MÓDULO), 2P+T 20 A, INCLUINDO SUPORTE E PLACA - FORNECIMENTO E INSTALAÇÃO. AF_03/2023","Instalações Elétricas - Eletrodutos Embutidos, Cabos, Caixas, Tomadas e Interruptores",null,"UN",1,45.87,45.87]
["Composição Auxiliar"," 91845 ","SINAPI","ELETRODUTO FLEXÍVEL CORRUGADO REFORÇADO, PVC, DN 25 MM (3/4\"), PARA CIRCUITOS TERMINAIS, INSTALADO EM LAJE - FORNECIMENTO E INSTALAÇÃO. AF_03/2023","Instalações Elétricas - Eletrodutos Embutidos, Cabos, Caixas, Tomadas e Interruptores",null,"M",1.38,9.58,13.22]
["Composição Auxiliar"," 91855 ","SINAPI","ELETRODUTO FLEXÍVEL CORRUGADO REFORÇADO, PVC, DN 25 MM (3/4\"), PARA CIRCUITOS TERMINAIS, INSTALADO EM PAREDE - FORNECIMENTO E INSTALAÇÃO. AF_03/2023","Instalações Elétricas - Eletrodutos Embutidos, Cabos, Caixas, Tomadas e Interruptores",null,"M",1.9357,13.88,26.86]
[{"$nulls":4},"MO sem LS =>",51.68,"LS =>",43.86,"MO com LS =>",95.54]
[{"$nulls":4},"Valor do BDI =>",48.26,null,"Valor com BDI =>",null,223.58]
[{"$nulls":6},"Quant. =>","5,00","Preço Total =>",1117.9000000000001]
[]
[" 4.1.19 ","Código","Banco","Descrição","Tipo",null,"Und","Quant.","Valor Unit","Total"]
["Composição"," 104474 ","SINAPI","COMPOSIÇÃO PARAMÉTRICA DE PONTO ELÉTRICO DE ILUMINAÇÃO, COM INTERRUPTOR PARALELO, COM ELETRODUTO EMBUTIDO EM RASGOS NAS PAREDES, INCLUSO CAIXA ELÉTRICA, MÓDULO DE TOMADA, ELETRODUTO, CABO, RASGO, QUEBRA E CHUMBAMENTO (SEM LUMINÁRIA E LÂMPADA). AF_11/2022","INEL - INSTALAÇÃO ELÉTRICA/ELETRIFICAÇÃO E ILUMINAÇÃO EXTERNA",null,"UN",1,457.66,457.66]
["Composição Auxiliar"," 91940 ","SINAPI","CAIXA RETANGULAR 4\" X 2\" MÉDIA (1,30 M DO PISO), PVC, INSTALADA EM PAREDE - FORNECIMENTO E INSTALAÇÃO. AF_03/2023","Instalações Elétricas - Eletrodutos Embutidos, Cabos, Caixas, Tomadas e Interruptores",null,"UN",2,23.54,47.08]
["Composição Auxiliar"," 90456 ","SINAPI","QUEBRA EM ALVENARIA PARA INSTALAÇÃO DE CAIXA DE TOMADA (4X4 OU 4X2). AF_09/2023","Rasgos e Fixações",null,"UN",2,7.76,15.52]
["Composição Auxiliar"," 91855 ","SINAPI","ELETRODUTO FLEXÍVEL CORRUGADO REFORÇADO, PVC, DN 25 MM (3/4\"), PARA CIRCUITOS TERMINAIS, INSTALADO EM PAREDE - FORNECIMENTO E INSTALAÇÃO. AF_03/2023","Instalações Elétricas - Eletrodutos Embutidos, Cabos, Caixas, Tomadas e Interruptores",null,"M",2.2000000000000002,13.88,30.53]
["Composição Auxiliar"," 91926 ","SINAPI","CABO DE COBRE FLEXÍVEL ISOLADO, 2,5 MM², ANTI-CHAMA 450/750 V, PARA CIRCUITOS TERMINAIS - FORNECIMENTO E INSTALAÇÃO. AF_03/2023","Instalações Elétricas - Eletrodutos Embutidos, Cabos, Caixas, Tomadas e Interruptores",null,"M",1.875,5.46,10.23]
["Composição Auxiliar"," 91937 ","SINAPI","CAIXA OCTOGONAL 3\" X 3\", PVC, INSTALADA EM LAJE - FORNECIMENTO E INSTALAÇÃO. AF_03/2023","Instalações Elétricas - Eletrodutos Embutidos, Cabos, Caixas, Tomadas e Interruptores",null,"UN",1,18.77,18.77]
["Composição Auxiliar"," 90466 ","SINAPI","CHUMBAMENTO LINEAR EM ALVENARIA PARA RAMAIS/DISTRIBUIÇÃO DE INSTALAÇÕES HIDRÁULICAS COM DIÂMETROS MENORES OU IGUAIS A 40 MM. AF_09/2023","Rasgos e Fixações",null,"M",2.2000000000000002,20.7,45.54]
["Composição Auxiliar"," 91845 ","SINAPI","ELETRODUTO FLEXÍVEL CORRUGADO REFORÇADO, PVC, DN 25 MM (3/4\"), PARA CIRCUITOS TERMINAIS, INSTALADO EM LAJE - FORNECIMENTO E INSTALAÇÃO. AF_03/2023","Instalações Elétricas - Eletrodutos Embutidos, Cabos, Caixas, Tomadas e Interruptores",null,"M",5.4474999999999998,9.58,52.18]
["Composição Auxiliar"," 90447 ","SINAPI","RASGO LINEAR MANUAL EM ALVENARIA, PARA ELETRODUTOS, DIÂMETROS MENORES OU IGUAIS A 40 MM. AF_09/2023","Rasgos e Fixações",null,"M",2.2000000000000002,11.73,25.8]
["Composição Auxiliar"," 91955 ","SINAPI","INTERRUPTOR PARALELO (1 MÓDULO), 10A/250V, INCLUINDO SUPORTE E PLACA - FORNECIMENTO E INSTALAÇÃO. AF_03/2023","Instalações Elétricas - Eletrodutos Embutidos, Cabos, Caixas, Tomadas e Interruptores",null,"UN",2,44.92,89.84]
["Composição Auxiliar"," 91924 ","SINAPI","CABO DE COBRE FLEXÍVEL ISOLADO, 1,5 MM², ANTI-CHAMA 450/750 V, PARA CIRCUITOS TERMINAIS - FORNECIMENTO E INSTALAÇÃO. AF_03/2023","Instalações Elétricas - Eletrodutos Embutidos, Cabos, Caixas, Tomadas e Interruptores",null,"M",32.152500000000003,3.8,122.17]
[{"$nulls":4},"MO sem LS =>",146.54,"LS =>",124.34,"MO com LS =>",270.88]
[{"$nulls":4},"Valor do BDI =>",125.99,null,"Valor com BDI =>",null,583.65]
[{"$nulls":6},"Quant. =>","5,00","Preço Total =>",2918.25]
[]
[" 4.1.20 ","Código","Banco","Descrição","Tipo",null,"Und","Quant.","Valor Unit","Total"]
["Composição"," 104478 ","SINAPI","COMPOSIÇÃO PARAMÉTRICA DE PONTO ELÉTRICO DE ILUMINAÇÃO, COM INTERRUPTOR PARALELO, COM ELETRODUTO EMBUTIDO SEM NECESSIDADE DE RASGOS, INCLUSO TOMADA, ELETRODUTO, CABO E QUEBRA (SEM LUMINÁRIA E LÂMPADA). AF_11/2022","INEL - INSTALAÇÃO ELÉTRICA/ELETRIFICAÇÃO E ILUMINAÇÃO EXTERNA",null,"UN",1,386.32,386.32]
["Composição Auxiliar"," 91924 ","SINAPI","CABO DE COBRE FLEXÍVEL ISOLADO, 1,5 MM², ANTI-CHAMA 450/750 V, PARA CIRCUITOS TERMINAIS - FORNECIMENTO E INSTALAÇÃO. AF_03/2023","Instalações Elétricas - Eletrodutos Embutidos, Cabos, Caixas, Tomadas e Interruptores",null,"M",32.152500000000003,3.8,122.17]
["Composição Auxiliar"," 91940 ","SINAPI","CAIXA RETANGULAR 4\" X 2\" MÉDIA (1,30 M DO PISO), PVC, INSTALADA EM PAREDE - FORNECIMENTO E INSTALAÇÃO. AF_03/2023","Instalações Elétricas - Eletrodutos Embutidos, Cabos, Caixas, Tomadas e Interruptores",null,"UN",2,23.54,47.08]
["Composição Auxiliar"," 91937 ","SINAPI","CAIXA OCTOGONAL 3\" X 3\", PVC, INSTALADA EM LAJE - FORNECIMENTO E INSTALAÇÃO. AF_03/2023","Instalações Elétricas - Eletrodutos Embutidos, Cabos, Caixas, Tomadas e Interruptores",null,"UN",1,18.77,18.77]
["Composição Auxiliar"," 91955 ","SINAPI","INTERRUPTOR PARALELO (1 MÓDULO), 10A/250V, INCLUINDO SUPORTE E PLACA - FORNECIMENTO E INSTALAÇÃO. AF_03/2023","Instalações Elétricas - Eletrodutos Embutidos, Cabos, Caixas, Tomadas e Interruptores",null,"UN",2,44.92,89.84]
["Composição Auxiliar"," 91855 ","SINAPI","ELETRODUTO FLEXÍVEL CORRUGADO REFORÇADO, PVC, DN 25 MM (3/4\"), PARA CIRCUITOS TERMINAIS, INSTALADO EM PAREDE - FORNECIMENTO E INSTALAÇÃO. AF_03/2023","Instalações Elétricas - Eletrodutos Embutidos, Cabos, Caixas, Tomadas e Interruptores",null,"M",2.2000000000000002,13.88,30.53]
["Composição Auxiliar"," 90456 ","SINAPI","QUEBRA EM ALVENARIA PARA INSTALAÇÃO DE CAIXA DE TOMADA (4X4 OU 4X2). AF_09/2023","Rasgos e Fixações",null,"UN",2,7.76,15.52]
["Composição Auxiliar"," 91926 ","SINAPI","CABO DE COBRE FLEXÍVEL ISOLADO, 2,5 MM², ANTI-CHAMA 450/750 V, PARA CIRCUITOS TERMINAIS - FORNECIMENTO E INSTALAÇÃO. AF_03/2023","Instalações Elétricas - Eletrodutos Embutidos, Cabos, Caixas, Tomadas e Interruptores",null,"M",1.875,5.46,10.23]
["Composição Auxiliar"," 91845 ","SINAPI","ELETRODUTO FLEXÍVEL CORRUGADO REFORÇADO, PVC, DN 25 MM (3/4\"), PARA CIRCUITOS TERMINAIS, INSTALADO EM LAJE - FORNECIMENTO E INSTALAÇÃO. AF_03/2023","Instalações Elétricas - Eletrodutos Embutidos, Cabos, Caixas, Tomadas e Interruptores",null,"M",5.4474999999999998,9.58,52.18]
[{"$nulls":4},"MO sem LS =>",115.66,"LS =>",98.14,"MO com LS =>",213.8]
[{"$nulls":4},"Valor do BDI =>",106.35,null,"Valor com BDI =>",null,492.67]
[{"$nulls":6},"Quant. =>","5,00","Preço Total =>",2463.35]
[]
[" 4.1.21 ","Código","Banco","Descrição","Tipo",null,"Und","Quant.","Valor Unit","Total"]
["Composição"," 104473 ","SINAPI","COMPOSIÇÃO PARAMÉTRICA DE PONTO ELÉTRICO DE ILUMINAÇÃO, COM INTERRUPTOR SIMPLES, COM ELETRODUTO EMBUTIDO EM RASGOS NAS PAREDES, INCLUSO TOMADA, ELETRODUTO, CABO, RASGO E CHUMBAMENTO (SEM LUMINÁRIA E LÂMPADA). AF_11/2022","INEL - INSTALAÇÃO ELÉTRICA/ELETRIFICAÇÃO E ILUMINAÇÃO EXTERNA",null,"UN",1,214.37,214.37]
["Composição Auxiliar"," 90447 ","SINAPI","RASGO LINEAR MANUAL EM ALVENARIA, PARA ELETRODUTOS, DIÂMETROS MENORES OU IGUAIS A 40 MM. AF_09/2023","Rasgos e Fixações",null,"M",1.2428999999999999,11.73,14.57]
["Composição Auxiliar"," 91855 ","SINAPI","ELETRODUTO FLEXÍVEL CORRUGADO REFORÇADO, PVC, DN 25 MM (3/4\"), PARA CIRCUITOS TERMINAIS, INSTALADO EM PAREDE - FORNECIMENTO E INSTALAÇÃO. AF_03/2023","Instalações Elétricas - Eletrodutos Embutidos, Cabos, Caixas, Tomadas e Interruptores",null,"M",1.2428999999999999,13.88,17.25]
["Composição Auxiliar"," 91924 ","SINAPI","CABO DE COBRE FLEXÍVEL ISOLADO, 1,5 MM², ANTI-CHAMA 450/750 V, PARA CIRCUITOS TERMINAIS - FORNECIMENTO E INSTALAÇÃO. AF_03/2023","Instalações Elétricas - Eletrodutos Embutidos, Cabos, Caixas, Tomadas e Interruptores",null,"M",10.711399999999999,3.8,40.700000000000003]
["Composição Auxiliar"," 91926 ","SINAPI","CABO DE COBRE FLEXÍVEL ISOLADO, 2,5 MM², ANTI-CHAMA 450/750 V, PARA CIRCUITOS TERMINAIS - FORNECIMENTO E INSTALAÇÃO. AF_03/2023","Instalações Elétricas - Eletrodutos Embutidos, Cabos, Caixas, Tomadas e Interruptores",null,"M",1.4785999999999999,5.46,8.07]
["Composição Auxiliar"," 91937 ","SINAPI","CAIXA OCTOGONAL 3\" X 3\", PVC, INSTALADA EM LAJE - FORNECIMENTO E INSTALAÇÃO. AF_03/2023","Instalações Elétricas - Eletrodutos Embutidos, Cabos, Caixas, Tomadas e Interruptores",null,"UN",1,18.77,18.77]
["Composição Auxiliar"," 91953 ","SINAPI","INTERRUPTOR SIMPLES (1 MÓDULO), 10A/250V, INCLUINDO SUPORTE E PLACA - FORNECIMENTO E INSTALAÇÃO. AF_03/2023","Instalações Elétricas - Eletrodutos Embutidos, Cabos, Caixas, Tomadas e Interruptores",null,"UN",1,36.76,36.76]
["Composição Auxiliar"," 91940 ","SINAPI","CAIXA RETANGULAR 4\" X 2\" MÉDIA (1,30 M DO PISO), PVC, INSTALADA EM PAREDE - FORNECIMENTO E INSTALAÇÃO. AF_03/2023","Instalações Elétricas - Eletrodutos Embutidos, Cabos, Caixas, Tomadas e Interruptores",null,"UN",1,23.54,23.54]
["Composição Auxiliar"," 90466 ","SINAPI","CHUMBAMENTO LINEAR EM ALVENARIA PARA RAMAIS/DISTRIBUIÇÃO DE INSTALAÇÕES HIDRÁULICAS COM DIÂMETROS MENORES OU IGUAIS A 40 MM. AF_09/2023","Rasgos e Fixações",null,"M",1.2428999999999999,20.7,25.72]
["Composição Auxiliar"," 90456 ","SINAPI","QUEBRA EM ALVENARIA PARA INSTALAÇÃO DE CAIXA DE TOMADA (4X4 OU 4X2). AF_09/2023","Rasgos e Fixações",null,"UN",1,7.76,7.76]
["Composição Auxiliar"," 91845 ","SINAPI","ELETRODUTO FLEXÍVEL CORRUGADO REFORÇADO, PVC, DN 25 MM (3/4\"), PARA CIRCUITOS TERMINAIS, INSTALADO EM LAJE - FORNECIMENTO E INSTALAÇÃO. AF_03/2023","Instalações Elétricas - Eletrodutos Embutidos, Cabos, Caixas, Tomadas e Interruptores",null,"M",2.2170999999999998,9.58,21.23]
[{"$nulls":4},"MO sem LS =>",71.930000000000007,"LS =>",61.04,"MO com LS =>",132.97]
[{"$nulls":4},"Valor do BDI =>",59.01,null,"Valor com BDI =>",null,273.38]
[{"$nulls":6},"Quant. =>","5,00","Preço Total =>",1366.9]
[]
[" 4.1.22 ","Código","Banco","Descrição","Tipo",null,"Und","Quant.","Valor Unit","Total"]
["Composição"," 104477 ","SINAPI","COMPOSIÇÃO PARAMÉTRICA DE PONTO ELÉTRICO DE ILUMINAÇÃO, COM INTERRUPTOR SIMPLES, COM ELETRODUTO EMBUTIDO SEM NECESSIDADE DE RASGOS, INCLUSO TOMADA, ELETRODUTO, CABO E QUEBRA (SEM LUMINÁRIA E LÂMPADA). AF_11/2022","INEL - INSTALAÇÃO ELÉTRICA/ELETRIFICAÇÃO E ILUMINAÇÃO EXTERNA",null,"UN",1,174.08,174.08]
["Composição Auxiliar"," 90456 ","SINAPI","QUEBRA EM ALVENARIA PARA INSTALAÇÃO DE CAIXA DE TOMADA (4X4 OU 4X2). AF_09/2023","Rasgos e Fixações",null,"UN",1,7.76,7.76]
["Composição Auxiliar"," 91953 ","SINAPI","INTERRUPTOR SIMPLES (1 MÓDULO), 10A/250V, INCLUINDO SUPORTE E PLACA - FORNECIMENTO E INSTALAÇÃO. AF_03/2023","Instalações Elétricas - Eletrodutos Embutidos, Cabos, Caixas, Tomadas e Interruptores",null,"UN",1,36.76,36.76]
["Composição Auxiliar"," 91926 ","SINAPI","CABO DE COBRE FLEXÍVEL ISOLADO, 2,5 MM², ANTI-CHAMA 450/750 V, PARA CIRCUITOS TERMINAIS - FORNECIMENTO E INSTALAÇÃO. AF_03/2023","Instalações Elétricas - Eletrodutos Embutidos, Cabos, Caixas, Tomadas e Interruptores",null,"M",1.4785999999999999,5.46,8.07]
["Composição Auxiliar"," 91845 ","SINAPI","ELETRODUTO FLEXÍVEL CORRUGADO REFORÇADO, PVC, DN 25 MM (3/4\"), PARA CIRCUITOS TERMINAIS, INSTALADO EM LAJE - FORNECIMENTO E INSTALAÇÃO. AF_03/2023","Instalações Elétricas - Eletrodutos Embutidos, Cabos, Caixas, Tomadas e Interruptores",null,"M",2.2170999999999998,9.58,21.23]
["Composição Auxiliar"," 91940 ","SINAPI","CAIXA RETANGULAR 4\" X 2\" MÉDIA (1,30 M DO PISO), PVC, INSTALADA EM PAREDE - FORNECIMENTO E INSTALAÇÃO. AF_03/2023","Instalações Elétricas - Eletrodutos Embutidos, Cabos, Caixas, Tomadas e Interruptores",null,"UN",1,23.54,23.54]
["Composição Auxiliar"," 91855 ","SINAPI","ELETRODUTO FLEXÍVEL CORRUGADO REFORÇADO, PVC, DN 25 MM (3/4\"), PARA CIRCUITOS TERMINAIS, INSTALADO EM PAREDE - FORNECIMENTO E INSTALAÇÃO. AF_03/2023","Instalações Elétricas - Eletrodutos Embutidos, Cabos, Caixas, Tomadas e Interruptores",null,"M",1.2428999999999999,13.88,17.25]
["Composição Auxiliar"," 91937 ","SINAPI","CAIXA OCTOGONAL 3\" X 3\", PVC, INSTALADA EM LAJE - FORNECIMENTO E INSTALAÇÃO. AF_03/2023","Instalações Elétricas - Eletrodutos Embutidos, Cabos, Caixas, Tomadas e Interruptores",null,"UN",1,18.77,18.77]
["Composição Auxiliar"," 91924 ","SINAPI","CABO DE COBRE FLEXÍVEL ISOLADO, 1,5 MM², ANTI-CHAMA 450/750 V, PARA CIRCUITOS TERMINAIS - FORNECIMENTO E INSTALAÇÃO. AF_03/2023","Instalações Elétricas - Eletrodutos Embutidos, Cabos, Caixas, Tomadas e Interruptores",null,"M",10.711399999999999,3.8,40.700000000000003]
[{"$nulls":4},"MO sem LS =>",54.49,"LS =>",46.24,"MO com LS =>",100.73]
[{"$nulls":4},"Valor do BDI =>",47.92,null,"Valor com BDI =>",null,222]
[{"$nulls":6},"Quant. =>","5,00","Preço Total =>",1110]
[]
[" 4.1.23 ","Código","Banco","Descrição","Tipo",null,"Und","Quant.","Valor Unit","Total"]
["Composição"," 93653 ","SINAPI","DISJUNTOR MONOPOLAR TIPO DIN, CORRENTE NOMINAL DE 10A - FORNECIMENTO E INSTALAÇÃO. AF_10/2020","Instalações Elétricas - Quadros, Cabos, Disjuntores, Contatores e Barramentos Blindados",null,"UN",1,11.02,11.02]
["Composição Auxiliar"," 88264 ","SINAPI","ELETRICISTA COM ENCARGOS COMPLEMENTARES","Livro SINAPI: Cálculos e Parâmetros",null,"H",3.5428000000000001E-2,40.549999999999997,1.43]
["Composição Auxiliar"," 88247 ","SINAPI","AUXILIAR DE ELETRICISTA COM ENCARGOS COMPLEMENTARES","Livro SINAPI: Cálculos e Parâmetros",null,"H",3.5428000000000001E-2,33.49,1.18]
["Insumo"," 00001570 ","SINAPI","TERMINAL A COMPRESSAO EM COBRE ESTANHADO PARA CABO 2,5 MM2, 1 FURO E 1 COMPRESSAO, PARA PARAFUSO DE FIXACAO M5","Material",null,"UN",1,0.93,0.93]
["Insumo"," 00034653 ","SINAPI","DISJUNTOR TERMOMAGNETICO PARA TRILHO DIN (IEC), MONOPOLAR, 6 - 32 A","Material",null,"UN",1,7.48,7.48]
[{"$nulls":4},"MO sem LS =>",1.2,"LS =>",1.03,"MO com LS =>",2.23]
[{"$nulls":4},"Valor do BDI =>",3.03,null,"Valor com BDI =>",null,14.05]
[{"$nulls":6},"Quant. =>","5,00","Preço Total =>",70.25]
[]
[" 4.1.24 ","Código","Banco","Descrição","Tipo",null,"Und","Quant.","Valor Unit","Total"]
["Composição"," 93654 ","SINAPI","DISJUNTOR MONOPOLAR TIPO DIN, CORRENTE NOMINAL DE 16A - FORNECIMENTO E INSTALAÇÃO. AF_10/2020","Instalações Elétricas - Quadros, Cabos, Disjuntores, Contatores e Barramentos Blindados",null,"UN",1,11.02,11.02]
["Composição Auxiliar"," 88264 ","SINAPI","ELETRICISTA COM ENCARGOS COMPLEMENTARES","Livro SINAPI: Cálculos e Parâmetros",null,"H",3.5428000000000001E-2,40.549999999999997,1.43]
["Composição Auxiliar"," 88247 ","SINAPI","AUXILIAR DE ELETRICISTA COM ENCARGOS COMPLEMENTARES","Livro SINAPI: Cálculos e Parâmetros",null,"H",3.5428000000000001E-2,33.49,1.18]
["Insumo"," 00034653 ","SINAPI","DISJUNTOR TERMOMAGNETICO PARA TRILHO DIN (IEC), MONOPOLAR, 6 - 32 A","Material",null,"UN",1,7.48,7.48]
["Insumo"," 00001570 ","SINAPI","TERMINAL A COMPRESSAO EM COBRE ESTANHADO PARA CABO 2,5 MM2, 1 FURO E 1 COMPRESSAO, PARA PARAFUSO DE FIXACAO M5","Material",null,"UN",1,0.93,0.93]
[{"$nulls":4},"MO sem LS =>",1.2,"LS =>",1.03,"MO com LS =>",2.23]
[{"$nulls":4},"Valor do BDI =>",3.03,null,"Valor com BDI =>",null,14.05]
[{"$nulls":6},"Quant. =>","5,00","Preço Total =>",70.25]
[]
[" 4.1.25 ","Código","Banco","Descrição","Tipo",null,"Und","Quant.","Valor Unit","Total"]
["Composição"," 93655 ","SINAPI","DISJUNTOR MONOPOLAR TIPO DIN, CORRENTE NOMINAL DE 20A - FORNECIMENTO E INSTALAÇÃO. AF_10/2020","Instalações Elétricas - Quadros, Cabos, Disjuntores, Contatores e Barramentos Blindados",null,"UN",1,12.15,12.15]
["Composição Auxiliar"," 88247 ","SINAPI","AUXILIAR DE ELETRICISTA COM ENCARGOS COMPLEMENTARES","Livro SINAPI: Cálculos e Parâmetros",null,"H",4.6843000000000003E-2,33.49,1.56]
["Composição Auxiliar"," 88264 ","SINAPI","ELETRICISTA COM ENCARGOS COMPLEMENTARES","Livro SINAPI: Cálculos e Parâmetros",null,"H",4.6843000000000003E-2,40.549999999999997,1.89]
["Insumo"," 00001571 ","SINAPI","TERMINAL A COMPRESSAO EM COBRE ESTANHADO PARA CABO 4 MM2, 1 FURO E 1 COMPRESSAO, PARA PARAFUSO DE FIXACAO M5","Material",null,"UN",1,1.22,1.22]
["Insumo"," 00034653 ","SINAPI","DISJUNTOR TERMOMAGNETICO PARA TRILHO DIN (IEC), MONOPOLAR, 6 - 32 A","Material",null,"UN",1,7.48,7.48]
[{"$nulls":4},"MO sem LS =>",1.59,"LS =>",1.36,"MO com LS =>",2.95]
[{"$nulls":4},"Valor do BDI =>",3.34,null,"Valor com BDI =>",null,15.49]
[{"$nulls":6},"Quant. =>","5,00","Preço Total =>",77.45]
[]
[" 4.1.26 ","Código","Banco","Descrição","Tipo",null,"Und","Quant.","Valor Unit","Total"]
["Composição"," 93661 ","SINAPI","DISJUNTOR BIPOLAR TIPO DIN, CORRENTE NOMINAL DE 16A - FORNECIMENTO E INSTALAÇÃO. AF_10/2020","Instalações Elétricas - Quadros, Cabos, Disjuntores, Contatores e Barramentos Blindados",null,"UN",1,49.98,49.98]
["Composição Auxiliar"," 88247 ","SINAPI","AUXILIAR DE ELETRICISTA COM ENCARGOS COMPLEMENTARES","Livro SINAPI: Cálculos e Parâmetros",null,"H",7.0857000000000003E-2,33.49,2.37]
["Composição Auxiliar"," 88264 ","SINAPI","ELETRICISTA COM ENCARGOS COMPLEMENTARES","Livro SINAPI: Cálculos e Parâmetros",null,"H",7.0857000000000003E-2,40.549999999999997,2.87]
["Insumo"," 00034616 ","SINAPI","DISJUNTOR TERMOMAGNETICO PARA TRILHO DIN (IEC), BIPOLAR, 6 - 32 A","Material",null,"UN",1,42.88,42.88]
["Insumo"," 00001570 ","SINAPI","TERMINAL A COMPRESSAO EM COBRE ESTANHADO PARA CABO 2,5 MM2, 1 FURO E 1 COMPRESSAO, PARA PARAFUSO DE FIXACAO M5","Material",null,"UN",2,0.93,1.86]
[{"$nulls":4},"MO sem LS =>",2.42,"LS =>",2.06,"MO com LS =>",4.4800000000000004]
[{"$nulls":4},"Valor do BDI =>",13.75,null,"Valor com BDI =>",null,63.73]
[{"$nulls":6},"Quant. =>","5,00","Preço Total =>",318.64999999999998]
[]
[" 4.1.27 ","Código","Banco","Descrição","Tipo",null,"Und","Quant.","Valor Unit","Total"]
["Composição"," 93662 ","SINAPI","DISJUNTOR BIPOLAR TIPO DIN, CORRENTE NOMINAL DE 20A - FORNECIMENTO E INSTALAÇÃO. AF_10/2020","Instalações Elétricas - Quadros, Cabos, Disjuntores, Contatores e Barramentos Blindados",null,"UN",1,52.24,52.24]
["Composição Auxiliar"," 88264 ","SINAPI","ELETRICISTA COM ENCARGOS COMPLEMENTARES","Livro SINAPI: Cálculos e Parâmetros",null,"H",9.3685000000000004E-2,40.549999999999997,3.79]
["Composição Auxiliar"," 88247 ","SINAPI","AUXILIAR DE ELETRICISTA COM ENCARGOS COMPLEMENTARES","Livro SINAPI: Cálculos e Parâmetros",null,"H",9.3685000000000004E-2,33.49,3.13]
["Insumo"," 00001571 ","SINAPI","TERMINAL A COMPRESSAO EM COBRE ESTANHADO PARA CABO 4 MM2, 1 FURO E 1 COMPRESSAO, PARA PARAFUSO DE FIXACAO M5","Material",null,"UN",2,1.22,2.44]
["Insumo"," 00034616 ","SINAPI","DISJUNTOR TERMOMAGNETICO PARA TRILHO DIN (IEC), BIPOLAR, 6 - 32 A","Material",null,"UN",1,42.88,42.88]
[{"$nulls":4},"MO sem LS =>",3.2,"LS =>",2.72,"MO com LS =>",5.92]
[{"$nulls":4},"Valor do BDI =>",14.38,null,"Valor com BDI =>",null,66.62]
[{"$nulls":6},"Quant. =>","5,00","Preço Total =>",333.1]
[]
[" 4.1.28 ","Código","Banco","Descrição","Tipo",null,"Und","Quant.","Valor Unit","Total"]
["Composição"," 12808 ","ORSE","Refletor Slim LED 200W de potência, branco Frio, 6500k, Autovolt, marca G-light ou similar","Luminárias Externas",null,"un",1,150.57,150.57]
["Item","Código","Banco","Descrição","Tipo",null,"Und","Quant.","Valor Unit","Total"]
["Insumo"," 00006111/SINAPI ","ORSE","Servente de obras (horista)","Mão de Obra",null,"h",0.3,"26,95","8,08"]
["Insumo"," 13524 ","ORSE","Refletor Slim  LED 200W de potência, branco Frio, 6500k, Autovolt, marca G-light ou similar","Material",null,"un",1,"120,15","120,15"]
["Composição"," 10549 ","ORSE","Encargos Complementares - Servente","Provisórios",null,"h",0.3,"3,88","1,16"]
["Insumo"," 00002436/SINAPI ","ORSE","Eletricista (horista)","Mão de Obra",null,"h",0.5,"35,15","17,57"]
["Composição"," 10552 ","ORSE","Encargos Complementares - Eletricista","Provisórios",null,"h",0.5,"3,74","1,87"]
["Insumo"," 1691 ","ORSE","Parafuso metal 2 1/2\" x 12 p/ bucha s-10","Material",null,"un",2,"0,88","1,76"]
["Detalhamento de Cálculo ORSE"]
["Item","Código","Banco","Descrição","Tipo",null,"Und","Quant.","Valor Unit","Total"]
["Insumo"," 00006111/SINAPI ","ORSE","Servente de obras (horista)","Mão de Obra",null,"h",0.3,"26,95","8,08"]
["Insumo"," 13524 ","ORSE","Refletor Slim  LED 200W de potência, branco Frio, 6500k, Autovolt, marca G-light ou similar","Material",null,"un",1,"120,15","120,15"]
["Insumo"," 158 ","ORSE","Almoço (Participação do empregador)","Material",null,"un",8.1439999999999999E-2,"14,00","1,14"]
["Insumo"," 941 ","ORSE","Fardamento com mangas curta","Material",null,"un",1.1999999999999999E-3,"196,71","0,23"]
["Insumo"," 10492 ","ORSE","Cesta Básica","Material",null,"un",3.5999999999999999E-3,"205,00","0,73"]
["Insumo"," 4728 ","ORSE","Talhadeira chata 10\"","Material",null,"un",9.0000000000000006E-5,"18,58","0,00"]
["Insumo"," 00012895/SINAPI ","ORSE","Capacete de seguranca aba frontal com suspensao de polietileno, sem jugular (classe b)","Material",null,"un",4.8000000000000001E-4,"14,00","0,00"]
["Insumo"," 00002711/SINAPI ","ORSE","Carrinho de mao, em aco, com capacidade de *45 a 65* l / *100* kg, pneu com camara","Material",null,"un",6.0000000000000002E-5,"175,45","0,01"]
["Insumo"," 10362 ","ORSE","Seguro de vida e acidente em grupo","Serviços",null,"un",3.5999999999999999E-3,"12,54","0,04"]
["Insumo"," 10517 ","ORSE","Exames admissionais/demissionais (checkup)","Serviços",null,"cj",3.2000000000000003E-4,"300,00","0,09"]
["Insumo"," 10596 ","ORSE","Protetor auricular","Material",null,"un",3.5999999999999999E-3,"4,90","0,01"]
["Insumo"," 4729 ","ORSE","Marreta 1 kg com cabo","Material",null,"un",3.0000000000000001E-5,"37,80","0,00"]
["Insumo"," 1651 ","ORSE","Óculos branco proteção","Material",null,"pr",6.4000000000000005E-4,"7,00","0,00"]
["Insumo"," 10599 ","ORSE","Protetor solar fps 30 com 120ml","Material",null,"un",1.4400000000000001E-3,"18,00","0,02"]
["Insumo"," 00012892/SINAPI ","ORSE","Luva raspa de couro, cano curto (punho *7* cm)","Material",null,"par",1.8400000000000001E-3,"11,28","0,02"]
["Insumo"," 00012893/SINAPI ","ORSE","Bota de seguranca com biqueira de aco e colarinho acolchoado","Material",null,"par",5.9000000000000003E-4,"76,67","0,04"]
["Insumo"," 10761 ","ORSE","Refeição - café da manhã ( café com leite e dois pães com manteiga)","Serviços",null,"un",8.1439999999999999E-2,"5,00","0,40"]
["Insumo"," 00012894/SINAPI ","ORSE","Capa para chuva em pvc com forro de poliester, com capuz (amarela ou azul)","Material",null,"un",1.6000000000000001E-4,"20,85","0,00"]
["Insumo"," 2378 ","ORSE","Vale transporte","Material",null,"un",6.0929999999999998E-2,"4,50","0,27"]
["Insumo"," 10788 ","ORSE","Pá quadrada","Material",null,"un",6.0000000000000002E-5,"36,90","0,00"]
["Insumo"," 00002436/SINAPI ","ORSE","Eletricista (horista)","Mão de Obra",null,"h",0.5,"35,15","17,57"]
["Insumo"," 11241 ","ORSE","Alicate volt-amperimetro","Material",null,"un",1E-4,"170,60","0,01"]
["Insumo"," 11240 ","ORSE","Alicate com isolamento","Material",null,"un",1E-4,"47,69","0,00"]
["Insumo"," 10579 ","ORSE","Chave de fenda chata 30 cm","Material",null,"un",1E-4,"26,89","0,00"]
["Insumo"," 11242 ","ORSE","Chave inglesa 12\"","Material",null,"un",5.0000000000000002E-5,"34,00","0,00"]
["Insumo"," 1691 ","ORSE","Parafuso metal 2 1/2\" x 12 p/ bucha s-10","Material",null,"un",2,"0,88","1,76"]
[{"$nulls":4},"MO sem LS =>",13.87,"LS =>",11.78,"MO com LS =>",25.65]
[{"$nulls":4},"Valor do BDI =>",41.45,null,"Valor com BDI =>",null,192.02]
[{"$nulls":6},"Quant. =>","2,00","Preço Total =>",384.04]
[]
[null,"Código","Banco","Descrição","Tipo",null,"Und","Quant.","Valor Unit","Total"]
["Insumo"," 00038194 ","SINAPI","LAMPADA LED 10 W BIVOLT BRANCA, FORMATO TRADICIONAL (BASE E27)","Material",null,"UN",1,4.6399999999999997,4.6399999999999997]
[{"$nulls":4},"MO sem LS =>",0,"LS =>",0,"MO com LS =>",0]
[{"$nulls":4},"Valor do BDI =>",null,null,"Valor com BDI =>",null,5.58]
[{"$nulls":6},"Quant. =>","10,00","Preço Total =>",55.8]
[]
[null,"Código","Banco","Descrição","Tipo",null,"Und","Quant.","Valor Unit","Total"]
["Insumo"," 00039387 ","SINAPI","LAMPADA LED TUBULAR BIVOLT 18/20 W, BASE G13","Material",null,"UN",1,8.89,8.89]
[{"$nulls":4},"MO sem LS =>",0,"LS =>",0,"MO com LS =>",0]
[{"$nulls":4},"Valor do BDI =>",null,null,"Valor com BDI =>",null,10.7]
[{"$nulls":6},"Quant. =>","10,00","Preço Total =>",107]
[]
[" 4.2 ",null,null,"Ar-condicionado",{"$nulls":5},2831.58]
[" 4.2.1 ","Código","Banco","Descrição","Tipo",null,"Und","Quant.","Valor Unit","Total"]
["Composição"," 103261 ","SINAPI","AR CONDICIONADO SPLIT INVERTER, PISO TETO, 36000 BTU/H, CICLO FRIO -  INSTALAÇÃO, EXCLUSIVE FORNECIMENTO (MODIFICADO). AF_11/2021_PSE","Instalações de ar condicionado",null,"UN",1,402.57,402.57]
["Composição Auxiliar"," 88243 ","SINAPI","AJUDANTE ESPECIALIZADO COM ENCARGOS COMPLEMENTARES","Livro SINAPI: Cálculos e Parâmetros",null,"H",4.3619000000000003,33,143.94]
["Composição Auxiliar"," 100308 ","SINAPI","MECÂNICO DE REFRIGERAÇÃO COM ENCARGOS COMPLEMENTARES","Livro SINAPI: Cálculos e Parâmetros",null,"H",4.3619000000000003,40.1,174.91]
["Insumo"," 00013294 ","SINAPI","PARAFUSO DE ACO ZINCADO, SEXTAVADO, COM ROSCA SOBERBA, DIAMETRO 3/8\", COMPRIMENTO 80 MM","Material",null,"UN",6,1.66,9.9600000000000009]
["Insumo"," 00004374 ","SINAPI","BUCHA DE NYLON SEM ABA S10","Material",null,"UN",6,0.37,2.2200000000000002]
["Insumo"," 00037591 ","SINAPI","SUPORTE MAO-FRANCESA EM ACO, ABAS IGUAIS 40 CM, CAPACIDADE MINIMA 70 KG, BRANCO","Material",null,"UN",2,20.27,40.54]
["Insumo"," 00013348 ","SINAPI","ARRUELA EM ACO GALVANIZADO, DIAMETRO EXTERNO = 35MM, ESPESSURA = 3MM, DIAMETRO DO FURO= 18MM","Material",null,"UN",6,1.62,9.7200000000000006]
["Insumo"," 00001570 ","SINAPI","TERMINAL A COMPRESSAO EM COBRE ESTANHADO PARA CABO 2,5 MM2, 1 FURO E 1 COMPRESSAO, PARA PARAFUSO DE FIXACAO M5","Material",null,"UN",10,0.93,9.3000000000000007]
["Insumo"," 00011976 ","SINAPI","CHUMBADOR DE ACO ZINCADO, DIAMETRO 1/4\" COM PARAFUSO 1/4\" X 40 MM","Material",null,"UN",6,1.33,7.98]
["Insumo"," 00013246 ","SINAPI","PARAFUSO DE ACO ZINCADO, SEXTAVADO, COM ROSCA INTEIRA, DIAMETRO 5/16\", COMPRIMENTO 3/4\", COM PORCA E ARRUELA LISA LEVE","Material",null,"UN",8,0.5,4]
[{"$nulls":4},"MO sem LS =>",147.51,"LS =>",125.18,"MO com LS =>",272.69]
[{"$nulls":4},"Valor do BDI =>",110.82,null,"Valor com BDI =>",null,513.39]
[{"$nulls":6},"Quant. =>","2,00","Preço Total =>",1026.78]
[]
[" 4.2.2 ","Código","Banco","Descrição","Tipo",null,"Und","Quant.","Valor Unit","Total"]
["Composição"," 103247 ","SINAPI","AR CONDICIONADO SPLIT INVERTER, HI-WALL (PAREDE), 12000 BTU/H, CICLO FRIO -  INSTALAÇÃO, EXCLUSIVE FORNECIMENTO (MODIFICADO). AF_11/2021_PE","Instalações de ar condicionado",null,"UN",1,235.87,235.87]
["Composição Auxiliar"," 88243 ","SINAPI","AJUDANTE ESPECIALIZADO COM ENCARGOS COMPLEMENTARES","Livro SINAPI: Cálculos e Parâmetros",null,"H",2.3334000000000001,33,77]
["Composição Auxiliar"," 100308 ","SINAPI","MECÂNICO DE REFRIGERAÇÃO COM ENCARGOS COMPLEMENTARES","Livro SINAPI: Cálculos e Parâmetros",null,"H",2.3334000000000001,40.1,93.56]
["Insumo"," 00011976 ","SINAPI","CHUMBADOR DE ACO ZINCADO, DIAMETRO 1/4\" COM PARAFUSO 1/4\" X 40 MM","Material",null,"UN",6,1.33,7.98]
["Insumo"," 00007568 ","SINAPI","BUCHA DE NYLON SEM ABA S10, COM PARAFUSO DE 6,10 X 65 MM EM ACO ZINCADO COM ROSCA SOBERBA, CABECA CHATA E FENDA PHILLIPS","Material",null,"UN",9,0.61,5.49]
["Insumo"," 00001570 ","SINAPI","TERMINAL A COMPRESSAO EM COBRE ESTANHADO PARA CABO 2,5 MM2, 1 FURO E 1 COMPRESSAO, PARA PARAFUSO DE FIXACAO M5","Material",null,"UN",10,0.93,9.3000000000000007]
["Insumo"," 00013246 ","SINAPI","PARAFUSO DE ACO ZINCADO, SEXTAVADO, COM ROSCA INTEIRA, DIAMETRO 5/16\", COMPRIMENTO 3/4\", COM PORCA E ARRUELA LISA LEVE","Material",null,"UN",4,0.5,2]
["Insumo"," 00037591 ","SINAPI","SUPORTE MAO-FRANCESA EM ACO, ABAS IGUAIS 40 CM, CAPACIDADE MINIMA 70 KG, BRANCO","Material",null,"UN",2,20.27,40.54]
[{"$nulls":4},"MO sem LS =>",78.91,"LS =>",66.959999999999994,"MO com LS =>",145.87]
[{"$nulls":4},"Valor do BDI =>",64.930000000000007,null,"Valor com BDI =>",null,300.8]
[{"$nulls":6},"Quant. =>","3,00","Preço Total =>",902.4]
[]
[" 4.2.3 ","Código","Banco","Descrição","Tipo",null,"Und","Quant.","Valor Unit","Total"]
["Composição"," 103244 ","SINAPI","AR CONDICIONADO SPLIT INVERTER, HI-WALL (PAREDE), 9000 BTU/H, CICLO FRIO - INSTALAÇÃO, EXCLUSIVE FORNECIMENTO (MODIFICADO). AF_11/2021_PE","Instalações de ar condicionado",null,"UN",1,235.87,235.87]
["Composição Auxiliar"," 100308 ","SINAPI","MECÂNICO DE REFRIGERAÇÃO COM ENCARGOS COMPLEMENTARES","Livro SINAPI: Cálculos e Parâmetros",null,"H",2.3334000000000001,40.1,93.56]
["Composição Auxiliar"," 88243 ","SINAPI","AJUDANTE ESPECIALIZADO COM ENCARGOS COMPLEMENTARES","Livro SINAPI: Cálculos e Parâmetros",null,"H",2.3334000000000001,33,77]
["Insumo"," 00007568 ","SINAPI","BUCHA DE NYLON SEM ABA S10, COM PARAFUSO DE 6,10 X 65 MM EM ACO ZINCADO COM ROSCA SOBERBA, CABECA CHATA E FENDA PHILLIPS","Material",null,"UN",9,0.61,5.49]
["Insumo"," 00001570 ","SINAPI","TERMINAL A COMPRESSAO EM COBRE ESTANHADO PARA CABO 2,5 MM2, 1 FURO E 1 COMPRESSAO, PARA PARAFUSO DE FIXACAO M5","Material",null,"UN",10,0.93,9.3000000000000007]
["Insumo"," 00013246 ","SINAPI","PARAFUSO DE ACO ZINCADO, SEXTAVADO, COM ROSCA INTEIRA, DIAMETRO 5/16\", COMPRIMENTO 3/4\", COM PORCA E ARRUELA LISA LEVE","Material",null,"UN",4,0.5,2]
["Insumo"," 00011976 ","SINAPI","CHUMBADOR DE ACO ZINCADO, DIAMETRO 1/4\" COM PARAFUSO 1/4\" X 40 MM","Material",null,"UN",6,1.33,7.98]
["Insumo"," 00037591 ","SINAPI","SUPORTE MAO-FRANCESA EM ACO, ABAS IGUAIS 40 CM, CAPACIDADE MINIMA 70 KG, BRANCO","Material",null,"UN",2,20.27,40.54]
[{"$nulls":4},"MO sem LS =>",78.91,"LS =>",66.959999999999994,"MO com LS =>",145.87]
[{"$nulls":4},"Valor do BDI =>",64.930000000000007,null,"Valor com BDI =>",null,300.8]
[{"$nulls":6},"Quant. =>","3,00","Preço Total =>",902.4]
[]
[" 5 ",null,null,"INSTALAÇÃO DE REDE LÓGICA",{"$nulls":5},5221.24]
[" 5.1 ","Código","Banco","Descrição","Tipo",null,"Und","Quant.","Valor Unit","Total"]
["Composição"," 98307 ","SINAPI","TOMADA DE REDE RJ45 - FORNECIMENTO E INSTALAÇÃO. AF_11/2019","Redes de Lógica, Telefonia e Imagem",null,"UN",1,47.35,47.35]
["Composição Auxiliar"," 88264 ","SINAPI","ELETRICISTA COM ENCARGOS COMPLEMENTARES","Livro SINAPI: Cálculos e Parâmetros",null,"H",0.20619999999999999,40.549999999999997,8.36]
["Composição Auxiliar"," 88247 ","SINAPI","AUXILIAR DE ELETRICISTA COM ENCARGOS COMPLEMENTARES","Livro SINAPI: Cálculos e Parâmetros",null,"H",0.20619999999999999,33.49,6.9]
["Insumo"," 00038083 ","SINAPI","TOMADA RJ45, 8 FIOS, CAT 5E, CONJUNTO MONTADO PARA EMBUTIR 4\" X 2\" (PLACA + SUPORTE + MODULO)","Material",null,"UN",1,32.090000000000003,32.090000000000003]
[{"$nulls":4},"MO sem LS =>",7.05,"LS =>",6,"MO com LS =>",13.05]
[{"$nulls":4},"Valor do BDI =>",13.03,null,"Valor com BDI =>",null,60.38]
[{"$nulls":6},"Quant. =>","5,00","Preço Total =>",301.89999999999998]
[]
[" 5.2 ","Código","Banco","Descrição","Tipo",null,"Und","Quant.","Valor Unit","Total"]
["Composição"," 11402 ","ORSE","Canaleta plástica 30 x 30mm, cinza, Hellerman ou similar","Fusíveis, Disjuntores e Chaves",null,"m",1,68.17,68.17]
["Item","Código","Banco","Descrição","Tipo",null,"Und","Quant.","Valor Unit","Total"]
["Composição"," 10552 ","ORSE","Encargos Complementares - Eletricista","Provisórios",null,"h",0.75,"3,74","2,80"]
["Insumo"," 6907 ","ORSE","Canaleta plástica 30 x 30mm, cinza, Hellerman ou similar","Material",null,"m",1.02,"14,50","14,79"]
["Insumo"," 00006111/SINAPI ","ORSE","Servente de obras (horista)","Mão de Obra",null,"h",0.75,"26,95","20,21"]
["Insumo"," 00002436/SINAPI ","ORSE","Eletricista (horista)","Mão de Obra",null,"h",0.75,"35,15","26,36"]
["Insumo"," 2682 ","ORSE","Parafuso c/ bucha S-6","Material",null,"un",6,"0,12","0,72"]
["Composição"," 10549 ","ORSE","Encargos Complementares - Servente","Provisórios",null,"h",0.75,"3,88","2,91"]
["Insumo"," 00004375/SINAPI ","ORSE","Bucha de nylon sem aba s6","Material",null,"un",6,"0,06","0,36"]
["Detalhamento de Cálculo ORSE"]
["Item","Código","Banco","Descrição","Tipo",null,"Und","Quant.","Valor Unit","Total"]
["Insumo"," 10599 ","ORSE","Protetor solar fps 30 com 120ml","Material",null,"un",2.7000000000000001E-3,"18,00","0,04"]
["Insumo"," 1651 ","ORSE","Óculos branco proteção","Material",null,"pr",1.1999999999999999E-3,"7,00","0,00"]
["Insumo"," 11241 ","ORSE","Alicate volt-amperimetro","Material",null,"un",1.4999999999999999E-4,"170,60","0,02"]
["Insumo"," 941 ","ORSE","Fardamento com mangas curta","Material",null,"un",2.2499999999999998E-3,"196,71","0,44"]
["Insumo"," 10596 ","ORSE","Protetor auricular","Material",null,"un",6.7499999999999999E-3,"4,90","0,03"]
["Insumo"," 2378 ","ORSE","Vale transporte","Material",null,"un",0.119625,"4,50","0,53"]
["Insumo"," 11240 ","ORSE","Alicate com isolamento","Material",null,"un",1.4999999999999999E-4,"47,69","0,00"]
["Insumo"," 00012893/SINAPI ","ORSE","Bota de seguranca com biqueira de aco e colarinho acolchoado","Material",null,"par",1.1249999999999999E-3,"76,67","0,08"]
["Insumo"," 158 ","ORSE","Almoço (Participação do empregador)","Material",null,"un",0.1527,"14,00","2,13"]
["Insumo"," 00012892/SINAPI ","ORSE","Luva raspa de couro, cano curto (punho *7* cm)","Material",null,"par",3.4499999999999999E-3,"11,28","0,03"]
["Insumo"," 10579 ","ORSE","Chave de fenda chata 30 cm","Material",null,"un",1.4999999999999999E-4,"26,89","0,00"]
["Insumo"," 11242 ","ORSE","Chave inglesa 12\"","Material",null,"un",7.4999999999999993E-5,"34,00","0,00"]
["Insumo"," 10362 ","ORSE","Seguro de vida e acidente em grupo","Serviços",null,"un",6.7499999999999999E-3,"12,54","0,08"]
["Insumo"," 00012894/SINAPI ","ORSE","Capa para chuva em pvc com forro de poliester, com capuz (amarela ou azul)","Material",null,"un",2.9999999999999997E-4,"20,85","0,00"]
["Insumo"," 10492 ","ORSE","Cesta Básica","Material",null,"un",6.7499999999999999E-3,"205,00","1,38"]
["Insumo"," 00012895/SINAPI ","ORSE","Capacete de seguranca aba frontal com suspensao de polietileno, sem jugular (classe b)","Material",null,"un",8.9999999999999998E-4,"14,00","0,01"]
["Insumo"," 10761 ","ORSE","Refeição - café da manhã ( café com leite e dois pães com manteiga)","Serviços",null,"un",0.1527,"5,00","0,76"]
["Insumo"," 10517 ","ORSE","Exames admissionais/demissionais (checkup)","Serviços",null,"cj",5.9999999999999995E-4,"300,00","0,18"]
["Insumo"," 6907 ","ORSE","Canaleta plástica 30 x 30mm, cinza, Hellerman ou similar","Material",null,"m",1.02,"14,50","14,79"]
["Insumo"," 00006111/SINAPI ","ORSE","Servente de obras (horista)","Mão de Obra",null,"h",0.75,"26,95","20,21"]
["Insumo"," 00002436/SINAPI ","ORSE","Eletricista (horista)","Mão de Obra",null,"h",0.75,"35,15","26,36"]
["Insumo"," 2682 ","ORSE","Parafuso c/ bucha S-6","Material",null,"un",6,"0,12","0,72"]
["Insumo"," 4728 ","ORSE","Talhadeira chata 10\"","Material",null,"un",2.2499999999999999E-4,"18,58","0,00"]
["Insumo"," 00002711/SINAPI ","ORSE","Carrinho de mao, em aco, com capacidade de *45 a 65* l / *100* kg, pneu com camara","Material",null,"un",1.4999999999999999E-4,"175,45","0,02"]
["Insumo"," 4729 ","ORSE","Marreta 1 kg com cabo","Material",null,"un",7.4999999999999993E-5,"37,80","0,00"]
["Insumo"," 10788 ","ORSE","Pá quadrada","Material",null,"un",1.4999999999999999E-4,"36,90","0,00"]
["Insumo"," 00004375/SINAPI ","ORSE","Bucha de nylon sem aba s6","Material",null,"un",6,"0,06","0,36"]
[{"$nulls":4},"MO sem LS =>",25.19,"LS =>",21.38,"MO com LS =>",46.57]
[{"$nulls":4},"Valor do BDI =>",18.760000000000002,null,"Valor com BDI =>",null,86.93]
[{"$nulls":6},"Quant. =>","50,00","Preço Total =>",4346.5]
[]
[" 5.3 ","Código","Banco","Descrição","Tipo",null,"Und","Quant.","Valor Unit","Total"]
["Composição"," 059972 ","SBC","CABO DE REDE RJ-45 COM 10 METROS","INSTALACOES DE TELEFONE-LOGICA-CFTV-CATV",null,"UN",1,37.72,37.72]
["Insumo"," 099806 ","SBC","AJUDANTE DE ELETRICISTA","Mão de Obra",null,"H",0.38100000000000001,33.670079999999999,12.82]
["Insumo"," 054699 ","SBC","CABO DE REDE RJ-45 COM 10,0m","Material",null,"UN",1,24.9,24.9]
[{"$nulls":4},"MO sem LS =>",6.93,"LS =>",5.89,"MO com LS =>",12.82]
[{"$nulls":4},"Valor do BDI =>",10.38,null,"Valor com BDI =>",null,48.1]
[{"$nulls":6},"Quant. =>","10,00","Preço Total =>",481]
[]
[" 5.4 ","Código","Banco","Descrição","Tipo",null,"Und","Quant.","Valor Unit","Total"]
["Composição"," 7781 ","ORSE","Switch 08 portas 10/100 Mbps - fornecimento","Quadros de Distribuição de Telefone",null,"un",1,76.3,76.3]
["Item","Código","Banco","Descrição","Tipo",null,"Und","Quant.","Valor Unit","Total"]
["Insumo"," 7477 ","ORSE","Switch 08 portas 10/100 Mbps","Material",null,"Un",1,"76,30","76,30"]
["Detalhamento de Cálculo ORSE"]
["Item","Código","Banco","Descrição","Tipo",null,"Und","Quant.","Valor Unit","Total"]
["Insumo"," 7477 ","ORSE","Switch 08 portas 10/100 Mbps","Material",null,"Un",1,"76,30","76,30"]
[{"$nulls":4},"MO sem LS =>",0,"LS =>",0,"MO com LS =>",0]
[{"$nulls":4},"Valor do BDI =>",15.54,null,"Valor com BDI =>",null,91.84]
[{"$nulls":6},"Quant. =>","1,00","Preço Total =>",91.84]
[]
[" 6 ",null,null,"COBERTURA",{"$nulls":5},7509.6]
[" 6.1 ","Código","Banco","Descrição","Tipo",null,"Und","Quant.","Valor Unit","Total"]
["Composição"," 4865 ","ORSE","Limpeza de calha (MODIFICADO)","Conversão InfoWOrca",null,"m",1,15.39,15.39]
["Item","Código","Banco","Descrição","Tipo",null,"Und","Quant.","Valor Unit","Total"]
["Composição"," 10549 ","ORSE","Encargos Complementares - Servente","Provisórios",null,"h",0.5,"3,88","1,94"]
["Insumo"," 00006111/SINAPI ","ORSE","Servente de obras (horista)","Mão de Obra",null,"h",0.5,"26,95","13,47"]
["Detalhamento de Cálculo ORSE"]
["Item","Código","Banco","Descrição","Tipo",null,"Und","Quant.","Valor Unit","Total"]
["Insumo"," 158 ","ORSE","Almoço (Participação do empregador)","Material",null,"un",5.0900000000000001E-2,"14,00","0,71"]
["Insumo"," 941 ","ORSE","Fardamento com mangas curta","Material",null,"un",7.5000000000000002E-4,"196,71","0,14"]
["Insumo"," 10492 ","ORSE","Cesta Básica","Material",null,"un",2.2499999999999998E-3,"205,00","0,46"]
["Insumo"," 4728 ","ORSE","Talhadeira chata 10\"","Material",null,"un",1.4999999999999999E-4,"18,58","0,00"]
["Insumo"," 00012895/SINAPI ","ORSE","Capacete de seguranca aba frontal com suspensao de polietileno, sem jugular (classe b)","Material",null,"un",2.9999999999999997E-4,"14,00","0,00"]
["Insumo"," 00002711/SINAPI ","ORSE","Carrinho de mao, em aco, com capacidade de *45 a 65* l / *100* kg, pneu com camara","Material",null,"un",1E-4,"175,45","0,01"]
["Insumo"," 10362 ","ORSE","Seguro de vida e acidente em grupo","Serviços",null,"un",2.2499999999999998E-3,"12,54","0,02"]
["Insumo"," 10517 ","ORSE","Exames admissionais/demissionais (checkup)","Serviços",null,"cj",2.0000000000000001E-4,"300,00","0,06"]
["Insumo"," 10596 ","ORSE","Protetor auricular","Material",null,"un",2.2499999999999998E-3,"4,90","0,01"]
["Insumo"," 4729 ","ORSE","Marreta 1 kg com cabo","Material",null,"un",5.0000000000000002E-5,"37,80","0,00"]
["Insumo"," 1651 ","ORSE","Óculos branco proteção","Material",null,"pr",4.0000000000000002E-4,"7,00","0,00"]
["Insumo"," 10599 ","ORSE","Protetor solar fps 30 com 120ml","Material",null,"un",8.9999999999999998E-4,"18,00","0,01"]
["Insumo"," 00012892/SINAPI ","ORSE","Luva raspa de couro, cano curto (punho *7* cm)","Material",null,"par",1.15E-3,"11,28","0,01"]
["Insumo"," 00012893/SINAPI ","ORSE","Bota de seguranca com biqueira de aco e colarinho acolchoado","Material",null,"par",4.0000000000000002E-4,"76,67","0,03"]
["Insumo"," 10761 ","ORSE","Refeição - café da manhã ( café com leite e dois pães com manteiga)","Serviços",null,"un",5.0900000000000001E-2,"5,00","0,25"]
["Insumo"," 00012894/SINAPI ","ORSE","Capa para chuva em pvc com forro de poliester, com capuz (amarela ou azul)","Material",null,"un",1E-4,"20,85","0,00"]
["Insumo"," 2378 ","ORSE","Vale transporte","Material",null,"un",4.7050000000000002E-2,"4,50","0,21"]
["Insumo"," 10788 ","ORSE","Pá quadrada","Material",null,"un",1E-4,"36,90","0,00"]
["Insumo"," 00006111/SINAPI ","ORSE","Servente de obras (horista)","Mão de Obra",null,"h",0.5,"26,95","13,47"]
[{"$nulls":4},"MO sem LS =>",7.28,"LS =>",6.19,"MO com LS =>",13.47]
[{"$nulls":4},"Valor do BDI =>",4.2300000000000004,null,"Valor com BDI =>",null,19.62]
[{"$nulls":6},"Quant. =>","300,00","Preço Total =>",5886]
[]
[" 6.2 ","Código","Banco","Descrição","Tipo",null,"Und","Quant.","Valor Unit","Total"]
["Composição"," 94207 ","SINAPI","TELHAMENTO COM TELHA ONDULADA DE FIBROCIMENTO E = 6 MM, COM RECOBRIMENTO LATERAL DE 1/4 DE ONDA PARA TELHADO COM INCLINAÇÃO MAIOR QUE 10°, COM ATÉ 2 ÁGUAS, INCLUSO IÇAMENTO. AF_07/2019","Telhamento para Cobertura",null,"m²",1,63.66,63.66]
["Composição Auxiliar"," 93282 ","SINAPI","GUINCHO ELÉTRICO DE COLUNA, CAPACIDADE 400 KG, COM MOTO FREIO, MOTOR TRIFÁSICO DE 1,25 CV - CHI DIURNO. AF_03/2016","Custos Horários Produtivo e Improdutivo dos Equipamentos",null,"CHI",6.8999999999999999E-3,32.96,0.22]
["Composição Auxiliar"," 88323 ","SINAPI","TELHADISTA COM ENCARGOS COMPLEMENTARES","Livro SINAPI: Cálculos e Parâmetros",null,"H",0.115,38.630000000000003,4.4400000000000004]
["Composição Auxiliar"," 93281 ","SINAPI","GUINCHO ELÉTRICO DE COLUNA, CAPACIDADE 400 KG, COM MOTO FREIO, MOTOR TRIFÁSICO DE 1,25 CV - CHP DIURNO. AF_03/2016","Custos Horários Produtivo e Improdutivo dos Equipamentos",null,"CHP",5.0000000000000001E-3,33.82,0.16]
["Composição Auxiliar"," 88316 ","SINAPI","SERVENTE COM ENCARGOS COMPLEMENTARES","Livro SINAPI: Cálculos e Parâmetros",null,"H",0.15,31.43,4.71]
["Insumo"," 00001607 ","SINAPI","CONJUNTO ARRUELAS DE VEDACAO 5/16\" PARA TELHA FIBROCIMENTO (UMA ARRUELA METALICA E UMA ARRUELA PVC - CONICAS)","Material",null,"CJ",1.27,0.33,0.41]
["Insumo"," 00004302 ","SINAPI","PARAFUSO ZINCADO ROSCA SOBERBA, CABECA SEXTAVADA, 5/16\" X 250 MM, PARA FIXACAO DE TELHA EM MADEIRA","Material",null,"UN",1.27,5,6.35]
["Insumo"," 00007194 ","SINAPI","TELHA DE FIBROCIMENTO ONDULADA E = 6 MM, DE 2,44 X 1,10 M (SEM AMIANTO)","Material",null,"m²",1.2749999999999999,37.159999999999997,47.37]
[{"$nulls":4},"MO sem LS =>",4.38,"LS =>",3.73,"MO com LS =>",8.11]
[{"$nulls":4},"Valor do BDI =>",17.52,null,"Valor com BDI =>",null,81.180000000000007]
[{"$nulls":6},"Quant. =>","20,00","Preço Total =>",1623.6]
[]
[" 7 ",null,null,"INSTALAÇÕES HIDROSSANITÁRIAS",{"$nulls":5},25597.65]
[" 7.1 ",null,null,"Instalações de Água Fria",{"$nulls":5},7463.8]
[" 7.1.1 ","Código","Banco","Descrição","Tipo",null,"Und","Quant.","Valor Unit","Total"]
["Composição"," 89355 ","SINAPI","TUBO, PVC, SOLDÁVEL, DE 20MM, INSTALADO EM RAMAL OU SUB-RAMAL DE ÁGUA - FORNECIMENTO E INSTALAÇÃO. AF_06/2022","Instalações Prediais de Água Fria em PVC",null,"M",1,27.2,27.2]
["Composição Auxiliar"," 88267 ","SINAPI","ENCANADOR OU BOMBEIRO HIDRÁULICO COM ENCARGOS COMPLEMENTARES","Livro SINAPI: Cálculos e Parâmetros",null,"H",0.32790000000000002,38.69,12.68]
["Composição Auxiliar"," 88248 ","SINAPI","AUXILIAR DE ENCANADOR OU BOMBEIRO HIDRÁULICO COM ENCARGOS COMPLEMENTARES","Livro SINAPI: Cálculos e Parâmetros",null,"H",0.32790000000000002,32.28,10.58]
["Insumo"," 00009867 ","SINAPI","TUBO PVC, SOLDAVEL, DE 20 MM, AGUA FRIA (NBR-5648)","Material",null,"M",1.0492999999999999,3.64,3.81]
["Insumo"," 00038383 ","SINAPI","LIXA D'AGUA EM FOLHA, COR PRETA, GRAO 100","Material",null,"UN",7.6499999999999999E-2,1.73,0.13]
[{"$nulls":4},"MO sem LS =>",10.92,"LS =>",9.2799999999999994,"MO com LS =>",20.2]
[{"$nulls":4},"Valor do BDI =>",7.48,null,"Valor com BDI =>",null,34.68]
[{"$nulls":6},"Quant. =>","50,00","Preço Total =>",1734]
[]
[" 7.1.2 ","Código","Banco","Descrição","Tipo",null,"Und","Quant.","Valor Unit","Total"]
["Composição"," 89356 ","SINAPI","TUBO, PVC, SOLDÁVEL, DE 25MM, INSTALADO EM RAMAL OU SUB-RAMAL DE ÁGUA - FORNECIMENTO E INSTALAÇÃO. AF_06/2022","Instalações Prediais de Água Fria em PVC",null,"M",1,31.42,31.42]
["Composição Auxiliar"," 88267 ","SINAPI","ENCANADOR OU BOMBEIRO HIDRÁULICO COM ENCARGOS COMPLEMENTARES","Livro SINAPI: Cálculos e Parâmetros",null,"H",0.38,38.69,14.7]
["Composição Auxiliar"," 88248 ","SINAPI","AUXILIAR DE ENCANADOR OU BOMBEIRO HIDRÁULICO COM ENCARGOS COMPLEMENTARES","Livro SINAPI: Cálculos e Parâmetros",null,"H",0.38,32.28,12.26]
["Insumo"," 00009868 ","SINAPI","TUBO PVC, SOLDAVEL, DE 25 MM, AGUA FRIA (NBR-5648)","Material",null,"M",1.0492999999999999,4.1100000000000003,4.3099999999999996]
["Insumo"," 00038383 ","SINAPI","LIXA D'AGUA EM FOLHA, COR PRETA, GRAO 100","Material",null,"UN",8.8599999999999998E-2,1.73,0.15]
[{"$nulls":4},"MO sem LS =>",12.66,"LS =>",10.75,"MO com LS =>",23.41]
[{"$nulls":4},"Valor do BDI =>",8.64,null,"Valor com BDI =>",null,40.06]
[{"$nulls":6},"Quant. =>","50,00","Preço Total =>",2003]
[]
[" 7.1.3 ","Código","Banco","Descrição","Tipo",null,"Und","Quant.","Valor Unit","Total"]
["Composição"," 89377 ","SINAPI","CURVA DE TRANSPOSIÇÃO, PVC, SOLDÁVEL, DN 20MM, INSTALADO EM RAMAL OU SUB-RAMAL DE ÁGUA - FORNECIMENTO E INSTALAÇÃO. AF_06/2022","Instalações Prediais de Água Fria em PVC",null,"UN",1,11.68,11.68]
["Composição Auxiliar"," 88267 ","SINAPI","ENCANADOR OU BOMBEIRO HIDRÁULICO COM ENCARGOS COMPLEMENTARES","Livro SINAPI: Cálculos e Parâmetros",null,"H",8.7400000000000005E-2,38.69,3.38]
["Composição Auxiliar"," 88248 ","SINAPI","AUXILIAR DE ENCANADOR OU BOMBEIRO HIDRÁULICO COM ENCARGOS COMPLEMENTARES","Livro SINAPI: Cálculos e Parâmetros",null,"H",8.7400000000000005E-2,32.28,2.82]
["Insumo"," 00038129 ","SINAPI","CURVA DE TRANSPOSICAO, PVC SOLDAVEL, 20 MM, COR MARROM, PARA AGUA FRIA PREDIAL","Material",null,"UN",1,4.87,4.87]
["Insumo"," 00038383 ","SINAPI","LIXA D'AGUA EM FOLHA, COR PRETA, GRAO 100","Material",null,"UN",2.9100000000000001E-2,1.73,0.05]
["Insumo"," 00020083 ","SINAPI","SOLUCAO PREPARADORA / LIMPADORA PARA PVC, FRASCO COM 1000 CM3","Material",null,"UN",6.0000000000000001E-3,56.66,0.33]
["Insumo"," 00000122 ","SINAPI","ADESIVO PLASTICO PARA PVC, FRASCO COM *850* GR","Material",null,"UN",4.7000000000000002E-3,50.01,0.23]
[{"$nulls":4},"MO sem LS =>",2.91,"LS =>",2.4700000000000002,"MO com LS =>",5.38]
[{"$nulls":4},"Valor do BDI =>",3.21,null,"Valor com BDI =>",null,14.89]
[{"$nulls":6},"Quant. =>","50,00","Preço Total =>",744.5]
[]
[" 7.1.4 ","Código","Banco","Descrição","Tipo",null,"Und","Quant.","Valor Unit","Total"]
["Composição"," 89384 ","SINAPI","CURVA DE TRANSPOSIÇÃO, PVC, SOLDÁVEL, DN 25MM, INSTALADO EM RAMAL OU SUB-RAMAL DE ÁGUA   FORNECIMENTO E INSTALAÇÃO. AF_06/2022","Instalações Prediais de Água Fria em PVC",null,"UN",1,14.63,14.63]
["Composição Auxiliar"," 88267 ","SINAPI","ENCANADOR OU BOMBEIRO HIDRÁULICO COM ENCARGOS COMPLEMENTARES","Livro SINAPI: Cálculos e Parâmetros",null,"H",0.1013,38.69,3.91]
["Composição Auxiliar"," 88248 ","SINAPI","AUXILIAR DE ENCANADOR OU BOMBEIRO HIDRÁULICO COM ENCARGOS COMPLEMENTARES","Livro SINAPI: Cálculos e Parâmetros",null,"H",0.1013,32.28,3.26]
["Insumo"," 00038025 ","SINAPI","CURVA DE TRANSPOSICAO, PVC, SOLDAVEL, 25 MM, COR MARROM, PARA AGUA FRIA PREDIAL","Material",null,"UN",1,6.61,6.61]
["Insumo"," 00000122 ","SINAPI","ADESIVO PLASTICO PARA PVC, FRASCO COM *850* GR","Material",null,"UN",7.1000000000000004E-3,50.01,0.35]
["Insumo"," 00038383 ","SINAPI","LIXA D'AGUA EM FOLHA, COR PRETA, GRAO 100","Material",null,"UN",3.3799999999999997E-2,1.73,0.05]
["Insumo"," 00020083 ","SINAPI","SOLUCAO PREPARADORA / LIMPADORA PARA PVC, FRASCO COM 1000 CM3","Material",null,"UN",8.0000000000000002E-3,56.66,0.45]
[{"$nulls":4},"MO sem LS =>",3.37,"LS =>",2.86,"MO com LS =>",6.23]
[{"$nulls":4},"Valor do BDI =>",4.0199999999999996,null,"Valor com BDI =>",null,18.649999999999999]
[{"$nulls":6},"Quant. =>","10,00","Preço Total =>",186.5]
[]
[" 7.1.5 ","Código","Banco","Descrição","Tipo",null,"Und","Quant.","Valor Unit","Total"]
["Composição"," 89359 ","SINAPI","JOELHO 45 GRAUS, PVC, SOLDÁVEL, DN 20MM, INSTALADO EM RAMAL OU SUB-RAMAL DE ÁGUA - FORNECIMENTO E INSTALAÇÃO. AF_06/2022","Instalações Prediais de Água Fria em PVC",null,"UN",1,11.03,11.03]
["Composição Auxiliar"," 88248 ","SINAPI","AUXILIAR DE ENCANADOR OU BOMBEIRO HIDRÁULICO COM ENCARGOS COMPLEMENTARES","Livro SINAPI: Cálculos e Parâmetros",null,"H",0.13109999999999999,32.28,4.2300000000000004]
["Composição Auxiliar"," 88267 ","SINAPI","ENCANADOR OU BOMBEIRO HIDRÁULICO COM ENCARGOS COMPLEMENTARES","Livro SINAPI: Cálculos e Parâmetros",null,"H",0.13109999999999999,38.69,5.07]
["Insumo"," 00003499 ","SINAPI","JOELHO, PVC SOLDAVEL, 45 GRAUS, 20 MM, COR MARROM, PARA AGUA FRIA PREDIAL","Material",null,"UN",1,1.1200000000000001,1.1200000000000001]
["Insumo"," 00000122 ","SINAPI","ADESIVO PLASTICO PARA PVC, FRASCO COM *850* GR","Material",null,"UN",4.7000000000000002E-3,50.01,0.23]
["Insumo"," 00038383 ","SINAPI","LIXA D'AGUA EM FOLHA, COR PRETA, GRAO 100","Material",null,"UN",2.9100000000000001E-2,1.73,0.05]
["Insumo"," 00020083 ","SINAPI","SOLUCAO PREPARADORA / LIMPADORA PARA PVC, FRASCO COM 1000 CM3","Material",null,"UN",6.0000000000000001E-3,56.66,0.33]
[{"$nulls":4},"MO sem LS =>",4.3600000000000003,"LS =>",3.71,"MO com LS =>",8.07]
[{"$nulls":4},"Valor do BDI =>",3.03,null,"Valor com BDI =>",null,14.06]
[{"$nulls":6},"Quant. =>","10,00","Preço Total =>",140.6]
[]
[" 7.1.6 ","Código","Banco","Descrição","Tipo",null,"Und","Quant.","Valor Unit","Total"]
["Composição"," 89358 ","SINAPI","JOELHO 90 GRAUS, PVC, SOLDÁVEL, DN 20MM, INSTALADO EM RAMAL OU SUB-RAMAL DE ÁGUA - FORNECIMENTO E INSTALAÇÃO. AF_06/2022","Instalações Prediais de Água Fria em PVC",null,"UN",1,10.5,10.5]
["Composição Auxiliar"," 88267 ","SINAPI","ENCANADOR OU BOMBEIRO HIDRÁULICO COM ENCARGOS COMPLEMENTARES","Livro SINAPI: Cálculos e Parâmetros",null,"H",0.13109999999999999,38.69,5.07]
["Composição Auxiliar"," 88248 ","SINAPI","AUXILIAR DE ENCANADOR OU BOMBEIRO HIDRÁULICO COM ENCARGOS COMPLEMENTARES","Livro SINAPI: Cálculos e Parâmetros",null,"H",0.13109999999999999,32.28,4.2300000000000004]
["Insumo"," 00038383 ","SINAPI","LIXA D'AGUA EM FOLHA, COR PRETA, GRAO 100","Material",null,"UN",2.9100000000000001E-2,1.73,0.05]
["Insumo"," 00003542 ","SINAPI","JOELHO PVC, SOLDAVEL, 90 GRAUS, 20 MM, COR MARROM, PARA AGUA FRIA PREDIAL","Material",null,"UN",1,0.59,0.59]
["Insumo"," 00020083 ","SINAPI","SOLUCAO PREPARADORA / LIMPADORA PARA PVC, FRASCO COM 1000 CM3","Material",null,"UN",6.0000000000000001E-3,56.66,0.33]
["Insumo"," 00000122 ","SINAPI","ADESIVO PLASTICO PARA PVC, FRASCO COM *850* GR","Material",null,"UN",4.7000000000000002E-3,50.01,0.23]
[{"$nulls":4},"MO sem LS =>",4.3600000000000003,"LS =>",3.71,"MO com LS =>",8.07]
[{"$nulls":4},"Valor do BDI =>",2.89,null,"Valor com BDI =>",null,13.39]
[{"$nulls":6},"Quant. =>","10,00","Preço Total =>",133.9]
[]
[" 7.1.7 ","Código","Banco","Descrição","Tipo",null,"Und","Quant.","Valor Unit","Total"]
["Composição"," 89363 ","SINAPI","JOELHO 45 GRAUS, PVC, SOLDÁVEL, DN 25MM, INSTALADO EM RAMAL OU SUB-RAMAL DE ÁGUA - FORNECIMENTO E INSTALAÇÃO. AF_06/2022","Instalações Prediais de Água Fria em PVC",null,"UN",1,13.11,13.11]
["Composição Auxiliar"," 88267 ","SINAPI","ENCANADOR OU BOMBEIRO HIDRÁULICO COM ENCARGOS COMPLEMENTARES","Livro SINAPI: Cálculos e Parâmetros",null,"H",0.152,38.69,5.88]
["Composição Auxiliar"," 88248 ","SINAPI","AUXILIAR DE ENCANADOR OU BOMBEIRO HIDRÁULICO COM ENCARGOS COMPLEMENTARES","Livro SINAPI: Cálculos e Parâmetros",null,"H",0.152,32.28,4.9000000000000004]
["Insumo"," 00000122 ","SINAPI","ADESIVO PLASTICO PARA PVC, FRASCO COM *850* GR","Material",null,"UN",7.1000000000000004E-3,50.01,0.35]
["Insumo"," 00020083 ","SINAPI","SOLUCAO PREPARADORA / LIMPADORA PARA PVC, FRASCO COM 1000 CM3","Material",null,"UN",8.0000000000000002E-3,56.66,0.45]
["Insumo"," 00003500 ","SINAPI","JOELHO, PVC SOLDAVEL, 45 GRAUS, 25 MM, COR MARROM, PARA AGUA FRIA PREDIAL","Material",null,"UN",1,1.48,1.48]
["Insumo"," 00038383 ","SINAPI","LIXA D'AGUA EM FOLHA, COR PRETA, GRAO 100","Material",null,"UN",3.3799999999999997E-2,1.73,0.05]
[{"$nulls":4},"MO sem LS =>",5.0599999999999996,"LS =>",4.3,"MO com LS =>",9.36]
[{"$nulls":4},"Valor do BDI =>",3.6,null,"Valor com BDI =>",null,16.71]
[{"$nulls":6},"Quant. =>","10,00","Preço Total =>",167.1]
[]
[" 7.1.8 ","Código","Banco","Descrição","Tipo",null,"Und","Quant.","Valor Unit","Total"]
["Composição"," 89362 ","SINAPI","JOELHO 90 GRAUS, PVC, SOLDÁVEL, DN 25MM, INSTALADO EM RAMAL OU SUB-RAMAL DE ÁGUA - FORNECIMENTO E INSTALAÇÃO. AF_06/2022","Instalações Prediais de Água Fria em PVC",null,"UN",1,12.35,12.35]
["Composição Auxiliar"," 88267 ","SINAPI","ENCANADOR OU BOMBEIRO HIDRÁULICO COM ENCARGOS COMPLEMENTARES","Livro SINAPI: Cálculos e Parâmetros",null,"H",0.152,38.69,5.88]
["Composição Auxiliar"," 88248 ","SINAPI","AUXILIAR DE ENCANADOR OU BOMBEIRO HIDRÁULICO COM ENCARGOS COMPLEMENTARES","Livro SINAPI: Cálculos e Parâmetros",null,"H",0.152,32.28,4.9000000000000004]
["Insumo"," 00020083 ","SINAPI","SOLUCAO PREPARADORA / LIMPADORA PARA PVC, FRASCO COM 1000 CM3","Material",null,"UN",8.0000000000000002E-3,56.66,0.45]
["Insumo"," 00038383 ","SINAPI","LIXA D'AGUA EM FOLHA, COR PRETA, GRAO 100","Material",null,"UN",3.3799999999999997E-2,1.73,0.05]
["Insumo"," 00000122 ","SINAPI","ADESIVO PLASTICO PARA PVC, FRASCO COM *850* GR","Material",null,"UN",7.1000000000000004E-3,50.01,0.35]
["Insumo"," 00003529 ","SINAPI","JOELHO PVC, SOLDAVEL, 90 GRAUS, 25 MM, COR MARROM, PARA AGUA FRIA PREDIAL","Material",null,"UN",1,0.72,0.72]
[{"$nulls":4},"MO sem LS =>",5.0599999999999996,"LS =>",4.3,"MO com LS =>",9.36]
[{"$nulls":4},"Valor do BDI =>",3.39,null,"Valor com BDI =>",null,15.74]
[{"$nulls":6},"Quant. =>","10,00","Preço Total =>",157.4]
[]
[" 7.1.9 ","Código","Banco","Descrição","Tipo",null,"Und","Quant.","Valor Unit","Total"]
["Composição"," 89372 ","SINAPI","LUVA DE CORRER, PVC, SOLDÁVEL, DN 20MM, INSTALADO EM RAMAL OU SUB-RAMAL DE ÁGUA - FORNECIMENTO E INSTALAÇÃO. AF_06/2022","Instalações Prediais de Água Fria em PVC",null,"UN",1,17.3,17.3]
["Composição Auxiliar"," 88267 ","SINAPI","ENCANADOR OU BOMBEIRO HIDRÁULICO COM ENCARGOS COMPLEMENTARES","Livro SINAPI: Cálculos e Parâmetros",null,"H",8.7400000000000005E-2,38.69,3.38]
["Composição Auxiliar"," 88248 ","SINAPI","AUXILIAR DE ENCANADOR OU BOMBEIRO HIDRÁULICO COM ENCARGOS COMPLEMENTARES","Livro SINAPI: Cálculos e Parâmetros",null,"H",8.7400000000000005E-2,32.28,2.82]
["Insumo"," 00038383 ","SINAPI","LIXA D'AGUA EM FOLHA, COR PRETA, GRAO 100","Material",null,"UN",2.9100000000000001E-2,1.73,0.05]
["Insumo"," 00003854 ","SINAPI","LUVA DE CORRER PARA TUBO SOLDAVEL, PVC, 20 MM, PARA AGUA FRIA PREDIAL","Material",null,"UN",1,10.49,10.49]
["Insumo"," 00020083 ","SINAPI","SOLUCAO PREPARADORA / LIMPADORA PARA PVC, FRASCO COM 1000 CM3","Material",null,"UN",6.0000000000000001E-3,56.66,0.33]
["Insumo"," 00000122 ","SINAPI","ADESIVO PLASTICO PARA PVC, FRASCO COM *850* GR","Material",null,"UN",4.7000000000000002E-3,50.01,0.23]
[{"$nulls":4},"MO sem LS =>",2.91,"LS =>",2.4700000000000002,"MO com LS =>",5.38]
[{"$nulls":4},"Valor do BDI =>",4.76,null,"Valor com BDI =>",null,22.06]
[{"$nulls":6},"Quant. =>","10,00","Preço Total =>",220.6]
[]
[" 7.1.10 ","Código","Banco","Descrição","Tipo",null,"Und","Quant.","Valor Unit","Total"]
["Composição"," 89379 ","SINAPI","LUVA DE CORRER, PVC, SOLDÁVEL, DN 25MM, INSTALADO EM RAMAL OU SUB-RAMAL DE ÁGUA - FORNECIMENTO E INSTALAÇÃO. AF_12/2014","Instalações Prediais de Água Fria em PVC",null,"UN",1,20.23,20.23]
["Composição Auxiliar"," 88267 ","SINAPI","ENCANADOR OU BOMBEIRO HIDRÁULICO COM ENCARGOS COMPLEMENTARES","Livro SINAPI: Cálculos e Parâmetros",null,"H",0.1013,38.69,3.91]
["Composição Auxiliar"," 88248 ","SINAPI","AUXILIAR DE ENCANADOR OU BOMBEIRO HIDRÁULICO COM ENCARGOS COMPLEMENTARES","Livro SINAPI: Cálculos e Parâmetros",null,"H",0.1013,32.28,3.26]
["Insumo"," 00003873 ","SINAPI","LUVA DE CORRER PARA TUBO SOLDAVEL, PVC, 25 MM, PARA AGUA FRIA PREDIAL","Material",null,"UN",1,12.21,12.21]
["Insumo"," 00000122 ","SINAPI","ADESIVO PLASTICO PARA PVC, FRASCO COM *850* GR","Material",null,"UN",7.1000000000000004E-3,50.01,0.35]
["Insumo"," 00038383 ","SINAPI","LIXA D'AGUA EM FOLHA, COR PRETA, GRAO 100","Material",null,"UN",3.3799999999999997E-2,1.73,0.05]
["Insumo"," 00020083 ","SINAPI","SOLUCAO PREPARADORA / LIMPADORA PARA PVC, FRASCO COM 1000 CM3","Material",null,"UN",8.0000000000000002E-3,56.66,0.45]
[{"$nulls":4},"MO sem LS =>",3.37,"LS =>",2.86,"MO com LS =>",6.23]
[{"$nulls":4},"Valor do BDI =>",5.56,null,"Valor com BDI =>",null,25.79]
[{"$nulls":6},"Quant. =>","10,00","Preço Total =>",257.89999999999998]
[]
[" 7.1.11 ","Código","Banco","Descrição","Tipo",null,"Und","Quant.","Valor Unit","Total"]
["Composição"," 89373 ","SINAPI","LUVA DE REDUÇÃO, PVC, SOLDÁVEL, DN 25MM X 20MM, INSTALADO EM RAMAL OU SUB-RAMAL DE ÁGUA - FORNECIMENTO E INSTALAÇÃO. AF_06/2022","Instalações Prediais de Água Fria em PVC",null,"UN",1,8.81,8.81]
["Composição Auxiliar"," 88267 ","SINAPI","ENCANADOR OU BOMBEIRO HIDRÁULICO COM ENCARGOS COMPLEMENTARES","Livro SINAPI: Cálculos e Parâmetros",null,"H",9.4399999999999998E-2,38.69,3.65]
["Composição Auxiliar"," 88248 ","SINAPI","AUXILIAR DE ENCANADOR OU BOMBEIRO HIDRÁULICO COM ENCARGOS COMPLEMENTARES","Livro SINAPI: Cálculos e Parâmetros",null,"H",9.4399999999999998E-2,32.28,3.04]
["Insumo"," 00038383 ","SINAPI","LIXA D'AGUA EM FOLHA, COR PRETA, GRAO 100","Material",null,"UN",3.15E-2,1.73,0.05]
["Insumo"," 00003868 ","SINAPI","LUVA DE REDUCAO SOLDAVEL, PVC, 25 MM X 20 MM, PARA AGUA FRIA PREDIAL","Material",null,"UN",1,1.39,1.39]
["Insumo"," 00020083 ","SINAPI","SOLUCAO PREPARADORA / LIMPADORA PARA PVC, FRASCO COM 1000 CM3","Material",null,"UN",7.0000000000000001E-3,56.66,0.39]
["Insumo"," 00000122 ","SINAPI","ADESIVO PLASTICO PARA PVC, FRASCO COM *850* GR","Material",null,"UN",5.8999999999999999E-3,50.01,0.28999999999999998]
[{"$nulls":4},"MO sem LS =>",3.14,"LS =>",2.67,"MO com LS =>",5.81]
[{"$nulls":4},"Valor do BDI =>",2.42,null,"Valor com BDI =>",null,11.23]
[{"$nulls":6},"Quant. =>","5,00","Preço Total =>",56.15]
[]
[" 7.1.12 ","Código","Banco","Descrição","Tipo",null,"Und","Quant.","Valor Unit","Total"]
["Composição"," 89371 ","SINAPI","LUVA, PVC, SOLDÁVEL, DN 20MM, INSTALADO EM RAMAL OU SUB-RAMAL DE ÁGUA - FORNECIMENTO E INSTALAÇÃO. AF_06/2022","Instalações Prediais de Água Fria em PVC",null,"UN",1,7.57,7.57]
["Composição Auxiliar"," 88267 ","SINAPI","ENCANADOR OU BOMBEIRO HIDRÁULICO COM ENCARGOS COMPLEMENTARES","Livro SINAPI: Cálculos e Parâmetros",null,"H",8.7400000000000005E-2,38.69,3.38]
["Composição Auxiliar"," 88248 ","SINAPI","AUXILIAR DE ENCANADOR OU BOMBEIRO HIDRÁULICO COM ENCARGOS COMPLEMENTARES","Livro SINAPI: Cálculos e Parâmetros",null,"H",8.7400000000000005E-2,32.28,2.82]
["Insumo"," 00020083 ","SINAPI","SOLUCAO PREPARADORA / LIMPADORA PARA PVC, FRASCO COM 1000 CM3","Material",null,"UN",6.0000000000000001E-3,56.66,0.33]
["Insumo"," 00003861 ","SINAPI","LUVA PVC SOLDAVEL, 20 MM, PARA AGUA FRIA PREDIAL","Material",null,"UN",1,0.76,0.76]
["Insumo"," 00000122 ","SINAPI","ADESIVO PLASTICO PARA PVC, FRASCO COM *850* GR","Material",null,"UN",4.7000000000000002E-3,50.01,0.23]
["Insumo"," 00038383 ","SINAPI","LIXA D'AGUA EM FOLHA, COR PRETA, GRAO 100","Material",null,"UN",2.9100000000000001E-2,1.73,0.05]
[{"$nulls":4},"MO sem LS =>",2.91,"LS =>",2.4700000000000002,"MO com LS =>",5.38]
[{"$nulls":4},"Valor do BDI =>",2.08,null,"Valor com BDI =>",null,9.65]
[{"$nulls":6},"Quant. =>","5,00","Preço Total =>",48.25]
[]
[" 7.1.13 ","Código","Banco","Descrição","Tipo",null,"Und","Quant.","Valor Unit","Total"]
["Composição"," 89378 ","SINAPI","LUVA, PVC, SOLDÁVEL, DN 25MM, INSTALADO EM RAMAL OU SUB-RAMAL DE ÁGUA - FORNECIMENTO E INSTALAÇÃO. AF_06/2022","Instalações Prediais de Água Fria em PVC",null,"UN",1,8.83,8.83]
["Composição Auxiliar"," 88267 ","SINAPI","ENCANADOR OU BOMBEIRO HIDRÁULICO COM ENCARGOS COMPLEMENTARES","Livro SINAPI: Cálculos e Parâmetros",null,"H",0.1013,38.69,3.91]
["Composição Auxiliar"," 88248 ","SINAPI","AUXILIAR DE ENCANADOR OU BOMBEIRO HIDRÁULICO COM ENCARGOS COMPLEMENTARES","Livro SINAPI: Cálculos e Parâmetros",null,"H",0.1013,32.28,3.26]
["Insumo"," 00003904 ","SINAPI","LUVA PVC SOLDAVEL, 25 MM, PARA AGUA FRIA PREDIAL","Material",null,"UN",1,0.81,0.81]
["Insumo"," 00038383 ","SINAPI","LIXA D'AGUA EM FOLHA, COR PRETA, GRAO 100","Material",null,"UN",3.3799999999999997E-2,1.73,0.05]
["Insumo"," 00020083 ","SINAPI","SOLUCAO PREPARADORA / LIMPADORA PARA PVC, FRASCO COM 1000 CM3","Material",null,"UN",8.0000000000000002E-3,56.66,0.45]
["Insumo"," 00000122 ","SINAPI","ADESIVO PLASTICO PARA PVC, FRASCO COM *850* GR","Material",null,"UN",7.1000000000000004E-3,50.01,0.35]
[{"$nulls":4},"MO sem LS =>",3.37,"LS =>",2.86,"MO com LS =>",6.23]
[{"$nulls":4},"Valor do BDI =>",2.4300000000000002,null,"Valor com BDI =>",null,11.26]
[{"$nulls":6},"Quant. =>","5,00","Preço Total =>",56.3]
[]
[" 7.1.14 ","Código","Banco","Descrição","Tipo",null,"Und","Quant.","Valor Unit","Total"]
["Composição"," 89393 ","SINAPI","TE, PVC, SOLDÁVEL, DN 20MM, INSTALADO EM RAMAL OU SUB-RAMAL DE ÁGUA - FORNECIMENTO E INSTALAÇÃO. AF_06/2022","Instalações Prediais de Água Fria em PVC",null,"UN",1,14.37,14.37]
["Composição Auxiliar"," 88267 ","SINAPI","ENCANADOR OU BOMBEIRO HIDRÁULICO COM ENCARGOS COMPLEMENTARES","Livro SINAPI: Cálculos e Parâmetros",null,"H",0.17480000000000001,38.69,6.76]
["Composição Auxiliar"," 88248 ","SINAPI","AUXILIAR DE ENCANADOR OU BOMBEIRO HIDRÁULICO COM ENCARGOS COMPLEMENTARES","Livro SINAPI: Cálculos e Parâmetros",null,"H",0.17480000000000001,32.28,5.64]
["Insumo"," 00020083 ","SINAPI","SOLUCAO PREPARADORA / LIMPADORA PARA PVC, FRASCO COM 1000 CM3","Material",null,"UN",8.9999999999999993E-3,56.66,0.5]
["Insumo"," 00007138 ","SINAPI","TE SOLDAVEL, PVC, 90 GRAUS, 20 MM, PARA AGUA FRIA PREDIAL (NBR 5648)","Material",null,"UN",1,1.05,1.05]
["Insumo"," 00000122 ","SINAPI","ADESIVO PLASTICO PARA PVC, FRASCO COM *850* GR","Material",null,"UN",7.1000000000000004E-3,50.01,0.35]
["Insumo"," 00038383 ","SINAPI","LIXA D'AGUA EM FOLHA, COR PRETA, GRAO 100","Material",null,"UN",4.3700000000000003E-2,1.73,7.0000000000000007E-2]
[{"$nulls":4},"MO sem LS =>",5.82,"LS =>",4.9400000000000004,"MO com LS =>",10.76]
[{"$nulls":4},"Valor do BDI =>",3.95,null,"Valor com BDI =>",null,18.32]
[{"$nulls":6},"Quant. =>","5,00","Preço Total =>",91.6]
[]
[" 7.1.15 ","Código","Banco","Descrição","Tipo",null,"Und","Quant.","Valor Unit","Total"]
["Composição"," 89395 ","SINAPI","TE, PVC, SOLDÁVEL, DN 25MM, INSTALADO EM RAMAL OU SUB-RAMAL DE ÁGUA - FORNECIMENTO E INSTALAÇÃO. AF_06/2022","Instalações Prediais de Água Fria em PVC",null,"UN",1,16.829999999999998,16.829999999999998]
["Composição Auxiliar"," 88248 ","SINAPI","AUXILIAR DE ENCANADOR OU BOMBEIRO HIDRÁULICO COM ENCARGOS COMPLEMENTARES","Livro SINAPI: Cálculos e Parâmetros",null,"H",0.2026,32.28,6.53]
["Composição Auxiliar"," 88267 ","SINAPI","ENCANADOR OU BOMBEIRO HIDRÁULICO COM ENCARGOS COMPLEMENTARES","Livro SINAPI: Cálculos e Parâmetros",null,"H",0.2026,38.69,7.83]
["Insumo"," 00000122 ","SINAPI","ADESIVO PLASTICO PARA PVC, FRASCO COM *850* GR","Material",null,"UN",1.06E-2,50.01,0.53]
["Insumo"," 00038383 ","SINAPI","LIXA D'AGUA EM FOLHA, COR PRETA, GRAO 100","Material",null,"UN",5.0700000000000002E-2,1.73,0.08]
["Insumo"," 00007139 ","SINAPI","TE SOLDAVEL, PVC, 90 GRAUS, 25 MM, PARA AGUA FRIA PREDIAL (NBR 5648)","Material",null,"UN",1,1.19,1.19]
["Insumo"," 00020083 ","SINAPI","SOLUCAO PREPARADORA / LIMPADORA PARA PVC, FRASCO COM 1000 CM3","Material",null,"UN",1.2E-2,56.66,0.67]
[{"$nulls":4},"MO sem LS =>",6.75,"LS =>",5.73,"MO com LS =>",12.48]
[{"$nulls":4},"Valor do BDI =>",4.63,null,"Valor com BDI =>",null,21.46]
[{"$nulls":6},"Quant. =>","5,00","Preço Total =>",107.3]
[]
[" 7.1.16 ","Código","Banco","Descrição","Tipo",null,"Und","Quant.","Valor Unit","Total"]
["Composição"," 89375 ","SINAPI","UNIÃO, PVC, SOLDÁVEL, DN 20MM, INSTALADO EM RAMAL OU SUB-RAMAL DE ÁGUA - FORNECIMENTO E INSTALAÇÃO. AF_06/2022","Instalações Prediais de Água Fria em PVC",null,"UN",1,13.37,13.37]
["Composição Auxiliar"," 88248 ","SINAPI","AUXILIAR DE ENCANADOR OU BOMBEIRO HIDRÁULICO COM ENCARGOS COMPLEMENTARES","Livro SINAPI: Cálculos e Parâmetros",null,"H",8.7400000000000005E-2,32.28,2.82]
["Composição Auxiliar"," 88267 ","SINAPI","ENCANADOR OU BOMBEIRO HIDRÁULICO COM ENCARGOS COMPLEMENTARES","Livro SINAPI: Cálculos e Parâmetros",null,"H",8.7400000000000005E-2,38.69,3.38]
["Insumo"," 00020083 ","SINAPI","SOLUCAO PREPARADORA / LIMPADORA PARA PVC, FRASCO COM 1000 CM3","Material",null,"UN",6.0000000000000001E-3,56.66,0.33]
["Insumo"," 00000122 ","SINAPI","ADESIVO PLASTICO PARA PVC, FRASCO COM *850* GR","Material",null,"UN",4.7000000000000002E-3,50.01,0.23]
["Insumo"," 00038383 ","SINAPI","LIXA D'AGUA EM FOLHA, COR PRETA, GRAO 100","Material",null,"UN",2.9100000000000001E-2,1.73,0.05]
["Insumo"," 00009905 ","SINAPI","UNIAO PVC, SOLDAVEL, 20 MM, PARA AGUA FRIA PREDIAL","Material",null,"UN",1,6.56,6.56]
[{"$nulls":4},"MO sem LS =>",2.91,"LS =>",2.4700000000000002,"MO com LS =>",5.38]
[{"$nulls":4},"Valor do BDI =>",3.68,null,"Valor com BDI =>",null,17.05]
[{"$nulls":6},"Quant. =>","5,00","Preço Total =>",85.25]
[]
[" 7.1.17 ","Código","Banco","Descrição","Tipo",null,"Und","Quant.","Valor Unit","Total"]
["Composição"," 89382 ","SINAPI","UNIÃO, PVC, SOLDÁVEL, DN 25MM, INSTALADO EM RAMAL OU SUB-RAMAL DE ÁGUA - FORNECIMENTO E INSTALAÇÃO. AF_06/2022","Instalações Prediais de Água Fria em PVC",null,"UN",1,15.93,15.93]
["Composição Auxiliar"," 88267 ","SINAPI","ENCANADOR OU BOMBEIRO HIDRÁULICO COM ENCARGOS COMPLEMENTARES","Livro SINAPI: Cálculos e Parâmetros",null,"H",0.1013,38.69,3.91]
["Composição Auxiliar"," 88248 ","SINAPI","AUXILIAR DE ENCANADOR OU BOMBEIRO HIDRÁULICO COM ENCARGOS COMPLEMENTARES","Livro SINAPI: Cálculos e Parâmetros",null,"H",0.1013,32.28,3.26]
["Insumo"," 00000122 ","SINAPI","ADESIVO PLASTICO PARA PVC, FRASCO COM *850* GR","Material",null,"UN",7.1000000000000004E-3,50.01,0.35]
["Insumo"," 00009906 ","SINAPI","UNIAO PVC, SOLDAVEL, 25 MM, PARA AGUA FRIA PREDIAL","Material",null,"UN",1,7.91,7.91]
["Insumo"," 00020083 ","SINAPI","SOLUCAO PREPARADORA / LIMPADORA PARA PVC, FRASCO COM 1000 CM3","Material",null,"UN",8.0000000000000002E-3,56.66,0.45]
["Insumo"," 00038383 ","SINAPI","LIXA D'AGUA EM FOLHA, COR PRETA, GRAO 100","Material",null,"UN",3.3799999999999997E-2,1.73,0.05]
[{"$nulls":4},"MO sem LS =>",3.37,"LS =>",2.86,"MO com LS =>",6.23]
[{"$nulls":4},"Valor do BDI =>",4.38,null,"Valor com BDI =>",null,20.309999999999999]
[{"$nulls":6},"Quant. =>","5,00","Preço Total =>",101.55]
[]
[" 7.1.18 ","Código","Banco","Descrição","Tipo",null,"Und","Quant.","Valor Unit","Total"]
["Composição"," 89957 ","SINAPI","PONTO DE CONSUMO TERMINAL DE ÁGUA FRIA (SUBRAMAL) COM TUBULAÇÃO DE PVC, DN 25 MM, INSTALADO EM RAMAL DE ÁGUA, INCLUSOS RASGO E CHUMBAMENTO EM ALVENARIA. AF_12/2014","INHI - INSTALAÇÕES HIDROS SANITÁRIAS",null,"UN",1,183.79,183.79]
["Composição Auxiliar"," 89395 ","SINAPI","TE, PVC, SOLDÁVEL, DN 25MM, INSTALADO EM RAMAL OU SUB-RAMAL DE ÁGUA - FORNECIMENTO E INSTALAÇÃO. AF_06/2022","Instalações Prediais de Água Fria em PVC",null,"UN",0.89,16.829999999999998,14.97]
["Composição Auxiliar"," 90466 ","SINAPI","CHUMBAMENTO LINEAR EM ALVENARIA PARA RAMAIS/DISTRIBUIÇÃO DE INSTALAÇÕES HIDRÁULICAS COM DIÂMETROS MENORES OU IGUAIS A 40 MM. AF_09/2023","Rasgos e Fixações",null,"M",2.14,20.7,44.29]
["Composição Auxiliar"," 89356 ","SINAPI","TUBO, PVC, SOLDÁVEL, DE 25MM, INSTALADO EM RAMAL OU SUB-RAMAL DE ÁGUA - FORNECIMENTO E INSTALAÇÃO. AF_06/2022","Instalações Prediais de Água Fria em PVC",null,"M",2.14,31.42,67.23]
["Composição Auxiliar"," 89366 ","SINAPI","JOELHO 90 GRAUS COM BUCHA DE LATÃO, PVC, SOLDÁVEL, DN 25MM, X 3/4 INSTALADO EM RAMAL OU SUB-RAMAL DE ÁGUA - FORNECIMENTO E INSTALAÇÃO. AF_06/2022","Instalações Prediais de Água Fria em PVC",null,"UN",1,18.75,18.75]
["Composição Auxiliar"," 90443 ","SINAPI","RASGO LINEAR MANUAL EM ALVENARIA, PARA RAMAIS/ DISTRIBUIÇÃO DE INSTALAÇÕES HIDRÁULICAS, DIÂMETROS MENORES OU IGUAIS A 40 MM. AF_09/2023","Rasgos e Fixações",null,"M",2.14,11.21,23.98]
["Composição Auxiliar"," 89362 ","SINAPI","JOELHO 90 GRAUS, PVC, SOLDÁVEL, DN 25MM, INSTALADO EM RAMAL OU SUB-RAMAL DE ÁGUA - FORNECIMENTO E INSTALAÇÃO. AF_06/2022","Instalações Prediais de Água Fria em PVC",null,"UN",1.18,12.35,14.57]
[{"$nulls":4},"MO sem LS =>",73.459999999999994,"LS =>",62.34,"MO com LS =>",135.80000000000001]
[{"$nulls":4},"Valor do BDI =>",50.59,null,"Valor com BDI =>",null,234.38]
[{"$nulls":6},"Quant. =>","5,00","Preço Total =>",1171.9000000000001]
[]
[" 7.2 ",null,null,"Instalações de Águas Pluviais",{"$nulls":5},4667.3999999999996]
[" 7.2.1 ","Código","Banco","Descrição","Tipo",null,"Und","Quant.","Valor Unit","Total"]
["Composição"," 89508 ","SINAPI","TUBO PVC, SÉRIE R, ÁGUA PLUVIAL, DN 40 MM, FORNECIDO E INSTALADO EM RAMAL DE ENCAMINHAMENTO. AF_06/2022","Instalações Prediais de Águas Pluviais - Tubos, Conexões, Caixas e Ralos",null,"M",1,18.95,18.95]
["Composição Auxiliar"," 88267 ","SINAPI","ENCANADOR OU BOMBEIRO HIDRÁULICO COM ENCARGOS COMPLEMENTARES","Livro SINAPI: Cálculos e Parâmetros",null,"H",0.14829999999999999,38.69,5.73]
["Composição Auxiliar"," 88248 ","SINAPI","AUXILIAR DE ENCANADOR OU BOMBEIRO HIDRÁULICO COM ENCARGOS COMPLEMENTARES","Livro SINAPI: Cálculos e Parâmetros",null,"H",0.14829999999999999,32.28,4.78]
["Insumo"," 00038383 ","SINAPI","LIXA D'AGUA EM FOLHA, COR PRETA, GRAO 100","Material",null,"UN",8.2000000000000007E-3,1.73,0.01]
["Insumo"," 00020067 ","SINAPI","TUBO PVC, SERIE R, DN 40 MM, PARA ESGOTO OU AGUAS PLUVIAIS PREDIAL (NBR 5688)","Material",null,"M",1.0353000000000001,8.15,8.43]
[{"$nulls":4},"MO sem LS =>",4.93,"LS =>",4.2,"MO com LS =>",9.1300000000000008]
[{"$nulls":4},"Valor do BDI =>",5.21,null,"Valor com BDI =>",null,24.16]
[{"$nulls":6},"Quant. =>","15,00","Preço Total =>",362.4]
[]
[" 7.2.2 ","Código","Banco","Descrição","Tipo",null,"Und","Quant.","Valor Unit","Total"]
["Composição"," 89509 ","SINAPI","TUBO PVC, SÉRIE R, ÁGUA PLUVIAL, DN 50 MM, FORNECIDO E INSTALADO EM RAMAL DE ENCAMINHAMENTO. AF_06/2022","Instalações Prediais de Águas Pluviais - Tubos, Conexões, Caixas e Ralos",null,"M",1,25.33,25.33]
["Composição Auxiliar"," 88248 ","SINAPI","AUXILIAR DE ENCANADOR OU BOMBEIRO HIDRÁULICO COM ENCARGOS COMPLEMENTARES","Livro SINAPI: Cálculos e Parâmetros",null,"H",0.18970000000000001,32.28,6.12]
["Composição Auxiliar"," 88267 ","SINAPI","ENCANADOR OU BOMBEIRO HIDRÁULICO COM ENCARGOS COMPLEMENTARES","Livro SINAPI: Cálculos e Parâmetros",null,"H",0.18970000000000001,38.69,7.33]
["Insumo"," 00038383 ","SINAPI","LIXA D'AGUA EM FOLHA, COR PRETA, GRAO 100","Material",null,"UN",1.0500000000000001E-2,1.73,0.01]
["Insumo"," 00020068 ","SINAPI","TUBO PVC, SERIE R, DN 50 MM, PARA ESGOTO OU AGUAS PLUVIAIS PREDIAL (NBR 5688)","Material",null,"M",1.0353000000000001,11.47,11.87]
[{"$nulls":4},"MO sem LS =>",6.31,"LS =>",5.37,"MO com LS =>",11.68]
[{"$nulls":4},"Valor do BDI =>",6.97,null,"Valor com BDI =>",null,32.299999999999997]
[{"$nulls":6},"Quant. =>","15,00","Preço Total =>",484.5]
[]
[" 7.2.3 ","Código","Banco","Descrição","Tipo",null,"Und","Quant.","Valor Unit","Total"]
["Composição"," 89511 ","SINAPI","TUBO PVC, SÉRIE R, ÁGUA PLUVIAL, DN 75 MM, FORNECIDO E INSTALADO EM RAMAL DE ENCAMINHAMENTO. AF_06/2022","Instalações Prediais de Águas Pluviais - Tubos, Conexões, Caixas e Ralos",null,"M",1,42.41,42.41]
["Composição Auxiliar"," 88267 ","SINAPI","ENCANADOR OU BOMBEIRO HIDRÁULICO COM ENCARGOS COMPLEMENTARES","Livro SINAPI: Cálculos e Parâmetros",null,"H",0.29389999999999999,38.69,11.37]
["Composição Auxiliar"," 88248 ","SINAPI","AUXILIAR DE ENCANADOR OU BOMBEIRO HIDRÁULICO COM ENCARGOS COMPLEMENTARES","Livro SINAPI: Cálculos e Parâmetros",null,"H",0.29389999999999999,32.28,9.48]
["Insumo"," 00009839 ","SINAPI","TUBO PVC, SERIE R, DN 75 MM, PARA ESGOTO OU AGUAS PLUVIAIS PREDIAL (NBR 5688)","Material",null,"M",1.0353000000000001,20.81,21.54]
["Insumo"," 00038383 ","SINAPI","LIXA D'AGUA EM FOLHA, COR PRETA, GRAO 100","Material",null,"UN",1.6299999999999999E-2,1.73,0.02]
[{"$nulls":4},"MO sem LS =>",9.7899999999999991,"LS =>",8.31,"MO com LS =>",18.100000000000001]
[{"$nulls":4},"Valor do BDI =>",11.67,null,"Valor com BDI =>",null,54.08]
[{"$nulls":6},"Quant. =>","15,00","Preço Total =>",811.2]
[]
[" 7.2.4 ","Código","Banco","Descrição","Tipo",null,"Und","Quant.","Valor Unit","Total"]
["Composição"," 89512 ","SINAPI","TUBO PVC, SÉRIE R, ÁGUA PLUVIAL, DN 100 MM, FORNECIDO E INSTALADO EM RAMAL DE ENCAMINHAMENTO. AF_06/2022","Instalações Prediais de Águas Pluviais - Tubos, Conexões, Caixas e Ralos",null,"M",1,54.57,54.57]
["Composição Auxiliar"," 88248 ","SINAPI","AUXILIAR DE ENCANADOR OU BOMBEIRO HIDRÁULICO COM ENCARGOS COMPLEMENTARES","Livro SINAPI: Cálculos e Parâmetros",null,"H",0.40239999999999998,32.28,12.98]
["Composição Auxiliar"," 88267 ","SINAPI","ENCANADOR OU BOMBEIRO HIDRÁULICO COM ENCARGOS COMPLEMENTARES","Livro SINAPI: Cálculos e Parâmetros",null,"H",0.40239999999999998,38.69,15.56]
["Insumo"," 00038383 ","SINAPI","LIXA D'AGUA EM FOLHA, COR PRETA, GRAO 100","Material",null,"UN",2.24E-2,1.73,0.03]
["Insumo"," 00009841 ","SINAPI","TUBO PVC, SERIE R, DN 100 MM, PARA ESGOTO OU AGUAS PLUVIAIS PREDIAL (NBR 5688)","Material",null,"M",1.0353000000000001,25.12,26]
[{"$nulls":4},"MO sem LS =>",13.41,"LS =>",11.38,"MO com LS =>",24.79]
[{"$nulls":4},"Valor do BDI =>",15.02,null,"Valor com BDI =>",null,69.59]
[{"$nulls":6},"Quant. =>","15,00","Preço Total =>",1043.8499999999999]
[]
[" 7.2.5 ","Código","Banco","Descrição","Tipo",null,"Und","Quant.","Valor Unit","Total"]
["Composição"," 89576 ","SINAPI","TUBO PVC, SÉRIE R, ÁGUA PLUVIAL, DN 75 MM, FORNECIDO E INSTALADO EM CONDUTORES VERTICAIS DE ÁGUAS PLUVIAIS. AF_06/2022","Instalações Prediais de Águas Pluviais - Tubos, Conexões, Caixas e Ralos",null,"M",1,24.99,24.99]
["Composição Auxiliar"," 88267 ","SINAPI","ENCANADOR OU BOMBEIRO HIDRÁULICO COM ENCARGOS COMPLEMENTARES","Livro SINAPI: Cálculos e Parâmetros",null,"H",4.82E-2,38.69,1.86]
["Composição Auxiliar"," 88248 ","SINAPI","AUXILIAR DE ENCANADOR OU BOMBEIRO HIDRÁULICO COM ENCARGOS COMPLEMENTARES","Livro SINAPI: Cálculos e Parâmetros",null,"H",4.82E-2,32.28,1.55]
["Insumo"," 00009839 ","SINAPI","TUBO PVC, SERIE R, DN 75 MM, PARA ESGOTO OU AGUAS PLUVIAIS PREDIAL (NBR 5688)","Material",null,"M",1.0353000000000001,20.81,21.54]
["Insumo"," 00038383 ","SINAPI","LIXA D'AGUA EM FOLHA, COR PRETA, GRAO 100","Material",null,"UN",2.7E-2,1.73,0.04]
[{"$nulls":4},"MO sem LS =>",1.6,"LS =>",1.36,"MO com LS =>",2.96]
[{"$nulls":4},"Valor do BDI =>",6.87,null,"Valor com BDI =>",null,31.86]
[{"$nulls":6},"Quant. =>","15,00","Preço Total =>",477.9]
[]
[" 7.2.6 ","Código","Banco","Descrição","Tipo",null,"Und","Quant.","Valor Unit","Total"]
["Composição"," 89578 ","SINAPI","TUBO PVC, SÉRIE R, ÁGUA PLUVIAL, DN 100 MM, FORNECIDO E INSTALADO EM CONDUTORES VERTICAIS DE ÁGUAS PLUVIAIS. AF_06/2022","Instalações Prediais de Águas Pluviais - Tubos, Conexões, Caixas e Ralos",null,"M",1,31.44,31.44]
["Composição Auxiliar"," 88267 ","SINAPI","ENCANADOR OU BOMBEIRO HIDRÁULICO COM ENCARGOS COMPLEMENTARES","Livro SINAPI: Cálculos e Parâmetros",null,"H",7.5800000000000006E-2,38.69,2.93]
["Composição Auxiliar"," 88248 ","SINAPI","AUXILIAR DE ENCANADOR OU BOMBEIRO HIDRÁULICO COM ENCARGOS COMPLEMENTARES","Livro SINAPI: Cálculos e Parâmetros",null,"H",7.5800000000000006E-2,32.28,2.44]
["Insumo"," 00038383 ","SINAPI","LIXA D'AGUA EM FOLHA, COR PRETA, GRAO 100","Material",null,"UN",4.2000000000000003E-2,1.73,7.0000000000000007E-2]
["Insumo"," 00009841 ","SINAPI","TUBO PVC, SERIE R, DN 100 MM, PARA ESGOTO OU AGUAS PLUVIAIS PREDIAL (NBR 5688)","Material",null,"M",1.0353000000000001,25.12,26]
[{"$nulls":4},"MO sem LS =>",2.52,"LS =>",2.14,"MO com LS =>",4.66]
[{"$nulls":4},"Valor do BDI =>",8.65,null,"Valor com BDI =>",null,40.090000000000003]
[{"$nulls":6},"Quant. =>","15,00","Preço Total =>",601.35]
[]
[" 7.2.7 ","Código","Banco","Descrição","Tipo",null,"Und","Quant.","Valor Unit","Total"]
["Composição"," 89600 ","SINAPI","LUVA DE CORRER, PVC, SERIE R, ÁGUA PLUVIAL, DN 75 MM, JUNTA ELÁSTICA, FORNECIDO E INSTALADO EM CONDUTORES VERTICAIS DE ÁGUAS PLUVIAIS. AF_06/2022","Instalações Prediais de Águas Pluviais - Tubos, Conexões, Caixas e Ralos",null,"UN",1,26.59,26.59]
["Composição Auxiliar"," 88248 ","SINAPI","AUXILIAR DE ENCANADOR OU BOMBEIRO HIDRÁULICO COM ENCARGOS COMPLEMENTARES","Livro SINAPI: Cálculos e Parâmetros",null,"H",0.1158,32.28,3.73]
["Composição Auxiliar"," 88267 ","SINAPI","ENCANADOR OU BOMBEIRO HIDRÁULICO COM ENCARGOS COMPLEMENTARES","Livro SINAPI: Cálculos e Parâmetros",null,"H",0.1158,38.69,4.4800000000000004]
["Insumo"," 00020164 ","SINAPI","LUVA DE CORRER, PVC SERIE R, 75 MM, PARA ESGOTO PREDIAL","Material",null,"UN",1,10.54,10.54]
["Insumo"," 00000298 ","SINAPI","ANEL BORRACHA, DN 75 MM, PARA TUBO SERIE REFORCADA ESGOTO PREDIAL","Material",null,"UN",2,3.15,6.3]
["Insumo"," 00020078 ","SINAPI","PASTA LUBRIFICANTE PARA TUBOS E CONEXOES COM JUNTA ELASTICA, EMBALAGEM DE *400* GR (USO EM PVC, ACO, POLIETILENO E OUTROS)","Material",null,"UN",7.4999999999999997E-2,20.64,1.54]
[{"$nulls":4},"MO sem LS =>",3.85,"LS =>",3.27,"MO com LS =>",7.12]
[{"$nulls":4},"Valor do BDI =>",7.32,null,"Valor com BDI =>",null,33.909999999999997]
[{"$nulls":6},"Quant. =>","5,00","Preço Total =>",169.55]
[]
[" 7.2.8 ","Código","Banco","Descrição","Tipo",null,"Und","Quant.","Valor Unit","Total"]
["Composição"," 89671 ","SINAPI","LUVA DE CORRER, PVC, SERIE R, ÁGUA PLUVIAL, DN 100 MM, JUNTA ELÁSTICA, FORNECIDO E INSTALADO EM CONDUTORES VERTICAIS DE ÁGUAS PLUVIAIS. AF_06/2022","Instalações Prediais de Águas Pluviais - Tubos, Conexões, Caixas e Ralos",null,"UN",1,45.4,45.4]
["Composição Auxiliar"," 88248 ","SINAPI","AUXILIAR DE ENCANADOR OU BOMBEIRO HIDRÁULICO COM ENCARGOS COMPLEMENTARES","Livro SINAPI: Cálculos e Parâmetros",null,"H",0.18190000000000001,32.28,5.87]
["Composição Auxiliar"," 88267 ","SINAPI","ENCANADOR OU BOMBEIRO HIDRÁULICO COM ENCARGOS COMPLEMENTARES","Livro SINAPI: Cálculos e Parâmetros",null,"H",0.18190000000000001,38.69,7.03]
["Insumo"," 00020165 ","SINAPI","LUVA DE CORRER, PVC SERIE R, 100 MM, PARA ESGOTO PREDIAL","Material",null,"UN",1,21.93,21.93]
["Insumo"," 00000299 ","SINAPI","ANEL BORRACHA, DN 100 MM, PARA TUBO SERIE REFORCADA ESGOTO PREDIAL","Material",null,"UN",2,4.0999999999999996,8.1999999999999993]
["Insumo"," 00020078 ","SINAPI","PASTA LUBRIFICANTE PARA TUBOS E CONEXOES COM JUNTA ELASTICA, EMBALAGEM DE *400* GR (USO EM PVC, ACO, POLIETILENO E OUTROS)","Material",null,"UN",0.115,20.64,2.37]
[{"$nulls":4},"MO sem LS =>",6.05,"LS =>",5.15,"MO com LS =>",11.2]
[{"$nulls":4},"Valor do BDI =>",12.49,null,"Valor com BDI =>",null,57.89]
[{"$nulls":6},"Quant. =>","5,00","Preço Total =>",289.45]
[]
[" 7.2.9 ","Código","Banco","Descrição","Tipo",null,"Und","Quant.","Valor Unit","Total"]
["Composição"," 91174 ","SINAPI","FIXAÇÃO DE TUBOS VERTICAIS DE PVC ÁGUA, PVC ESGOTO, PVC ÁGUA PLUVIAL, CPVC, PPR, COBRE OU AÇO, DIÂMETROS MAIORES QUE 40 MM E MENORES OU IGUAIS A 75 MM, COM ABRAÇADEIRA METÁLICA RÍGIDA TIPO U PERFIL 2 1/2\", FIXADA EM PERFILADO EM PAREDE. AF_09/2023_PS","Rasgos e Fixações",null,"M",1,8.74,8.74]
["Composição Auxiliar"," 88267 ","SINAPI","ENCANADOR OU BOMBEIRO HIDRÁULICO COM ENCARGOS COMPLEMENTARES","Livro SINAPI: Cálculos e Parâmetros",null,"H",0.12559999999999999,38.69,4.8499999999999996]
["Composição Auxiliar"," 88248 ","SINAPI","AUXILIAR DE ENCANADOR OU BOMBEIRO HIDRÁULICO COM ENCARGOS COMPLEMENTARES","Livro SINAPI: Cálculos e Parâmetros",null,"H",2.8500000000000001E-2,32.28,0.91]
["Insumo"," 00000394 ","SINAPI","ABRACADEIRA EM ACO PARA AMARRACAO DE ELETRODUTOS, TIPO D, COM 1 1/2\" E PARAFUSO DE FIXACAO","Material",null,"UN",0.66669999999999996,4.4800000000000004,2.98]
[{"$nulls":4},"MO sem LS =>",2.73,"LS =>",2.3199999999999998,"MO com LS =>",5.05]
[{"$nulls":4},"Valor do BDI =>",2.4,null,"Valor com BDI =>",null,11.14]
[{"$nulls":6},"Quant. =>","15,00","Preço Total =>",167.1]
[]
[" 7.2.10 ","Código","Banco","Descrição","Tipo",null,"Und","Quant.","Valor Unit","Total"]
["Composição"," 91175 ","SINAPI","FIXAÇÃO DE TUBOS VERTICAIS DE PVC ÁGUA, PVC ESGOTO, PVC ÁGUA PLUVIAL, CPVC, PPR, COBRE OU AÇO, DIÂMETROS MAIORES QUE 75 MM E MENORES OU IGUAIS A 100 MM, COM ABRAÇADEIRA METÁLICA RÍGIDA TIPO U PERFIL 4\", FIXADA EM PERFILADO EM PAREDE. AF_09/2023_PS","Rasgos e Fixações",null,"M",1,13.6,13.6]
["Composição Auxiliar"," 88267 ","SINAPI","ENCANADOR OU BOMBEIRO HIDRÁULICO COM ENCARGOS COMPLEMENTARES","Livro SINAPI: Cálculos e Parâmetros",null,"H",0.19239999999999999,38.69,7.44]
["Composição Auxiliar"," 88248 ","SINAPI","AUXILIAR DE ENCANADOR OU BOMBEIRO HIDRÁULICO COM ENCARGOS COMPLEMENTARES","Livro SINAPI: Cálculos e Parâmetros",null,"H",4.3700000000000003E-2,32.28,1.41]
["Insumo"," 00000398 ","SINAPI","ABRACADEIRA EM ACO PARA AMARRACAO DE ELETRODUTOS, TIPO D, COM 3\" E PARAFUSO DE FIXACAO","Material",null,"UN",0.66669999999999996,7.13,4.75]
[{"$nulls":4},"MO sem LS =>",4.18,"LS =>",3.56,"MO com LS =>",7.74]
[{"$nulls":4},"Valor do BDI =>",3.74,null,"Valor com BDI =>",null,17.34]
[{"$nulls":6},"Quant. =>","15,00","Preço Total =>",260.10000000000002]
[]
[" 7.3 ",null,null,"Instalações de Esgoto Sanitário",{"$nulls":5},3824.58]
[" 7.3.1 ","Código","Banco","Descrição","Tipo",null,"Und","Quant.","Valor Unit","Total"]
["Composição"," 89707 ","SINAPI","CAIXA SIFONADA, PVC, DN 100 X 100 X 50 MM, JUNTA ELÁSTICA, FORNECIDA E INSTALADA EM RAMAL DE DESCARGA OU EM RAMAL DE ESGOTO SANITÁRIO. AF_08/2022","Instalações Prediais de Esgoto - Caixas e Ralos",null,"UN",1,51.47,51.47]
["Composição Auxiliar"," 88267 ","SINAPI","ENCANADOR OU BOMBEIRO HIDRÁULICO COM ENCARGOS COMPLEMENTARES","Livro SINAPI: Cálculos e Parâmetros",null,"H",0.3987,38.69,15.42]
["Composição Auxiliar"," 88248 ","SINAPI","AUXILIAR DE ENCANADOR OU BOMBEIRO HIDRÁULICO COM ENCARGOS COMPLEMENTARES","Livro SINAPI: Cálculos e Parâmetros",null,"H",0.3987,32.28,12.87]
["Insumo"," 00000122 ","SINAPI","ADESIVO PLASTICO PARA PVC, FRASCO COM *850* GR","Material",null,"UN",2.92E-2,50.01,1.46]
["Insumo"," 00020083 ","SINAPI","SOLUCAO PREPARADORA / LIMPADORA PARA PVC, FRASCO COM 1000 CM3","Material",null,"UN",4.3999999999999997E-2,56.66,2.4900000000000002]
["Insumo"," 00038383 ","SINAPI","LIXA D'AGUA EM FOLHA, COR PRETA, GRAO 100","Material",null,"UN",1.54E-2,1.73,0.02]
["Insumo"," 00005103 ","SINAPI","CAIXA SIFONADA PVC, 100 X 100 X 50 MM, COM GRELHA REDONDA, BRANCA","Material",null,"UN",1,19.21,19.21]
[{"$nulls":4},"MO sem LS =>",13.28,"LS =>",11.28,"MO com LS =>",24.56]
[{"$nulls":4},"Valor do BDI =>",14.16,null,"Valor com BDI =>",null,65.63]
[{"$nulls":6},"Quant. =>","3,00","Preço Total =>",196.89]
[]
[" 7.3.2 ","Código","Banco","Descrição","Tipo",null,"Und","Quant.","Valor Unit","Total"]
["Composição"," 104327 ","SINAPI","RALO SIFONADO REDONDO, PVC, DN 100 X 40 MM, JUNTA SOLDÁVEL, FORNECIDO E INSTALADO EM RAMAL DE DESCARGA OU EM RAMAL DE ESGOTO SANITÁRIO. AF_08/2022","Instalações Prediais de Esgoto - Caixas e Ralos",null,"UN",1,20.53,20.53]
["Composição Auxiliar"," 88267 ","SINAPI","ENCANADOR OU BOMBEIRO HIDRÁULICO COM ENCARGOS COMPLEMENTARES","Livro SINAPI: Cálculos e Parâmetros",null,"H",0.16520000000000001,38.69,6.39]
["Composição Auxiliar"," 88248 ","SINAPI","AUXILIAR DE ENCANADOR OU BOMBEIRO HIDRÁULICO COM ENCARGOS COMPLEMENTARES","Livro SINAPI: Cálculos e Parâmetros",null,"H",0.16520000000000001,32.28,5.33]
["Insumo"," 00000122 ","SINAPI","ADESIVO PLASTICO PARA PVC, FRASCO COM *850* GR","Material",null,"UN",4.8999999999999998E-3,50.01,0.24]
["Insumo"," 00038383 ","SINAPI","LIXA D'AGUA EM FOLHA, COR PRETA, GRAO 100","Material",null,"UN",3.5999999999999997E-2,1.73,0.06]
["Insumo"," 00020083 ","SINAPI","SOLUCAO PREPARADORA / LIMPADORA PARA PVC, FRASCO COM 1000 CM3","Material",null,"UN",7.4999999999999997E-3,56.66,0.42]
["Insumo"," 00011743 ","SINAPI","RALO SIFONADO REDONDO CONICO, PVC, 100 X 40 MM, COM GRELHA REDONDA BRANCA","Material",null,"UN",1,8.09,8.09]
[{"$nulls":4},"MO sem LS =>",5.5,"LS =>",4.68,"MO com LS =>",10.18]
[{"$nulls":4},"Valor do BDI =>",5.65,null,"Valor com BDI =>",null,26.18]
[{"$nulls":6},"Quant. =>","3,00","Preço Total =>",78.540000000000006]
[]
[" 7.3.3 ","Código","Banco","Descrição","Tipo",null,"Und","Quant.","Valor Unit","Total"]
["Composição"," 89726 ","SINAPI","JOELHO 45 GRAUS, PVC, SERIE NORMAL, ESGOTO PREDIAL, DN 40 MM, JUNTA SOLDÁVEL, FORNECIDO E INSTALADO EM RAMAL DE DESCARGA OU RAMAL DE ESGOTO SANITÁRIO. AF_08/2022","Instalações Prediais de Esgoto - Tubos e Conexões",null,"UN",1,12.43,12.43]
["Composição Auxiliar"," 88267 ","SINAPI","ENCANADOR OU BOMBEIRO HIDRÁULICO COM ENCARGOS COMPLEMENTARES","Livro SINAPI: Cálculos e Parâmetros",null,"H",0.127,38.69,4.91]
["Composição Auxiliar"," 88248 ","SINAPI","AUXILIAR DE ENCANADOR OU BOMBEIRO HIDRÁULICO COM ENCARGOS COMPLEMENTARES","Livro SINAPI: Cálculos e Parâmetros",null,"H",0.127,32.28,4.09]
["Insumo"," 00000122 ","SINAPI","ADESIVO PLASTICO PARA PVC, FRASCO COM *850* GR","Material",null,"UN",9.9000000000000008E-3,50.01,0.49]
["Insumo"," 00003516 ","SINAPI","JOELHO PVC, SOLDAVEL, BB, 45 GRAUS, DN 40 MM, PARA ESGOTO PREDIAL","Material",null,"UN",1,2.09,2.09]
["Insumo"," 00038383 ","SINAPI","LIXA D'AGUA EM FOLHA, COR PRETA, GRAO 100","Material",null,"UN",7.1000000000000004E-3,1.73,0.01]
["Insumo"," 00020083 ","SINAPI","SOLUCAO PREPARADORA / LIMPADORA PARA PVC, FRASCO COM 1000 CM3","Material",null,"UN",1.4999999999999999E-2,56.66,0.84]
[{"$nulls":4},"MO sem LS =>",4.2300000000000004,"LS =>",3.59,"MO com LS =>",7.82]
[{"$nulls":4},"Valor do BDI =>",3.42,null,"Valor com BDI =>",null,15.85]
[{"$nulls":6},"Quant. =>","5,00","Preço Total =>",79.25]
[]
[" 7.3.4 ","Código","Banco","Descrição","Tipo",null,"Und","Quant.","Valor Unit","Total"]
["Composição"," 89732 ","SINAPI","JOELHO 45 GRAUS, PVC, SERIE NORMAL, ESGOTO PREDIAL, DN 50 MM, JUNTA ELÁSTICA, FORNECIDO E INSTALADO EM RAMAL DE DESCARGA OU RAMAL DE ESGOTO SANITÁRIO. AF_08/2022","Instalações Prediais de Esgoto - Tubos e Conexões",null,"UN",1,18.16,18.16]
["Composição Auxiliar"," 88267 ","SINAPI","ENCANADOR OU BOMBEIRO HIDRÁULICO COM ENCARGOS COMPLEMENTARES","Livro SINAPI: Cálculos e Parâmetros",null,"H",0.13789999999999999,38.69,5.33]
["Composição Auxiliar"," 88248 ","SINAPI","AUXILIAR DE ENCANADOR OU BOMBEIRO HIDRÁULICO COM ENCARGOS COMPLEMENTARES","Livro SINAPI: Cálculos e Parâmetros",null,"H",0.13789999999999999,32.28,4.45]
["Insumo"," 00003518 ","SINAPI","JOELHO PVC, SOLDAVEL, PB, 45 GRAUS, DN 50 MM, PARA ESGOTO PREDIAL","Material",null,"UN",1,3.39,3.39]
["Insumo"," 00020078 ","SINAPI","PASTA LUBRIFICANTE PARA TUBOS E CONEXOES COM JUNTA ELASTICA, EMBALAGEM DE *400* GR (USO EM PVC, ACO, POLIETILENO E OUTROS)","Material",null,"UN",0.05,20.64,1.03]
["Insumo"," 00000296 ","SINAPI","ANEL BORRACHA PARA TUBO ESGOTO PREDIAL, DN 50 MM (NBR 5688)","Material",null,"UN",2,1.98,3.96]
[{"$nulls":4},"MO sem LS =>",4.59,"LS =>",3.9,"MO com LS =>",8.49]
[{"$nulls":4},"Valor do BDI =>",4.99,null,"Valor com BDI =>",null,23.15]
[{"$nulls":6},"Quant. =>","5,00","Preço Total =>",115.75]
[]
[" 7.3.5 ","Código","Banco","Descrição","Tipo",null,"Und","Quant.","Valor Unit","Total"]
["Composição"," 89739 ","SINAPI","JOELHO 45 GRAUS, PVC, SERIE NORMAL, ESGOTO PREDIAL, DN 75 MM, JUNTA ELÁSTICA, FORNECIDO E INSTALADO EM RAMAL DE DESCARGA OU RAMAL DE ESGOTO SANITÁRIO. AF_08/2022","Instalações Prediais de Esgoto - Tubos e Conexões",null,"UN",1,26.18,26.18]
["Composição Auxiliar"," 88267 ","SINAPI","ENCANADOR OU BOMBEIRO HIDRÁULICO COM ENCARGOS COMPLEMENTARES","Livro SINAPI: Cálculos e Parâmetros",null,"H",0.16520000000000001,38.69,6.39]
["Composição Auxiliar"," 88248 ","SINAPI","AUXILIAR DE ENCANADOR OU BOMBEIRO HIDRÁULICO COM ENCARGOS COMPLEMENTARES","Livro SINAPI: Cálculos e Parâmetros",null,"H",0.16520000000000001,32.28,5.33]
["Insumo"," 00003519 ","SINAPI","JOELHO PVC, SOLDAVEL, PB, 45 GRAUS, DN 75 MM, PARA ESGOTO PREDIAL","Material",null,"UN",1,7.1,7.1]
["Insumo"," 00020078 ","SINAPI","PASTA LUBRIFICANTE PARA TUBOS E CONEXOES COM JUNTA ELASTICA, EMBALAGEM DE *400* GR (USO EM PVC, ACO, POLIETILENO E OUTROS)","Material",null,"UN",7.4999999999999997E-2,20.64,1.54]
["Insumo"," 00000297 ","SINAPI","ANEL BORRACHA PARA TUBO ESGOTO PREDIAL, DN 75 MM (NBR 5688)","Material",null,"UN",2,2.91,5.82]
[{"$nulls":4},"MO sem LS =>",5.5,"LS =>",4.68,"MO com LS =>",10.18]
[{"$nulls":4},"Valor do BDI =>",7.2,null,"Valor com BDI =>",null,33.380000000000003]
[{"$nulls":6},"Quant. =>","5,00","Preço Total =>",166.9]
[]
[" 7.3.6 ","Código","Banco","Descrição","Tipo",null,"Und","Quant.","Valor Unit","Total"]
["Composição"," 89746 ","SINAPI","JOELHO 45 GRAUS, PVC, SERIE NORMAL, ESGOTO PREDIAL, DN 100 MM, JUNTA ELÁSTICA, FORNECIDO E INSTALADO EM RAMAL DE DESCARGA OU RAMAL DE ESGOTO SANITÁRIO. AF_08/2022","Instalações Prediais de Esgoto - Tubos e Conexões",null,"UN",1,31.21,31.21]
["Composição Auxiliar"," 88267 ","SINAPI","ENCANADOR OU BOMBEIRO HIDRÁULICO COM ENCARGOS COMPLEMENTARES","Livro SINAPI: Cálculos e Parâmetros",null,"H",0.19259999999999999,38.69,7.45]
["Composição Auxiliar"," 88248 ","SINAPI","AUXILIAR DE ENCANADOR OU BOMBEIRO HIDRÁULICO COM ENCARGOS COMPLEMENTARES","Livro SINAPI: Cálculos e Parâmetros",null,"H",0.19259999999999999,32.28,6.21]
["Insumo"," 00020078 ","SINAPI","PASTA LUBRIFICANTE PARA TUBOS E CONEXOES COM JUNTA ELASTICA, EMBALAGEM DE *400* GR (USO EM PVC, ACO, POLIETILENO E OUTROS)","Material",null,"UN",0.115,20.64,2.37]
["Insumo"," 00003528 ","SINAPI","JOELHO PVC, SOLDAVEL, PB, 45 GRAUS, DN 100 MM, PARA ESGOTO PREDIAL","Material",null,"UN",1,8.18,8.18]
["Insumo"," 00000301 ","SINAPI","ANEL BORRACHA PARA TUBO ESGOTO PREDIAL, DN 100 MM (NBR 5688)","Material",null,"UN",2,3.5,7]
[{"$nulls":4},"MO sem LS =>",6.41,"LS =>",5.45,"MO com LS =>",11.86]
[{"$nulls":4},"Valor do BDI =>",8.59,null,"Valor com BDI =>",null,39.799999999999997]
[{"$nulls":6},"Quant. =>","5,00","Preço Total =>",199]
[]
[" 7.3.7 ","Código","Banco","Descrição","Tipo",null,"Und","Quant.","Valor Unit","Total"]
["Composição"," 89724 ","SINAPI","JOELHO 90 GRAUS, PVC, SERIE NORMAL, ESGOTO PREDIAL, DN 40 MM, JUNTA SOLDÁVEL, FORNECIDO E INSTALADO EM RAMAL DE DESCARGA OU RAMAL DE ESGOTO SANITÁRIO. AF_08/2022","Instalações Prediais de Esgoto - Tubos e Conexões",null,"UN",1,12.23,12.23]
["Composição Auxiliar"," 88248 ","SINAPI","AUXILIAR DE ENCANADOR OU BOMBEIRO HIDRÁULICO COM ENCARGOS COMPLEMENTARES","Livro SINAPI: Cálculos e Parâmetros",null,"H",0.127,32.28,4.09]
["Composição Auxiliar"," 88267 ","SINAPI","ENCANADOR OU BOMBEIRO HIDRÁULICO COM ENCARGOS COMPLEMENTARES","Livro SINAPI: Cálculos e Parâmetros",null,"H",0.127,38.69,4.91]
["Insumo"," 00003517 ","SINAPI","JOELHO PVC, SOLDAVEL, BB, 90 GRAUS, SEM ANEL, DN 40 MM, PARA ESGOTO PREDIAL SECUNDARIO","Material",null,"UN",1,1.89,1.89]
["Insumo"," 00000122 ","SINAPI","ADESIVO PLASTICO PARA PVC, FRASCO COM *850* GR","Material",null,"UN",9.9000000000000008E-3,50.01,0.49]
["Insumo"," 00038383 ","SINAPI","LIXA D'AGUA EM FOLHA, COR PRETA, GRAO 100","Material",null,"UN",7.1000000000000004E-3,1.73,0.01]
["Insumo"," 00020083 ","SINAPI","SOLUCAO PREPARADORA / LIMPADORA PARA PVC, FRASCO COM 1000 CM3","Material",null,"UN",1.4999999999999999E-2,56.66,0.84]
[{"$nulls":4},"MO sem LS =>",4.2300000000000004,"LS =>",3.59,"MO com LS =>",7.82]
[{"$nulls":4},"Valor do BDI =>",3.36,null,"Valor com BDI =>",null,15.59]
[{"$nulls":6},"Quant. =>","5,00","Preço Total =>",77.95]
[]
[" 7.3.8 ","Código","Banco","Descrição","Tipo",null,"Und","Quant.","Valor Unit","Total"]
["Composição"," 89731 ","SINAPI","JOELHO 90 GRAUS, PVC, SERIE NORMAL, ESGOTO PREDIAL, DN 50 MM, JUNTA ELÁSTICA, FORNECIDO E INSTALADO EM RAMAL DE DESCARGA OU RAMAL DE ESGOTO SANITÁRIO. AF_08/2022","Instalações Prediais de Esgoto - Tubos e Conexões",null,"UN",1,17.510000000000002,17.510000000000002]
["Composição Auxiliar"," 88248 ","SINAPI","AUXILIAR DE ENCANADOR OU BOMBEIRO HIDRÁULICO COM ENCARGOS COMPLEMENTARES","Livro SINAPI: Cálculos e Parâmetros",null,"H",0.13789999999999999,32.28,4.45]
["Composição Auxiliar"," 88267 ","SINAPI","ENCANADOR OU BOMBEIRO HIDRÁULICO COM ENCARGOS COMPLEMENTARES","Livro SINAPI: Cálculos e Parâmetros",null,"H",0.13789999999999999,38.69,5.33]
["Insumo"," 00003526 ","SINAPI","JOELHO PVC, SOLDAVEL, PB, 90 GRAUS, DN 50 MM, PARA ESGOTO PREDIAL","Material",null,"UN",1,2.74,2.74]
["Insumo"," 00020078 ","SINAPI","PASTA LUBRIFICANTE PARA TUBOS E CONEXOES COM JUNTA ELASTICA, EMBALAGEM DE *400* GR (USO EM PVC, ACO, POLIETILENO E OUTROS)","Material",null,"UN",0.05,20.64,1.03]
["Insumo"," 00000296 ","SINAPI","ANEL BORRACHA PARA TUBO ESGOTO PREDIAL, DN 50 MM (NBR 5688)","Material",null,"UN",2,1.98,3.96]
[{"$nulls":4},"MO sem LS =>",4.59,"LS =>",3.9,"MO com LS =>",8.49]
[{"$nulls":4},"Valor do BDI =>",4.82,null,"Valor com BDI =>",null,22.33]
[{"$nulls":6},"Quant. =>","5,00","Preço Total =>",111.65]
[]
[" 7.3.9 ","Código","Banco","Descrição","Tipo",null,"Und","Quant.","Valor Unit","Total"]
["Composição"," 89737 ","SINAPI","JOELHO 90 GRAUS, PVC, SERIE NORMAL, ESGOTO PREDIAL, DN 75 MM, JUNTA ELÁSTICA, FORNECIDO E INSTALADO EM RAMAL DE DESCARGA OU RAMAL DE ESGOTO SANITÁRIO. AF_08/2022","Instalações Prediais de Esgoto - Tubos e Conexões",null,"UN",1,25.3,25.3]
["Composição Auxiliar"," 88248 ","SINAPI","AUXILIAR DE ENCANADOR OU BOMBEIRO HIDRÁULICO COM ENCARGOS COMPLEMENTARES","Livro SINAPI: Cálculos e Parâmetros",null,"H",0.16520000000000001,32.28,5.33]
["Composição Auxiliar"," 88267 ","SINAPI","ENCANADOR OU BOMBEIRO HIDRÁULICO COM ENCARGOS COMPLEMENTARES","Livro SINAPI: Cálculos e Parâmetros",null,"H",0.16520000000000001,38.69,6.39]
["Insumo"," 00003509 ","SINAPI","JOELHO PVC, SOLDAVEL, PB, 90 GRAUS, DN 75 MM, PARA ESGOTO PREDIAL","Material",null,"UN",1,6.22,6.22]
["Insumo"," 00020078 ","SINAPI","PASTA LUBRIFICANTE PARA TUBOS E CONEXOES COM JUNTA ELASTICA, EMBALAGEM DE *400* GR (USO EM PVC, ACO, POLIETILENO E OUTROS)","Material",null,"UN",7.4999999999999997E-2,20.64,1.54]
["Insumo"," 00000297 ","SINAPI","ANEL BORRACHA PARA TUBO ESGOTO PREDIAL, DN 75 MM (NBR 5688)","Material",null,"UN",2,2.91,5.82]
[{"$nulls":4},"MO sem LS =>",5.5,"LS =>",4.68,"MO com LS =>",10.18]
[{"$nulls":4},"Valor do BDI =>",6.96,null,"Valor com BDI =>",null,32.26]
[{"$nulls":6},"Quant. =>","5,00","Preço Total =>",161.30000000000001]
[]
[" 7.3.10 ","Código","Banco","Descrição","Tipo",null,"Und","Quant.","Valor Unit","Total"]
["Composição"," 89744 ","SINAPI","JOELHO 90 GRAUS, PVC, SERIE NORMAL, ESGOTO PREDIAL, DN 100 MM, JUNTA ELÁSTICA, FORNECIDO E INSTALADO EM RAMAL DE DESCARGA OU RAMAL DE ESGOTO SANITÁRIO. AF_08/2022","Instalações Prediais de Esgoto - Tubos e Conexões",null,"UN",1,30.47,30.47]
["Composição Auxiliar"," 88248 ","SINAPI","AUXILIAR DE ENCANADOR OU BOMBEIRO HIDRÁULICO COM ENCARGOS COMPLEMENTARES","Livro SINAPI: Cálculos e Parâmetros",null,"H",0.19259999999999999,32.28,6.21]
["Composição Auxiliar"," 88267 ","SINAPI","ENCANADOR OU BOMBEIRO HIDRÁULICO COM ENCARGOS COMPLEMENTARES","Livro SINAPI: Cálculos e Parâmetros",null,"H",0.19259999999999999,38.69,7.45]
["Insumo"," 00020078 ","SINAPI","PASTA LUBRIFICANTE PARA TUBOS E CONEXOES COM JUNTA ELASTICA, EMBALAGEM DE *400* GR (USO EM PVC, ACO, POLIETILENO E OUTROS)","Material",null,"UN",0.115,20.64,2.37]
["Insumo"," 00000301 ","SINAPI","ANEL BORRACHA PARA TUBO ESGOTO PREDIAL, DN 100 MM (NBR 5688)","Material",null,"UN",2,3.5,7]
["Insumo"," 00003520 ","SINAPI","JOELHO PVC, SOLDAVEL, PB, 90 GRAUS, DN 100 MM, PARA ESGOTO PREDIAL","Material",null,"UN",1,7.44,7.44]
[{"$nulls":4},"MO sem LS =>",6.41,"LS =>",5.45,"MO com LS =>",11.86]
[{"$nulls":4},"Valor do BDI =>",8.3800000000000008,null,"Valor com BDI =>",null,38.85]
[{"$nulls":6},"Quant. =>","5,00","Preço Total =>",194.25]
[]
[" 7.3.11 ","Código","Banco","Descrição","Tipo",null,"Und","Quant.","Valor Unit","Total"]
["Composição"," 89754 ","SINAPI","LUVA DE CORRER, PVC, SERIE NORMAL, ESGOTO PREDIAL, DN 50 MM, JUNTA ELÁSTICA, FORNECIDO E INSTALADO EM RAMAL DE DESCARGA OU RAMAL DE ESGOTO SANITÁRIO. AF_08/2022","Instalações Prediais de Esgoto - Tubos e Conexões",null,"UN",1,21.57,21.57]
["Composição Auxiliar"," 88267 ","SINAPI","ENCANADOR OU BOMBEIRO HIDRÁULICO COM ENCARGOS COMPLEMENTARES","Livro SINAPI: Cálculos e Parâmetros",null,"H",9.1899999999999996E-2,38.69,3.55]
["Composição Auxiliar"," 88248 ","SINAPI","AUXILIAR DE ENCANADOR OU BOMBEIRO HIDRÁULICO COM ENCARGOS COMPLEMENTARES","Livro SINAPI: Cálculos e Parâmetros",null,"H",9.1899999999999996E-2,32.28,2.96]
["Insumo"," 00003848 ","SINAPI","LUVA DE CORRER, PVC, DN 50 MM, PARA ESGOTO PREDIAL","Material",null,"UN",1,10.07,10.07]
["Insumo"," 00000296 ","SINAPI","ANEL BORRACHA PARA TUBO ESGOTO PREDIAL, DN 50 MM (NBR 5688)","Material",null,"UN",2,1.98,3.96]
["Insumo"," 00020078 ","SINAPI","PASTA LUBRIFICANTE PARA TUBOS E CONEXOES COM JUNTA ELASTICA, EMBALAGEM DE *400* GR (USO EM PVC, ACO, POLIETILENO E OUTROS)","Material",null,"UN",0.05,20.64,1.03]
[{"$nulls":4},"MO sem LS =>",3.05,"LS =>",2.6,"MO com LS =>",5.65]
[{"$nulls":4},"Valor do BDI =>",5.93,null,"Valor com BDI =>",null,27.5]
[{"$nulls":6},"Quant. =>","5,00","Preço Total =>",137.5]
[]
[" 7.3.12 ","Código","Banco","Descrição","Tipo",null,"Und","Quant.","Valor Unit","Total"]
["Composição"," 89776 ","SINAPI","LUVA DE CORRER, PVC, SERIE NORMAL, ESGOTO PREDIAL, DN 75 MM, JUNTA ELÁSTICA, FORNECIDO E INSTALADO EM RAMAL DE DESCARGA OU RAMAL DE ESGOTO SANITÁRIO. AF_08/2022","Instalações Prediais de Esgoto - Tubos e Conexões",null,"UN",1,26.35,26.35]
["Composição Auxiliar"," 88248 ","SINAPI","AUXILIAR DE ENCANADOR OU BOMBEIRO HIDRÁULICO COM ENCARGOS COMPLEMENTARES","Livro SINAPI: Cálculos e Parâmetros",null,"H",0.11020000000000001,32.28,3.55]
["Composição Auxiliar"," 88267 ","SINAPI","ENCANADOR OU BOMBEIRO HIDRÁULICO COM ENCARGOS COMPLEMENTARES","Livro SINAPI: Cálculos e Parâmetros",null,"H",0.11020000000000001,38.69,4.26]
["Insumo"," 00003895 ","SINAPI","LUVA DE CORRER, PVC, DN 75 MM, PARA ESGOTO PREDIAL","Material",null,"UN",1,11.18,11.18]
["Insumo"," 00000297 ","SINAPI","ANEL BORRACHA PARA TUBO ESGOTO PREDIAL, DN 75 MM (NBR 5688)","Material",null,"UN",2,2.91,5.82]
["Insumo"," 00020078 ","SINAPI","PASTA LUBRIFICANTE PARA TUBOS E CONEXOES COM JUNTA ELASTICA, EMBALAGEM DE *400* GR (USO EM PVC, ACO, POLIETILENO E OUTROS)","Material",null,"UN",7.4999999999999997E-2,20.64,1.54]
[{"$nulls":4},"MO sem LS =>",3.66,"LS =>",3.12,"MO com LS =>",6.78]
[{"$nulls":4},"Valor do BDI =>",7.25,null,"Valor com BDI =>",null,33.6]
[{"$nulls":6},"Quant. =>","5,00","Preço Total =>",168]
[]
[" 7.3.13 ","Código","Banco","Descrição","Tipo",null,"Und","Quant.","Valor Unit","Total"]
["Composição"," 89779 ","SINAPI","LUVA DE CORRER, PVC, SERIE NORMAL, ESGOTO PREDIAL, DN 100 MM, JUNTA ELÁSTICA, FORNECIDO E INSTALADO EM RAMAL DE DESCARGA OU RAMAL DE ESGOTO SANITÁRIO. AF_08/2022","Instalações Prediais de Esgoto - Tubos e Conexões",null,"UN",1,34.979999999999997,34.979999999999997]
["Composição Auxiliar"," 88267 ","SINAPI","ENCANADOR OU BOMBEIRO HIDRÁULICO COM ENCARGOS COMPLEMENTARES","Livro SINAPI: Cálculos e Parâmetros",null,"H",0.12839999999999999,38.69,4.96]
["Composição Auxiliar"," 88248 ","SINAPI","AUXILIAR DE ENCANADOR OU BOMBEIRO HIDRÁULICO COM ENCARGOS COMPLEMENTARES","Livro SINAPI: Cálculos e Parâmetros",null,"H",0.12839999999999999,32.28,4.1399999999999997]
["Insumo"," 00020078 ","SINAPI","PASTA LUBRIFICANTE PARA TUBOS E CONEXOES COM JUNTA ELASTICA, EMBALAGEM DE *400* GR (USO EM PVC, ACO, POLIETILENO E OUTROS)","Material",null,"UN",0.115,20.64,2.37]
["Insumo"," 00003893 ","SINAPI","LUVA DE CORRER, PVC, DN 100 MM, PARA ESGOTO PREDIAL","Material",null,"UN",1,16.510000000000002,16.510000000000002]
["Insumo"," 00000301 ","SINAPI","ANEL BORRACHA PARA TUBO ESGOTO PREDIAL, DN 100 MM (NBR 5688)","Material",null,"UN",2,3.5,7]
[{"$nulls":4},"MO sem LS =>",4.2699999999999996,"LS =>",3.63,"MO com LS =>",7.9]
[{"$nulls":4},"Valor do BDI =>",9.6199999999999992,null,"Valor com BDI =>",null,44.6]
[{"$nulls":6},"Quant. =>","5,00","Preço Total =>",223]
[]
[" 7.3.14 ","Código","Banco","Descrição","Tipo",null,"Und","Quant.","Valor Unit","Total"]
["Composição"," 89711 ","SINAPI","TUBO PVC, SERIE NORMAL, ESGOTO PREDIAL, DN 40 MM, FORNECIDO E INSTALADO EM RAMAL DE DESCARGA OU RAMAL DE ESGOTO SANITÁRIO. AF_08/2022","Instalações Prediais de Esgoto - Tubos e Conexões",null,"M",1,26.95,26.95]
["Composição Auxiliar"," 88248 ","SINAPI","AUXILIAR DE ENCANADOR OU BOMBEIRO HIDRÁULICO COM ENCARGOS COMPLEMENTARES","Livro SINAPI: Cálculos e Parâmetros",null,"H",0.29299999999999998,32.28,9.4499999999999993]
["Composição Auxiliar"," 88267 ","SINAPI","ENCANADOR OU BOMBEIRO HIDRÁULICO COM ENCARGOS COMPLEMENTARES","Livro SINAPI: Cálculos e Parâmetros",null,"H",0.29299999999999998,38.69,11.33]
["Insumo"," 00038383 ","SINAPI","LIXA D'AGUA EM FOLHA, COR PRETA, GRAO 100","Material",null,"UN",1.6299999999999999E-2,1.73,0.02]
["Insumo"," 00009835 ","SINAPI","TUBO PVC SERIE NORMAL, DN 40 MM, PARA ESGOTO PREDIAL (NBR 5688)","Material",null,"M",1.0548999999999999,5.83,6.15]
[{"$nulls":4},"MO sem LS =>",9.75,"LS =>",8.2899999999999991,"MO com LS =>",18.04]
[{"$nulls":4},"Valor do BDI =>",7.41,null,"Valor com BDI =>",null,34.36]
[{"$nulls":6},"Quant. =>","15,00","Preço Total =>",515.4]
[]
[" 7.3.15 ","Código","Banco","Descrição","Tipo",null,"Und","Quant.","Valor Unit","Total"]
["Composição"," 89712 ","SINAPI","TUBO PVC, SERIE NORMAL, ESGOTO PREDIAL, DN 50 MM, FORNECIDO E INSTALADO EM RAMAL DE DESCARGA OU RAMAL DE ESGOTO SANITÁRIO. AF_08/2022","Instalações Prediais de Esgoto - Tubos e Conexões",null,"M",1,32.75,32.75]
["Composição Auxiliar"," 88267 ","SINAPI","ENCANADOR OU BOMBEIRO HIDRÁULICO COM ENCARGOS COMPLEMENTARES","Livro SINAPI: Cálculos e Parâmetros",null,"H",0.31819999999999998,38.69,12.31]
["Composição Auxiliar"," 88248 ","SINAPI","AUXILIAR DE ENCANADOR OU BOMBEIRO HIDRÁULICO COM ENCARGOS COMPLEMENTARES","Livro SINAPI: Cálculos e Parâmetros",null,"H",0.31819999999999998,32.28,10.27]
["Insumo"," 00009838 ","SINAPI","TUBO PVC SERIE NORMAL, DN 50 MM, PARA ESGOTO PREDIAL (NBR 5688)","Material",null,"M",1.0548999999999999,9.6199999999999992,10.14]
["Insumo"," 00038383 ","SINAPI","LIXA D'AGUA EM FOLHA, COR PRETA, GRAO 100","Material",null,"UN",1.77E-2,1.73,0.03]
[{"$nulls":4},"MO sem LS =>",10.6,"LS =>",9,"MO com LS =>",19.600000000000001]
[{"$nulls":4},"Valor do BDI =>",9.01,null,"Valor com BDI =>",null,41.76]
[{"$nulls":6},"Quant. =>","15,00","Preço Total =>",626.4]
[]
[" 7.3.16 ","Código","Banco","Descrição","Tipo",null,"Und","Quant.","Valor Unit","Total"]
["Composição"," 89713 ","SINAPI","TUBO PVC, SERIE NORMAL, ESGOTO PREDIAL, DN 75 MM, FORNECIDO E INSTALADO EM RAMAL DE DESCARGA OU RAMAL DE ESGOTO SANITÁRIO. AF_08/2022","Instalações Prediais de Esgoto - Tubos e Conexões",null,"M",1,40.4,40.4]
["Composição Auxiliar"," 88248 ","SINAPI","AUXILIAR DE ENCANADOR OU BOMBEIRO HIDRÁULICO COM ENCARGOS COMPLEMENTARES","Livro SINAPI: Cálculos e Parâmetros",null,"H",0.38129999999999997,32.28,12.3]
["Composição Auxiliar"," 88267 ","SINAPI","ENCANADOR OU BOMBEIRO HIDRÁULICO COM ENCARGOS COMPLEMENTARES","Livro SINAPI: Cálculos e Parâmetros",null,"H",0.38129999999999997,38.69,14.75]
["Insumo"," 00009837 ","SINAPI","TUBO PVC SERIE NORMAL, DN 75 MM, PARA ESGOTO PREDIAL (NBR 5688)","Material",null,"M",1.0548999999999999,12.63,13.32]
["Insumo"," 00038383 ","SINAPI","LIXA D'AGUA EM FOLHA, COR PRETA, GRAO 100","Material",null,"UN",2.12E-2,1.73,0.03]
[{"$nulls":4},"MO sem LS =>",12.7,"LS =>",10.79,"MO com LS =>",23.49]
[{"$nulls":4},"Valor do BDI =>",11.12,null,"Valor com BDI =>",null,51.52]
[{"$nulls":6},"Quant. =>","15,00","Preço Total =>",772.8]
[]
[" 7.4 ",null,null,"Válvulas, registros, louças e metais",{"$nulls":5},9641.8700000000008]
[" 7.4.1 ","Código","Banco","Descrição","Tipo",null,"Und","Quant.","Valor Unit","Total"]
["Composição"," 103050 ","SINAPI","SUBSTITUIÇÃO DE REGISTRO OU VÁLVULA, ROSCÁVEL, DN  20 MM. AF_08/2021","Válvulas e Registros para Sistemas Prediais",null,"UN",1,32.39,32.39]
["Composição Auxiliar"," 88267 ","SINAPI","ENCANADOR OU BOMBEIRO HIDRÁULICO COM ENCARGOS COMPLEMENTARES","Livro SINAPI: Cálculos e Parâmetros",null,"H",0.11020000000000001,38.69,4.26]
["Composição Auxiliar"," 89355 ","SINAPI","TUBO, PVC, SOLDÁVEL, DE 20MM, INSTALADO EM RAMAL OU SUB-RAMAL DE ÁGUA - FORNECIMENTO E INSTALAÇÃO. AF_06/2022","Instalações Prediais de Água Fria em PVC",null,"M",0.1,27.2,2.72]
["Composição Auxiliar"," 89371 ","SINAPI","LUVA, PVC, SOLDÁVEL, DN 20MM, INSTALADO EM RAMAL OU SUB-RAMAL DE ÁGUA - FORNECIMENTO E INSTALAÇÃO. AF_06/2022","Instalações Prediais de Água Fria em PVC",null,"UN",1,7.57,7.57]
["Composição Auxiliar"," 89376 ","SINAPI","ADAPTADOR CURTO COM BOLSA E ROSCA PARA REGISTRO, PVC, SOLDÁVEL, DN 20MM X 1/2, INSTALADO EM RAMAL OU SUB-RAMAL DE ÁGUA - FORNECIMENTO E INSTALAÇÃO. AF_06/2022","Instalações Prediais de Água Fria em PVC",null,"UN",2,7.11,14.22]
["Composição Auxiliar"," 88248 ","SINAPI","AUXILIAR DE ENCANADOR OU BOMBEIRO HIDRÁULICO COM ENCARGOS COMPLEMENTARES","Livro SINAPI: Cálculos e Parâmetros",null,"H",0.11020000000000001,32.28,3.55]
["Insumo"," 00003148 ","SINAPI","FITA VEDA ROSCA, EM PTFE, ROLO DE 18 MM X 50 M (L X C)","Material",null,"UN",1.06E-2,7.37,7.0000000000000007E-2]
[{"$nulls":4},"MO sem LS =>",13.02,"LS =>",11.06,"MO com LS =>",24.08]
[{"$nulls":4},"Valor do BDI =>",8.91,null,"Valor com BDI =>",null,41.3]
[{"$nulls":6},"Quant. =>","10,00","Preço Total =>",413]
[]
[" 7.4.2 ","Código","Banco","Descrição","Tipo",null,"Und","Quant.","Valor Unit","Total"]
["Composição"," 103051 ","SINAPI","SUBSTITUIÇÃO DE REGISTRO OU VÁLVULA, ROSCÁVEL, DN  25 MM. AF_08/2021","Válvulas e Registros para Sistemas Prediais",null,"UN",1,39.19,39.19]
["Composição Auxiliar"," 88248 ","SINAPI","AUXILIAR DE ENCANADOR OU BOMBEIRO HIDRÁULICO COM ENCARGOS COMPLEMENTARES","Livro SINAPI: Cálculos e Parâmetros",null,"H",0.14849999999999999,32.28,4.79]
["Composição Auxiliar"," 89378 ","SINAPI","LUVA, PVC, SOLDÁVEL, DN 25MM, INSTALADO EM RAMAL OU SUB-RAMAL DE ÁGUA - FORNECIMENTO E INSTALAÇÃO. AF_06/2022","Instalações Prediais de Água Fria em PVC",null,"UN",1,8.83,8.83]
["Composição Auxiliar"," 89383 ","SINAPI","ADAPTADOR CURTO COM BOLSA E ROSCA PARA REGISTRO, PVC, SOLDÁVEL, DN 25MM X 3/4, INSTALADO EM RAMAL OU SUB-RAMAL DE ÁGUA - FORNECIMENTO E INSTALAÇÃO. AF_06/2022","Instalações Prediais de Água Fria em PVC",null,"UN",2,8.3000000000000007,16.600000000000001]
["Composição Auxiliar"," 89356 ","SINAPI","TUBO, PVC, SOLDÁVEL, DE 25MM, INSTALADO EM RAMAL OU SUB-RAMAL DE ÁGUA - FORNECIMENTO E INSTALAÇÃO. AF_06/2022","Instalações Prediais de Água Fria em PVC",null,"M",0.1,31.42,3.14]
["Composição Auxiliar"," 88267 ","SINAPI","ENCANADOR OU BOMBEIRO HIDRÁULICO COM ENCARGOS COMPLEMENTARES","Livro SINAPI: Cálculos e Parâmetros",null,"H",0.14849999999999999,38.69,5.74]
["Insumo"," 00003148 ","SINAPI","FITA VEDA ROSCA, EM PTFE, ROLO DE 18 MM X 50 M (L X C)","Material",null,"UN",1.32E-2,7.37,0.09]
[{"$nulls":4},"MO sem LS =>",15.87,"LS =>",13.47,"MO com LS =>",29.34]
[{"$nulls":4},"Valor do BDI =>",10.78,null,"Valor com BDI =>",null,49.97]
[{"$nulls":6},"Quant. =>","10,00","Preço Total =>",499.7]
[]
[" 7.4.3 ","Código","Banco","Descrição","Tipo",null,"Und","Quant.","Valor Unit","Total"]
["Composição"," 89353 ","SINAPI","REGISTRO DE GAVETA BRUTO, LATÃO, ROSCÁVEL, 3/4\" - FORNECIMENTO E INSTALAÇÃO. AF_08/2021","Válvulas e Registros para Sistemas Prediais",null,"UN",1,44.56,44.56]
["Composição Auxiliar"," 88267 ","SINAPI","ENCANADOR OU BOMBEIRO HIDRÁULICO COM ENCARGOS COMPLEMENTARES","Livro SINAPI: Cálculos e Parâmetros",null,"H",0.11020000000000001,38.69,4.26]
["Composição Auxiliar"," 88248 ","SINAPI","AUXILIAR DE ENCANADOR OU BOMBEIRO HIDRÁULICO COM ENCARGOS COMPLEMENTARES","Livro SINAPI: Cálculos e Parâmetros",null,"H",0.11020000000000001,32.28,3.55]
["Insumo"," 00003148 ","SINAPI","FITA VEDA ROSCA, EM PTFE, ROLO DE 18 MM X 50 M (L X C)","Material",null,"UN",1.06E-2,7.37,7.0000000000000007E-2]
["Insumo"," 00006016 ","SINAPI","REGISTRO GAVETA BRUTO EM LATAO FORJADO, BITOLA 3/4\"","Material",null,"UN",1,36.68,36.68]
[{"$nulls":4},"MO sem LS =>",3.66,"LS =>",3.12,"MO com LS =>",6.78]
[{"$nulls":4},"Valor do BDI =>",12.26,null,"Valor com BDI =>",null,56.82]
[{"$nulls":6},"Quant. =>","5,00","Preço Total =>",284.10000000000002]
[]
[" 7.4.4 ","Código","Banco","Descrição","Tipo",null,"Und","Quant.","Valor Unit","Total"]
["Composição"," 94495 ","SINAPI","REGISTRO DE GAVETA BRUTO, LATÃO, ROSCÁVEL, 1\" - FORNECIMENTO E INSTALAÇÃO. AF_08/2021","Válvulas e Registros para Sistemas Prediais",null,"UN",1,68.53,68.53]
["Composição Auxiliar"," 88267 ","SINAPI","ENCANADOR OU BOMBEIRO HIDRÁULICO COM ENCARGOS COMPLEMENTARES","Livro SINAPI: Cálculos e Parâmetros",null,"H",0.14849999999999999,38.69,5.74]
["Composição Auxiliar"," 88248 ","SINAPI","AUXILIAR DE ENCANADOR OU BOMBEIRO HIDRÁULICO COM ENCARGOS COMPLEMENTARES","Livro SINAPI: Cálculos e Parâmetros",null,"H",0.14849999999999999,32.28,4.79]
["Insumo"," 00003148 ","SINAPI","FITA VEDA ROSCA, EM PTFE, ROLO DE 18 MM X 50 M (L X C)","Material",null,"UN",1.32E-2,7.37,0.09]
["Insumo"," 00006019 ","SINAPI","REGISTRO GAVETA BRUTO EM LATAO FORJADO, BITOLA 1\"","Material",null,"UN",1,57.91,57.91]
[{"$nulls":4},"MO sem LS =>",4.9400000000000004,"LS =>",4.21,"MO com LS =>",9.15]
[{"$nulls":4},"Valor do BDI =>",18.86,null,"Valor com BDI =>",null,87.39]
[{"$nulls":6},"Quant. =>","5,00","Preço Total =>",436.95]
[]
[" 7.4.5 ","Código","Banco","Descrição","Tipo",null,"Und","Quant.","Valor Unit","Total"]
["Composição"," 103042 ","SINAPI","REGISTRO DE ESFERA, PVC, ROSCÁVEL, COM BORBOLETA, 3/4\" - FORNECIMENTO E INSTALAÇÃO. AF_08/2021","Válvulas e Registros para Sistemas Prediais",null,"UN",1,21.63,21.63]
["Composição Auxiliar"," 88248 ","SINAPI","AUXILIAR DE ENCANADOR OU BOMBEIRO HIDRÁULICO COM ENCARGOS COMPLEMENTARES","Livro SINAPI: Cálculos e Parâmetros",null,"H",0.11020000000000001,32.28,3.55]
["Composição Auxiliar"," 88267 ","SINAPI","ENCANADOR OU BOMBEIRO HIDRÁULICO COM ENCARGOS COMPLEMENTARES","Livro SINAPI: Cálculos e Parâmetros",null,"H",0.11020000000000001,38.69,4.26]
["Insumo"," 00006031 ","SINAPI","REGISTRO DE ESFERA PVC, COM BORBOLETA, COM ROSCA EXTERNA, DE 3/4\"","Material",null,"UN",1,13.75,13.75]
["Insumo"," 00003148 ","SINAPI","FITA VEDA ROSCA, EM PTFE, ROLO DE 18 MM X 50 M (L X C)","Material",null,"UN",1.06E-2,7.37,7.0000000000000007E-2]
[{"$nulls":4},"MO sem LS =>",3.66,"LS =>",3.12,"MO com LS =>",6.78]
[{"$nulls":4},"Valor do BDI =>",5.95,null,"Valor com BDI =>",null,27.58]
[{"$nulls":6},"Quant. =>","5,00","Preço Total =>",137.9]
[]
[" 7.4.6 ","Código","Banco","Descrição","Tipo",null,"Und","Quant.","Valor Unit","Total"]
["Composição"," 103037 ","SINAPI","REGISTRO DE ESFERA, PVC, ROSCÁVEL, COM VOLANTE, 1\" - FORNECIMENTO E INSTALAÇÃO. AF_08/2021","Válvulas e Registros para Sistemas Prediais",null,"UN",1,39.03,39.03]
["Composição Auxiliar"," 88248 ","SINAPI","AUXILIAR DE ENCANADOR OU BOMBEIRO HIDRÁULICO COM ENCARGOS COMPLEMENTARES","Livro SINAPI: Cálculos e Parâmetros",null,"H",0.14849999999999999,32.28,4.79]
["Composição Auxiliar"," 88267 ","SINAPI","ENCANADOR OU BOMBEIRO HIDRÁULICO COM ENCARGOS COMPLEMENTARES","Livro SINAPI: Cálculos e Parâmetros",null,"H",0.14849999999999999,38.69,5.74]
["Insumo"," 00003148 ","SINAPI","FITA VEDA ROSCA, EM PTFE, ROLO DE 18 MM X 50 M (L X C)","Material",null,"UN",1.32E-2,7.37,0.09]
["Insumo"," 00020055 ","SINAPI","REGISTRO DE ESFERA, PVC, COM VOLANTE, VS, ROSCAVEL, DN 1\", COM CORPO DIVIDIDO","Material",null,"UN",1,28.41,28.41]
[{"$nulls":4},"MO sem LS =>",4.9400000000000004,"LS =>",4.21,"MO com LS =>",9.15]
[{"$nulls":4},"Valor do BDI =>",10.74,null,"Valor com BDI =>",null,49.77]
[{"$nulls":6},"Quant. =>","5,00","Preço Total =>",248.85]
[]
[" 7.4.7 ","Código","Banco","Descrição","Tipo",null,"Und","Quant.","Valor Unit","Total"]
["Composição"," 86939 ","SINAPI","LAVATÓRIO LOUÇA BRANCA COM COLUNA, *44 X 35,5* CM, PADRÃO POPULAR, INCLUSO SIFÃO FLEXÍVEL EM PVC, VÁLVULA E ENGATE FLEXÍVEL 30CM EM PLÁSTICO E COM TORNEIRA CROMADA PADRÃO POPULAR - FORNECIMENTO E INSTALAÇÃO. AF_01/2020","Louças e Metais",null,"UN",1,464.35,464.35]
["Composição Auxiliar"," 86902 ","SINAPI","LAVATÓRIO LOUÇA BRANCA COM COLUNA, *44 X 35,5* CM, PADRÃO POPULAR - FORNECIMENTO E INSTALAÇÃO. AF_01/2020","Louças e Metais",null,"UN",1,343.95,343.95]
["Composição Auxiliar"," 86883 ","SINAPI","SIFÃO DO TIPO FLEXÍVEL EM PVC 1 X 1.1/2 - FORNECIMENTO E INSTALAÇÃO. AF_01/2020","Louças e Metais",null,"UN",1,12.85,12.85]
["Composição Auxiliar"," 86884 ","SINAPI","ENGATE FLEXÍVEL EM PLÁSTICO BRANCO, 1/2\" X 30CM - FORNECIMENTO E INSTALAÇÃO. AF_01/2020","Louças e Metais",null,"UN",1,12.71,12.71]
["Composição Auxiliar"," 86879 ","SINAPI","VÁLVULA EM PLÁSTICO 1\" PARA PIA, TANQUE OU LAVATÓRIO, COM OU SEM LADRÃO - FORNECIMENTO E INSTALAÇÃO. AF_01/2020","Louças e Metais",null,"UN",1,11.14,11.14]
["Composição Auxiliar"," 86906 ","SINAPI","TORNEIRA CROMADA DE MESA, 1/2\" OU 3/4\", PARA LAVATÓRIO, PADRÃO POPULAR - FORNECIMENTO E INSTALAÇÃO. AF_01/2020","Louças e Metais",null,"UN",1,83.7,83.7]
[{"$nulls":4},"MO sem LS =>",32.880000000000003,"LS =>",27.9,"MO com LS =>",60.78]
[{"$nulls":4},"Valor do BDI =>",127.83,null,"Valor com BDI =>",null,592.17999999999995]
[{"$nulls":6},"Quant. =>","3,00","Preço Total =>",1776.54]
[]
[" 7.4.8 ","Código","Banco","Descrição","Tipo",null,"Und","Quant.","Valor Unit","Total"]
["Composição"," 86888 ","SINAPI","VASO SANITÁRIO SIFONADO COM CAIXA ACOPLADA LOUÇA BRANCA - FORNECIMENTO E INSTALAÇÃO. AF_01/2020","Louças e Metais",null,"UN",1,527.34,527.34]
["Composição Auxiliar"," 88267 ","SINAPI","ENCANADOR OU BOMBEIRO HIDRÁULICO COM ENCARGOS COMPLEMENTARES","Livro SINAPI: Cálculos e Parâmetros",null,"H",0.77910000000000001,38.69,30.14]
["Composição Auxiliar"," 88316 ","SINAPI","SERVENTE COM ENCARGOS COMPLEMENTARES","Livro SINAPI: Cálculos e Parâmetros",null,"H",0.43840000000000001,31.43,13.77]
["Insumo"," 00004384 ","SINAPI","PARAFUSO NIQUELADO COM ACABAMENTO CROMADO PARA FIXAR PECA SANITARIA, INCLUI PORCA CEGA, ARRUELA E BUCHA DE NYLON TAMANHO S-10","Material",null,"UN",2,24.93,49.86]
["Insumo"," 00037329 ","SINAPI","REJUNTE EPOXI, QUALQUER COR","Material",null,"KG",8.8099999999999998E-2,106.35,9.36]
["Insumo"," 00006138 ","SINAPI","ANEL DE VEDACAO, PVC FLEXIVEL, 100 MM, PARA SAIDA DE BACIA / VASO SANITARIO","Material",null,"UN",1,9.25,9.25]
["Insumo"," 00010422 ","SINAPI","BACIA SANITARIA (VASO) COM CAIXA ACOPLADA, SIFAO APARENTE, DE LOUCA BRANCA (SEM ASSENTO)","Material",null,"UN",1,414.96,414.96]
[{"$nulls":4},"MO sem LS =>",20.54,"LS =>",17.440000000000001,"MO com LS =>",37.979999999999997]
[{"$nulls":4},"Valor do BDI =>",145.16999999999999,null,"Valor com BDI =>",null,672.51]
[{"$nulls":6},"Quant. =>","3,00","Preço Total =>",2017.53]
[]
[" 7.4.9 ","Código","Banco","Descrição","Tipo",null,"Und","Quant.","Valor Unit","Total"]
["Composição"," 95544 ","SINAPI","PAPELEIRA DE PAREDE EM METAL CROMADO SEM TAMPA, INCLUSO FIXAÇÃO. AF_01/2020","Louças e Metais",null,"UN",1,41,41]
["Composição Auxiliar"," 88267 ","SINAPI","ENCANADOR OU BOMBEIRO HIDRÁULICO COM ENCARGOS COMPLEMENTARES","Livro SINAPI: Cálculos e Parâmetros",null,"H",0.31619999999999998,38.69,12.23]
["Composição Auxiliar"," 88316 ","SINAPI","SERVENTE COM ENCARGOS COMPLEMENTARES","Livro SINAPI: Cálculos e Parâmetros",null,"H",9.9599999999999994E-2,31.43,3.13]
["Insumo"," 00011703 ","SINAPI","PAPELEIRA DE PAREDE EM METAL CROMADO SEM TAMPA","Material",null,"UN",1,25.64,25.64]
[{"$nulls":4},"MO sem LS =>",7.22,"LS =>",6.13,"MO com LS =>",13.35]
[{"$nulls":4},"Valor do BDI =>",11.28,null,"Valor com BDI =>",null,52.28]
[{"$nulls":6},"Quant. =>","5,00","Preço Total =>",261.39999999999998]
[]
[" 7.4.10 ","Código","Banco","Descrição","Tipo",null,"Und","Quant.","Valor Unit","Total"]
["Composição"," 95547 ","SINAPI","SABONETEIRA PLASTICA TIPO DISPENSER PARA SABONETE LIQUIDO COM RESERVATORIO 800 A 1500 ML, INCLUSO FIXAÇÃO. AF_01/2020","Louças e Metais",null,"UN",1,100.36,100.36]
["Composição Auxiliar"," 88316 ","SINAPI","SERVENTE COM ENCARGOS COMPLEMENTARES","Livro SINAPI: Cálculos e Parâmetros",null,"H",9.9599999999999994E-2,31.43,3.13]
["Composição Auxiliar"," 88267 ","SINAPI","ENCANADOR OU BOMBEIRO HIDRÁULICO COM ENCARGOS COMPLEMENTARES","Livro SINAPI: Cálculos e Parâmetros",null,"H",0.31619999999999998,38.69,12.23]
["Insumo"," 00011758 ","SINAPI","SABONETEIRA PLASTICA TIPO DISPENSER PARA SABONETE LIQUIDO COM RESERVATORIO 800 A 1500 ML","Material",null,"UN",1,85,85]
[{"$nulls":4},"MO sem LS =>",7.22,"LS =>",6.13,"MO com LS =>",13.35]
[{"$nulls":4},"Valor do BDI =>",27.62,null,"Valor com BDI =>",null,127.98]
[{"$nulls":6},"Quant. =>","5,00","Preço Total =>",639.9]
[]
[" 7.4.11 ","Código","Banco","Descrição","Tipo",null,"Und","Quant.","Valor Unit","Total"]
["Composição"," 86906 ","SINAPI","TORNEIRA CROMADA DE MESA, 1/2\" OU 3/4\", PARA LAVATÓRIO, PADRÃO POPULAR - FORNECIMENTO E INSTALAÇÃO. AF_01/2020","Louças e Metais",null,"UN",1,83.7,83.7]
["Composição Auxiliar"," 88267 ","SINAPI","ENCANADOR OU BOMBEIRO HIDRÁULICO COM ENCARGOS COMPLEMENTARES","Livro SINAPI: Cálculos e Parâmetros",null,"H",9.6000000000000002E-2,38.69,3.71]
["Composição Auxiliar"," 88316 ","SINAPI","SERVENTE COM ENCARGOS COMPLEMENTARES","Livro SINAPI: Cálculos e Parâmetros",null,"H",3.0300000000000001E-2,31.43,0.95]
["Insumo"," 00003146 ","SINAPI","FITA VEDA ROSCA, EM PTFE, ROLO DE 18 MM X 10 M (L X C)","Material",null,"UN",2.1000000000000001E-2,2,0.04]
["Insumo"," 00013415 ","SINAPI","TORNEIRA DE MESA/BANCADA, PARA LAVATORIO, FIXA, METALICA CROMADA, PADRAO POPULAR, 1/2\" OU 3/4\"","Material",null,"UN",1,79,79]
[{"$nulls":4},"MO sem LS =>",2.19,"LS =>",1.86,"MO com LS =>",4.05]
[{"$nulls":4},"Valor do BDI =>",23.04,null,"Valor com BDI =>",null,106.74]
[{"$nulls":6},"Quant. =>","10,00","Preço Total =>",1067.4000000000001]
[]
[" 7.4.12 ","Código","Banco","Descrição","Tipo",null,"Und","Quant.","Valor Unit","Total"]
["Composição"," 86883 ","SINAPI","SIFÃO DO TIPO FLEXÍVEL EM PVC 1  X 1.1/2  - FORNECIMENTO E INSTALAÇÃO. AF_01/2020","Louças e Metais",null,"UN",1,12.85,12.85]
["Composição Auxiliar"," 88316 ","SINAPI","SERVENTE COM ENCARGOS COMPLEMENTARES","Livro SINAPI: Cálculos e Parâmetros",null,"H",2.6599999999999999E-2,31.43,0.83]
["Composição Auxiliar"," 88267 ","SINAPI","ENCANADOR OU BOMBEIRO HIDRÁULICO COM ENCARGOS COMPLEMENTARES","Livro SINAPI: Cálculos e Parâmetros",null,"H",8.4500000000000006E-2,38.69,3.26]
["Insumo"," 00044945 ","SINAPI","SIFAO / TUBO SINFONADO EXTENSIVEL/SANFONADO, UNIVERSAL/ SIMPLES, ENTRE *50 A 70* CM, DE PLASTICO BRANCO","Material",null,"UN",1,8.6999999999999993,8.6999999999999993]
["Insumo"," 00003146 ","SINAPI","FITA VEDA ROSCA, EM PTFE, ROLO DE 18 MM X 10 M (L X C)","Material",null,"UN",3.32E-2,2,0.06]
[{"$nulls":4},"MO sem LS =>",1.92,"LS =>",1.64,"MO com LS =>",3.56]
[{"$nulls":4},"Valor do BDI =>",3.53,null,"Valor com BDI =>",null,16.38]
[{"$nulls":6},"Quant. =>","5,00","Preço Total =>",81.900000000000006]
[]
[" 7.4.13 ","Código","Banco","Descrição","Tipo",null,"Und","Quant.","Valor Unit","Total"]
["Composição"," 3712 ","ORSE","Valvula de escoamento para mictório, DECA, Decamatic 2570C ou similar","Louças e Metais Sanitários",null,"un",1,278.64,278.64]
["Item","Código","Banco","Descrição","Tipo",null,"Und","Quant.","Valor Unit","Total"]
["Composição"," 10554 ","ORSE","Encargos Complementares - Encanador","Provisórios",null,"h",0.3,"3,81","1,14"]
["Insumo"," 00002696/SINAPI ","ORSE","Encanador ou bombeiro hidraulico (horista)","Mão de Obra",null,"h",0.3,"35,15","10,54"]
["Insumo"," 2920 ","ORSE","Válvula para mictório fechamento automático Decamatic Eco , 2572 C ou similar","Material",null,"un",1,"257,77","257,77"]
["Composição"," 10549 ","ORSE","Encargos Complementares - Servente","Provisórios",null,"h",0.3,"3,88","1,16"]
["Insumo"," 00006111/SINAPI ","ORSE","Servente de obras (horista)","Mão de Obra",null,"h",0.3,"26,95","8,08"]
["Detalhamento de Cálculo ORSE"]
["Item","Código","Banco","Descrição","Tipo",null,"Und","Quant.","Valor Unit","Total"]
["Insumo"," 10517 ","ORSE","Exames admissionais/demissionais (checkup)","Serviços",null,"cj",2.4000000000000001E-4,"300,00","0,07"]
["Insumo"," 10593 ","ORSE","Praio simples 30cm","Material",null,"un",3.0000000000000001E-5,"19,57","0,00"]
["Insumo"," 1651 ","ORSE","Óculos branco proteção","Material",null,"pr",4.8000000000000001E-4,"7,00","0,00"]
["Insumo"," 00012895/SINAPI ","ORSE","Capacete de seguranca aba frontal com suspensao de polietileno, sem jugular (classe b)","Material",null,"un",3.6000000000000002E-4,"14,00","0,00"]
["Insumo"," 10599 ","ORSE","Protetor solar fps 30 com 120ml","Material",null,"un",1.08E-3,"18,00","0,01"]
["Insumo"," 10596 ","ORSE","Protetor auricular","Material",null,"un",2.7000000000000001E-3,"4,90","0,01"]
["Insumo"," 11256 ","ORSE","Tarracha para tubos PVC de 1 1/2\"","Material",null,"un",1.2E-4,"60,00","0,00"]
["Insumo"," 10761 ","ORSE","Refeição - café da manhã ( café com leite e dois pães com manteiga)","Serviços",null,"un",6.1080000000000002E-2,"5,00","0,30"]
["Insumo"," 11254 ","ORSE","Tarracha para tubos PVC de 3/4\"","Material",null,"un",2.1000000000000001E-4,"27,49","0,00"]
["Insumo"," 10362 ","ORSE","Seguro de vida e acidente em grupo","Serviços",null,"un",2.7000000000000001E-3,"12,54","0,03"]
["Insumo"," 00012893/SINAPI ","ORSE","Bota de seguranca com biqueira de aco e colarinho acolchoado","Material",null,"par",4.8000000000000001E-4,"76,67","0,03"]
["Insumo"," 158 ","ORSE","Almoço (Participação do empregador)","Material",null,"un",6.1080000000000002E-2,"14,00","0,85"]
["Insumo"," 10592 ","ORSE","Lima chata 12\"","Material",null,"un",3.0000000000000001E-5,"37,80","0,00"]
["Insumo"," 10492 ","ORSE","Cesta Básica","Material",null,"un",2.7000000000000001E-3,"205,00","0,55"]
["Insumo"," 00012892/SINAPI ","ORSE","Luva raspa de couro, cano curto (punho *7* cm)","Material",null,"par",1.3799999999999999E-3,"11,28","0,01"]
["Insumo"," 11257 ","ORSE","Tarracha para tubos PVC de 1 1/4\"","Material",null,"un",1.2E-4,"32,30","0,00"]
["Insumo"," 941 ","ORSE","Fardamento com mangas curta","Material",null,"un",8.9999999999999998E-4,"196,71","0,17"]
["Insumo"," 2378 ","ORSE","Vale transporte","Material",null,"un",4.7849999999999997E-2,"4,50","0,21"]
["Insumo"," 11253 ","ORSE","Tarracha para tubos PVC de 1/2\"","Material",null,"un",3.3E-4,"29,00","0,00"]
["Insumo"," 11255 ","ORSE","Tarracha para tubos PVC de 1\"","Material",null,"un",1.8000000000000001E-4,"49,00","0,00"]
["Insumo"," 00012894/SINAPI ","ORSE","Capa para chuva em pvc com forro de poliester, com capuz (amarela ou azul)","Material",null,"un",1.2E-4,"20,85","0,00"]
["Insumo"," 00002696/SINAPI ","ORSE","Encanador ou bombeiro hidraulico (horista)","Mão de Obra",null,"h",0.3,"35,15","10,54"]
["Insumo"," 2920 ","ORSE","Válvula para mictório fechamento automático Decamatic Eco , 2572 C ou similar","Material",null,"un",1,"257,77","257,77"]
["Insumo"," 4728 ","ORSE","Talhadeira chata 10\"","Material",null,"un",9.0000000000000006E-5,"18,58","0,00"]
["Insumo"," 00002711/SINAPI ","ORSE","Carrinho de mao, em aco, com capacidade de *45 a 65* l / *100* kg, pneu com camara","Material",null,"un",6.0000000000000002E-5,"175,45","0,01"]
["Insumo"," 4729 ","ORSE","Marreta 1 kg com cabo","Material",null,"un",3.0000000000000001E-5,"37,80","0,00"]
["Insumo"," 10788 ","ORSE","Pá quadrada","Material",null,"un",6.0000000000000002E-5,"36,90","0,00"]
["Insumo"," 00006111/SINAPI ","ORSE","Servente de obras (horista)","Mão de Obra",null,"h",0.3,"26,95","8,08"]
[{"$nulls":4},"MO sem LS =>",10.07,"LS =>",8.5500000000000007,"MO com LS =>",18.62]
[{"$nulls":4},"Valor do BDI =>",76.7,null,"Valor com BDI =>",null,355.34]
[{"$nulls":6},"Quant. =>","5,00","Preço Total =>",1776.7]
[]
[" 8 ",null,null,"IMPERMEABILIZAÇÃO",{"$nulls":5},6211]
[" 8.1 ","Código","Banco","Descrição","Tipo",null,"Und","Quant.","Valor Unit","Total"]
["Composição"," 98555 ","SINAPI","IMPERMEABILIZAÇÃO DE SUPERFÍCIE COM ARGAMASSA POLIMÉRICA / MEMBRANA ACRÍLICA, 3 DEMÃOS. AF_09/2023","Impermeabilização, Proteção Mecânica e Tratamento de Junta",null,"m²",1,42.88,42.88]
["Composição Auxiliar"," 88243 ","SINAPI","AJUDANTE ESPECIALIZADO COM ENCARGOS COMPLEMENTARES","Livro SINAPI: Cálculos e Parâmetros",null,"H",0.13619999999999999,33,4.49]
["Composição Auxiliar"," 88270 ","SINAPI","IMPERMEABILIZADOR COM ENCARGOS COMPLEMENTARES","Livro SINAPI: Cálculos e Parâmetros",null,"H",0.60389999999999999,39.97,24.13]
["Insumo"," 00000135 ","SINAPI","ARGAMASSA POLIMERICA IMPERMEABILIZANTE SEMIFLEXIVEL, BICOMPONENTE, A BASE DE CIMENTO E ADITIVOS","Material",null,"KG",3.4615,4.12,14.26]
[{"$nulls":4},"MO sem LS =>",13.36,"LS =>",11.34,"MO com LS =>",24.7]
[{"$nulls":4},"Valor do BDI =>",11.8,null,"Valor com BDI =>",null,54.68]
[{"$nulls":6},"Quant. =>","20,00","Preço Total =>",1093.5999999999999]
[]
[" 8.2 ","Código","Banco","Descrição","Tipo",null,"Und","Quant.","Valor Unit","Total"]
["Composição"," 98557 ","SINAPI","IMPERMEABILIZAÇÃO DE SUPERFÍCIE COM EMULSÃO ASFÁLTICA, 2 DEMÃOS. AF_09/2023","Impermeabilização, Proteção Mecânica e Tratamento de Junta",null,"m²",1,59.23,59.23]
["Composição Auxiliar"," 88270 ","SINAPI","IMPERMEABILIZADOR COM ENCARGOS COMPLEMENTARES","Livro SINAPI: Cálculos e Parâmetros",null,"H",0.4299,39.97,17.18]
["Composição Auxiliar"," 88243 ","SINAPI","AJUDANTE ESPECIALIZADO COM ENCARGOS COMPLEMENTARES","Livro SINAPI: Cálculos e Parâmetros",null,"H",9.69E-2,33,3.19]
["Insumo"," 00000626 ","SINAPI","MANTA LIQUIDA DE BASE ASFALTICA MODIFICADA COM A ADICAO DE ELASTOMEROS DILUIDOS EM SOLVENTE ORGANICO, APLICACAO A FRIO (MEMBRANA DE EMULSAO ASFALTICA PARA IMPERMEABILIZACAO FLEXIVEL)","Material",null,"KG",1.5,25.91,38.86]
[{"$nulls":4},"MO sem LS =>",9.51,"LS =>",8.07,"MO com LS =>",17.579999999999998]
[{"$nulls":4},"Valor do BDI =>",16.3,null,"Valor com BDI =>",null,75.53]
[{"$nulls":6},"Quant. =>","20,00","Preço Total =>",1510.6]
[]
[" 8.3 ","Código","Banco","Descrição","Tipo",null,"Und","Quant.","Valor Unit","Total"]
["Composição"," 98546 ","SINAPI","IMPERMEABILIZAÇÃO DE SUPERFÍCIE COM MANTA ASFÁLTICA, UMA CAMADA, INCLUSIVE APLICAÇÃO DE PRIMER ASFÁLTICO, E=4MM. AF_09/2023","Impermeabilização, Proteção Mecânica e Tratamento de Junta",null,"m²",1,141.41,141.41]
["Composição Auxiliar"," 88270 ","SINAPI","IMPERMEABILIZADOR COM ENCARGOS COMPLEMENTARES","Livro SINAPI: Cálculos e Parâmetros",null,"H",0.93240000000000001,39.97,37.26]
["Composição Auxiliar"," 88243 ","SINAPI","AJUDANTE ESPECIALIZADO COM ENCARGOS COMPLEMENTARES","Livro SINAPI: Cálculos e Parâmetros",null,"H",0.2102,33,6.93]
["Insumo"," 00004015 ","SINAPI","MANTA ASFALTICA ELASTOMERICA EM POLIESTER 4 MM, TIPO III, CLASSE B, ACABAMENTO PP (NBR 9952)","Material",null,"m²",1.1318999999999999,73.2,82.85]
["Insumo"," 00000511 ","SINAPI","PRIMER PARA MANTA ASFALTICA A BASE DE ASFALTO MODIFICADO DILUIDO EM SOLVENTE, APLICACAO A FRIO","Material",null,"L",0.58720000000000006,21,12.33]
["Insumo"," 00004226 ","SINAPI","GAS DE COZINHA - GLP","Material",null,"KG",0.26,7.87,2.04]
[{"$nulls":4},"MO sem LS =>",20.62,"LS =>",17.510000000000002,"MO com LS =>",38.130000000000003]
[{"$nulls":4},"Valor do BDI =>",38.93,null,"Valor com BDI =>",null,180.34]
[{"$nulls":6},"Quant. =>","20,00","Preço Total =>",3606.8]
[]
[" 9 ",null,null,"DIVERSOS",{"$nulls":5},23918.2]
[" 9.1 ","Código","Banco","Descrição","Tipo",null,"Und","Quant.","Valor Unit","Total"]
["Composição"," 97064 ","SINAPI","MONTAGEM E DESMONTAGEM DE ANDAIME TUBULAR TIPO \"TORRE\" (EXCLUSIVE ANDAIME E LIMPEZA). AF_03/2024","Equipamentos de Proteção Coletiva",null,"M",1,32.94,32.94]
["Composição Auxiliar"," 88278 ","SINAPI","MONTADOR DE ESTRUTURAS METÁLICAS COM ENCARGOS COMPLEMENTARES","Livro SINAPI: Cálculos e Parâmetros",null,"H",0.69769999999999999,30.17,21.04]
["Composição Auxiliar"," 100251 ","SINAPI","TRANSPORTE HORIZONTAL MANUAL, DE TUBO DE AÇO CARBONO LEVE OU MÉDIO, PRETO OU GALVANIZADO, COM DIÂMETRO MAIOR QUE 32 MM E MENOR OU IGUAL A 65 MM (UNIDADE: MXKM). AF_07/2019","Transporte de Materiais dentro do Canteiro de Obras",null,"MXKM",0.40200000000000002,19.22,7.72]
["Composição Auxiliar"," 88316 ","SINAPI","SERVENTE COM ENCARGOS COMPLEMENTARES","Livro SINAPI: Cálculos e Parâmetros",null,"H",0.1331,31.43,4.18]
[{"$nulls":4},"MO sem LS =>",15.19,"LS =>",12.89,"MO com LS =>",28.08]
[{"$nulls":4},"Valor do BDI =>",9.06,null,"Valor com BDI =>",null,42]
[{"$nulls":6},"Quant. =>","240,00","Preço Total =>",10080]
[]
[" 9.2 ","Código","Banco","Descrição","Tipo",null,"Und","Quant.","Valor Unit","Total"]
["Composição"," 98746 ","SINAPI","SOLDA DE TOPO EM CHAPA/PERFIL/TUBO DE AÇO CHANFRADO, ESPESSURA=1/4''. AF_06/2018","Solda de Topo em Elementos de Aço",null,"M",1,79.97,79.97]
["Composição Auxiliar"," 88317 ","SINAPI","SOLDADOR COM ENCARGOS COMPLEMENTARES","Livro SINAPI: Cálculos e Parâmetros",null,"H",1.56,39.979999999999997,62.36]
["Insumo"," 00010998 ","SINAPI","ELETRODO REVESTIDO AWS - E-6010, DIAMETRO IGUAL A 4,00 MM","Material",null,"KG",0.59,29.85,17.61]
[{"$nulls":4},"MO sem LS =>",28.45,"LS =>",24.15,"MO com LS =>",52.6]
[{"$nulls":4},"Valor do BDI =>",22.01,null,"Valor com BDI =>",null,101.98]
[{"$nulls":6},"Quant. =>","10,00","Preço Total =>",1019.8]
[]
[" 9.3 ","Código","Banco","Descrição","Tipo",null,"Und","Quant.","Valor Unit","Total"]
["Composição"," 98751 ","SINAPI","SOLDA DE TOPO EM CHAPA/PERFIL/TUBO DE AÇO CHANFRADO, ESPESSURA=1/2''. AF_06/2018","Solda de Topo em Elementos de Aço",null,"M",1,139.31,139.31]
["Composição Auxiliar"," 88317 ","SINAPI","SOLDADOR COM ENCARGOS COMPLEMENTARES","Livro SINAPI: Cálculos e Parâmetros",null,"H",1.79,39.979999999999997,71.56]
["Insumo"," 00010998 ","SINAPI","ELETRODO REVESTIDO AWS - E-6010, DIAMETRO IGUAL A 4,00 MM","Material",null,"KG",2.27,29.85,67.75]
[{"$nulls":4},"MO sem LS =>",32.64,"LS =>",27.71,"MO com LS =>",60.35]
[{"$nulls":4},"Valor do BDI =>",38.35,null,"Valor com BDI =>",null,177.66]
[{"$nulls":6},"Quant. =>","10,00","Preço Total =>",1776.6]
[]
[" 9.4 ","Código","Banco","Descrição","Tipo",null,"Und","Quant.","Valor Unit","Total"]
["Composição"," 4368 ","ORSE","Restauro - Lubrificação de ferragem - Rev 03_02/2022","Restauro",null,"un",1,3.3,3.3]
["Item","Código","Banco","Descrição","Tipo",null,"Und","Quant.","Valor Unit","Total"]
["Insumo"," 00006111/SINAPI ","ORSE","Servente de obras (horista)","Mão de Obra",null,"h",0.1,"26,95","2,69"]
["Insumo"," 3532 ","ORSE","Óleo lubrificante","Material",null,"l",0.01,"26,20","0,26"]
["Composição"," 10549 ","ORSE","Encargos Complementares - Servente","Provisórios",null,"h",0.1,"3,88","0,38"]
["Detalhamento de Cálculo ORSE"]
["Item","Código","Banco","Descrição","Tipo",null,"Und","Quant.","Valor Unit","Total"]
["Insumo"," 00006111/SINAPI ","ORSE","Servente de obras (horista)","Mão de Obra",null,"h",0.1,"26,95","2,69"]
["Insumo"," 3532 ","ORSE","Óleo lubrificante","Material",null,"l",0.01,"26,20","0,26"]
["Insumo"," 158 ","ORSE","Almoço (Participação do empregador)","Material",null,"un",1.018E-2,"14,00","0,14"]
["Insumo"," 941 ","ORSE","Fardamento com mangas curta","Material",null,"un",1.4999999999999999E-4,"196,71","0,02"]
["Insumo"," 10492 ","ORSE","Cesta Básica","Material",null,"un",4.4999999999999999E-4,"205,00","0,09"]
["Insumo"," 4728 ","ORSE","Talhadeira chata 10\"","Material",null,"un",3.0000000000000001E-5,"18,58","0,00"]
["Insumo"," 00012895/SINAPI ","ORSE","Capacete de seguranca aba frontal com suspensao de polietileno, sem jugular (classe b)","Material",null,"un",6.0000000000000002E-5,"14,00","0,00"]
["Insumo"," 00002711/SINAPI ","ORSE","Carrinho de mao, em aco, com capacidade de *45 a 65* l / *100* kg, pneu com camara","Material",null,"un",2.0000000000000002E-5,"175,45","0,00"]
["Insumo"," 10362 ","ORSE","Seguro de vida e acidente em grupo","Serviços",null,"un",4.4999999999999999E-4,"12,54","0,00"]
["Insumo"," 10517 ","ORSE","Exames admissionais/demissionais (checkup)","Serviços",null,"cj",4.0000000000000003E-5,"300,00","0,01"]
["Insumo"," 10596 ","ORSE","Protetor auricular","Material",null,"un",4.4999999999999999E-4,"4,90","0,00"]
["Insumo"," 4729 ","ORSE","Marreta 1 kg com cabo","Material",null,"un",1.0000000000000001E-5,"37,80","0,00"]
["Insumo"," 1651 ","ORSE","Óculos branco proteção","Material",null,"pr",8.0000000000000007E-5,"7,00","0,00"]
["Insumo"," 10599 ","ORSE","Protetor solar fps 30 com 120ml","Material",null,"un",1.8000000000000001E-4,"18,00","0,00"]
["Insumo"," 00012892/SINAPI ","ORSE","Luva raspa de couro, cano curto (punho *7* cm)","Material",null,"par",2.3000000000000001E-4,"11,28","0,00"]
["Insumo"," 00012893/SINAPI ","ORSE","Bota de seguranca com biqueira de aco e colarinho acolchoado","Material",null,"par",8.0000000000000007E-5,"76,67","0,00"]
["Insumo"," 10761 ","ORSE","Refeição - café da manhã ( café com leite e dois pães com manteiga)","Serviços",null,"un",1.018E-2,"5,00","0,05"]
["Insumo"," 00012894/SINAPI ","ORSE","Capa para chuva em pvc com forro de poliester, com capuz (amarela ou azul)","Material",null,"un",2.0000000000000002E-5,"20,85","0,00"]
["Insumo"," 2378 ","ORSE","Vale transporte","Material",null,"un",9.41E-3,"4,50","0,04"]
["Insumo"," 10788 ","ORSE","Pá quadrada","Material",null,"un",2.0000000000000002E-5,"36,90","0,00"]
[{"$nulls":4},"MO sem LS =>",1.45,"LS =>",1.24,"MO com LS =>",2.69]
[{"$nulls":4},"Valor do BDI =>",0.9,null,"Valor com BDI =>",null,4.2]
[{"$nulls":6},"Quant. =>","30,00","Preço Total =>",126]
[]
[" 9.5 ","Código","Banco","Descrição","Tipo",null,"Und","Quant.","Valor Unit","Total"]
["Composição"," 90777 ","SINAPI","ENGENHEIRO CIVIL DE OBRA JUNIOR COM ENCARGOS COMPLEMENTARES","Livro SINAPI: Cálculos e Parâmetros",null,"H",1,226.38,226.38]
["Composição Auxiliar"," 95402 ","SINAPI","CURSO DE CAPACITAÇÃO PARA ENGENHEIRO CIVIL DE OBRA JÚNIOR (ENCARGOS COMPLEMENTARES) - HORISTA","Livro SINAPI: Cálculos e Parâmetros",null,"H",1,3.25,3.25]
["Insumo"," 00043486 ","SINAPI","EPI - FAMILIA ENGENHEIRO CIVIL - HORISTA (ENCARGOS COMPLEMENTARES - COLETADO CAIXA)","Material",null,"H",1,0.77,0.77]
["Insumo"," 00043462 ","SINAPI","FERRAMENTAS - FAMILIA ENGENHEIRO CIVIL - HORISTA (ENCARGOS COMPLEMENTARES - COLETADO CAIXA)","Material",null,"H",1,0.01,0.01]
["Insumo"," 00037372 ","SINAPI","EXAMES - HORISTA (COLETADO CAIXA - ENCARGOS COMPLEMENTARES)","Material",null,"H",1,1.43,1.43]
["Insumo"," 00037373 ","SINAPI","SEGURO - HORISTA (COLETADO CAIXA - ENCARGOS COMPLEMENTARES)","Material",null,"H",1,0.08,0.08]
["Insumo"," 00002706 ","SINAPI","ENGENHEIRO CIVIL DE OBRA JUNIOR (HORISTA)","Mão de Obra",null,"H",1,220.84,220.84]
[{"$nulls":4},"MO sem LS =>",121.22,"LS =>",102.87,"MO com LS =>",224.09]
[{"$nulls":4},"Valor do BDI =>",62.32,null,"Valor com BDI =>",null,288.7]
[{"$nulls":6},"Quant. =>","18,00","Preço Total =>",5196.6000000000004]
[]
[null,"Código","Banco","Descrição","Tipo",null,"Und","Quant.","Valor Unit","Total"]
["Insumo"," 00010527 ","SINAPI","LOCACAO DE ANDAIME METALICO TUBULAR DE ENCAIXE, TIPO DE TORRE, CADA PAINEL COM LARGURA DE 1 ATE 1,5 M E ALTURA DE *1,00* M, INCLUINDO DIAGONAL, BARRAS DE LIGACAO, SAPATAS OU RODIZIOS E DEMAIS ITENS NECESSARIOS A MONTAGEM (NAO INCLUI INSTALACAO)","Equipamento",null,"MXMES",1,19.8,19.8]
[{"$nulls":4},"MO sem LS =>",0,"LS =>",0,"MO com LS =>",0]
[{"$nulls":4},"Valor do BDI =>",null,null,"Valor com BDI =>",null,23.83]
[{"$nulls":6},"Quant. =>","240,00","Preço Total =>",5719.2]
[]
[" 10 ",null,null,"COMBATE A INCÊNDIO",{"$nulls":5},7465.2]
[null,"Código","Banco","Descrição","Tipo",null,"Und","Quant.","Valor Unit","Total"]
["Insumo"," 00010886 ","SINAPI","EXTINTOR DE INCENDIO PORTATIL COM CARGA DE AGUA PRESSURIZADA DE 10 L, CLASSE A","Material",null,"UN",1,262.5,262.5]
[{"$nulls":4},"MO sem LS =>",0,"LS =>",0,"MO com LS =>",0]
[{"$nulls":4},"Valor do BDI =>",null,null,"Valor com BDI =>",null,315.97000000000003]
[{"$nulls":6},"Quant. =>","10,00","Preço Total =>",3159.7]
[]
[null,"Código","Banco","Descrição","Tipo",null,"Und","Quant.","Valor Unit","Total"]
["Insumo"," 00020977 ","SINAPI","EXTINTOR DE INCENDIO PORTATIL COM CARGA DE PO QUIMICO SECO (PQS) DE 8 KG, CLASSE BC","Material",null,"UN",1,357.69,357.69]
[{"$nulls":4},"MO sem LS =>",0,"LS =>",0,"MO com LS =>",0]
[{"$nulls":4},"Valor do BDI =>",null,null,"Valor com BDI =>",null,430.55]
[{"$nulls":6},"Quant. =>","10,00","Preço Total =>",4305.5]
[]
[]
[{"$nulls":5},"Total sem BDI",null,128670.75]
[{"$nulls":5},"Total do BDI",null,34597.26]
[{"$nulls":5},"Total Geral",null,163268.01]
[]
["_______________________________________________________________\n\n"]

{"sheet":"BDI Serviços Desonerado","index":2,"n_rows":28,"n_cols":12,"rows_kept":28,"cut":false,"hidden":false,"merged":[[27,0,27,10],[22,1,22,10],[23,1,23,10],[24,0,24,11],[25,0,25,7],[25,8,25,11],[26,0,26,11],[21,1,21,10],[10,1,10,10],[11,1,11,10],[12,1,12,11],[13,1,13,10],[14,1,14,10],[15,1,15,11],[16,1,16,10],[17,1,17,10],[18,1,18,11],[19,1,19,10],[20,1,20,10],[9,1,9,11],[0,5,0,7],[0,8,0,11],[1,5,1,7],[1,8,1,11],[2,0,2,11],[3,1,3,11],[4,1,4,10],[5,1,5,10],[6,1,6,11],[7,1,7,10],[8,1,8,10]]}
[null,null,null,"Obra","Bancos","B.D.I.",null,null,"Encargos Sociais"]
[null,null,null,"Contratação de serviços de manutenção predial e de adaptações, sob demanda, para imóveis utilizados pela 13ª Superintendência Regional, nos municípios da região metropolitana de João Pessoa, no Estado da Paraíba.","SINAPI - 07/2025 - Paraíba\nSBC - 08/2025 - Paraíba\nORSE - 05/2025 - Sergipe\n",0.27529999999999999,null,null,"Desonerado: \nHorista: 84,85%\nMensalista: 46,62%"]
["BDI Serviços desonerado"]
["GRUPO A","TAXA ADMINISTRATIVA DA ADMINISTRAÇÃO CENTRAL"]
[1,"Administração Central",{"$nulls":9},"4,00%"]
[null,"Total do Grupo",{"$nulls":9},"4,00%"]
["GRUPO B","TAXA REPRESENTATIVA DOS RISCOS"]
[1,"Riscos",{"$nulls":9},"1,27%"]
[null,"Total do Grupo",{"$nulls":9},"1,27%"]
["GRUPO C","TAXA REPRESENTATIVA SEGURO GARANTIA"]
[1,"Risco",{"$nulls":9},0]
[null,"Total do Grupo",{"$nulls":9},0]
["GRUPO D","TAXA REPRESENTATIVA DAS DESPESAS FINANCEIRAS"]
[1,"Despesas Financeiras",{"$nulls":9},"1,39%"]
[null,"Total do Grupo",{"$nulls":9},"1,39%"]
["GRUPO E","TAXA REPRESENTATIVA DO LUCRO"]
[1,"Lucro",{"$nulls":9},"6,16%"]
[null,"Total do Grupo",{"$nulls":9},"6,16%"]
["GRUPO F","TAXA REPRESENTATIVA DA INCIDÊNCIA DOS IMPOSTOS ( SOBRE O FATURAMENTO DA EMPRESA )"]
[1,"ISS (IMPOSTO SOBRE SERVIÇOS) - MUNICIPAL",{"$nulls":9},"3,00%"]
[2,"COFINS - FEDERAL",{"$nulls":9},"3,00%"]
[3,"PIS (PROGRAMA DE INTREGRAÇÃO SOCIAL) - FEDERAL",{"$nulls":9},"0,65%"]
[4,"CRB -CONTRIBUIÇÂO INSS (DESONERAÇÂO)",{"$nulls":9},"4,50%"]
[null,"Total do Grupo",{"$nulls":9},"11,15%"]
[]
["FÓRMULA PARA O CÁLCULO DO BDI",{"$nulls":7},"(((1+A+B+C)*(1+D)*(1+E)/(1-F))-1)"]
[]
["Bonificação sobre despesas indiretas (B.D.I)=",{"$nulls":10},0.27529999999999999]

{"sheet":"BDI Fornecimento Desonerado","index":3,"n_rows":28,"n_cols":12,"rows_kept":28,"cut":false,"hidden":false,"merged":[[27,0,27,10],[22,1,22,10],[23,1,23,10],[24,0,24,11],[25,0,25,7],[25,8,25,11],[26,0,26,11],[21,1,21,10],[10,1,10,10],[11,1,11,10],[12,1,12,11],[13,1,13,10],[14,1,14,10],[15,1,15,11],[16,1,16,10],[17,1,17,10],[18,1,18,11],[19,1,19,10],[20,1,20,10],[9,1,9,11],[0,5,0,7],[0,8,0,11],[1,5,1,7],[1,8,1,11],[2,0,2,11],[3,1,3,11],[4,1,4,10],[5,1,5,10],[6,1,6,11],[7,1,7,10],[8,1,8,10]]}
[null,null,null,"Obra","Bancos","B.D.I.",null,null,"Encargos Sociais"]
[null,null,null,"Contratação de serviços de manutenção predial e de adaptações, sob demanda, para imóveis utilizados pela 13ª Superintendência Regional, nos municípios da região metropolitana de João Pessoa, no Estado da Paraíba.","SINAPI - 07/2025 - Paraíba\nSBC - 08/2025 - Paraíba\nORSE - 05/2025 - Sergipe\n",0.27529999999999999,null,null,"Desonerado: \nHorista: 84,85%\nMensalista: 46,62%"]
["BDI Fornecimento desonerado"]
["GRUPO A","TAXA ADMINISTRATIVA DA ADMINISTRAÇÃO CENTRAL"]
[1,"Administração Central",{"$nulls":9},3.4500000000000003E-2]
[null,"Total do Grupo",{"$nulls":9},3.4500000000000003E-2]
["GRUPO B","TAXA REPRESENTATIVA DOS RISCOS"]
[1,"Riscos",{"$nulls":9},8.5000000000000006E-3]
[null,"Total do Grupo",{"$nulls":9},8.5000000000000006E-3]
["GRUPO C","TAXA REPRESENTATIVA SEGURO GARANTIA"]
[1,"Risco",{"$nulls":9},0]
[null,"Total do Grupo",{"$nulls":9},0]
["GRUPO D","TAXA REPRESENTATIVA DAS DESPESAS FINANCEIRAS"]
[1,"Despesas Financeiras",{"$nulls":9},8.5000000000000006E-3]
[null,"Total do Grupo",{"$nulls":9},8.5000000000000006E-3]
["GRUPO E","TAXA REPRESENTATIVA DO LUCRO"]
[1,"Lucro",{"$nulls":9},5.11E-2]
[null,"Total do Grupo",{"$nulls":9},5.11E-2]
["GRUPO F","TAXA REPRESENTATIVA DA INCIDÊNCIA DOS IMPOSTOS ( SOBRE O FATURAMENTO DA EMPRESA )"]
[1,"ISS (IMPOSTO SOBRE SERVIÇOS) - MUNICIPAL",{"$nulls":9},0]
[2,"COFINS - FEDERAL",{"$nulls":9},"3,00%"]
[3,"PIS (PROGRAMA DE INTREGRAÇÃO SOCIAL) - FEDERAL",{"$nulls":9},"0,65%"]
[4,"CRB -CONTRIBUIÇÂO INSS (DESONERAÇÂO)",{"$nulls":9},"4,50%"]
[null,"Total do Grupo",{"$nulls":9},8.1500000000000003E-2]
[]
["FÓRMULA PARA O CÁLCULO DO BDI",{"$nulls":7},"(((1+A+B+C)*(1+D)*(1+E)/(1-F))-1)"]
[]
["Bonificação sobre despesas indiretas (B.D.I)=",{"$nulls":10},0.20369999999999999]

{"sheet":"Encargos Sociais","index":4,"n_rows":33,"n_cols":4,"rows_kept":33,"cut":false,"hidden":false,"merged":[[0,1,0,3],[32,0,32,1]]}
[" ","Encargos Sociais PB 2025"]
["Código","Descrição","Desonerado Horista","Desonerado Mensalista"]
["Grupo A","-",0.16800000000000001,0.16800000000000001]
["A1","INSS",0,0]
["A2","SESI",1.4999999999999999E-2,1.4999999999999999E-2]
["A3","SENAI",0.01,0.01]
["A4","INCRA",2E-3,2E-3]
["A5","SEBRAE",6.0000000000000001E-3,6.0000000000000001E-3]
["A6","Salário Educação",2.5000000000000001E-2,2.5000000000000001E-2]
["A7","Seguro Contra Acidentes de Trabalho",0.03,0.03]
["A8","FGTS",0.08,0.08]
["A9","SECONCI",0,0]
["Grupo B","-",0.4854,0.18190000000000001]
["B1","Repouso Semanal Remunerado",0.18029999999999999,0]
["B2","Feriados",4.3099999999999999E-2,0]
["B3","Auxílio - Enfermidade",8.5000000000000006E-3,6.4000000000000003E-3]
["B4","13º Salário",0.1106,8.3299999999999999E-2]
["B5","Licença Paternidade",5.9999999999999995E-4,4.0000000000000002E-4]
["B6","Faltas Justificadas",7.4000000000000003E-3,5.5999999999999999E-3]
["B7","Dias de Chuvas",2.06E-2,0]
["B8","Auxílio Acidente de Trabalho",1E-3,8.0000000000000004E-4]
["B9","Férias Gozadas",0.1129,8.5099999999999995E-2]
["B10","Salário Maternidade",4.0000000000000002E-4,2.9999999999999997E-4]
["Grupo C","-",0.10979999999999999,8.2799999999999999E-2]
["C1","Aviso Prévio Indenizado",4.5699999999999998E-2,3.4500000000000003E-2]
["C2","Aviso Prévio Trabalhado",1.1000000000000001E-3,8.0000000000000004E-4]
["C3","Férias Indenizadas",3.3099999999999997E-2,2.5000000000000001E-2]
["C4","Depósito Rescisão Sem Justa Causa",2.6100000000000002E-2,1.9599999999999999E-2]
["C5","Indenização Adicional",3.8E-3,2.8999999999999998E-3]
["Grupo D","-",8.5300000000000001E-2,3.3500000000000002E-2]
["D1","Reincidência de Grupo A sobre Grupo B",8.1500000000000003E-2,3.0599999999999999E-2]
["D2","Reincidência de Grupo A sobre Aviso Prévio Trabalhado e Reincidência do FGTS sobre Aviso Prévio Indenizado",3.8E-3,2.8999999999999998E-3]
["Total(A+B+C+D)","",0.84850000000000003,0.4662]